Every Council Ward in England - Statistics

General Stats
  • This quiz has been taken 7 times
  • The average score is 851 of 6826
Answer Stats
Local authority Ward % Correct
Northumberland Berwick East
100%
Northumberland Berwick North
100%
Northumberland Berwick West with Ord
100%
Maidstone Allington and Bridge
67%
Wyre Forest Areley Kings and Riverside
67%
Lichfield Boney Hay and Central
67%
Dartford | Ipswich | Newark and Sherwood | Redbridge Bridge
67%
City of London Bridge and Bridge Without
67%
Gateshead Bridges
67%
Barnsley | City of Bristol | Herefordshire | +10 others Central
67%
Cheshire West and Chester Central and Grange
67%
Great Yarmouth Central and Northgate
67%
Halton Central and West Bank
67%
Isle of Wight Central Rural
67%
Boston | North Norfolk Coastal
67%
Medway Cuxton, Halling and Riverside
67%
East Riding of Yorkshire Dale
67%
Nottingham Dales
67%
Dover Dover Downs and River
67%
New Forest Downlands and Forest North
67%
Peterborough East
67%
East Riding of Yorkshire East Wolds and Coastal
67%
North Yorkshire Esk Valley and Coast
67%
Breckland | Horsham | Waltham Forest Forest
67%
New Forest Forest and Solent
67%
Adur | Merton | Wokingham Hillside
67%
North Yorkshire Hillside and Raskelf
67%
Leeds Hunslet and Riverside
67%
North Yorkshire Kirkbymoorside and Dales
67%
Cornwall Launceston North and North Petherwin
67%
Swindon Mannington and Western
67%
Chelmsford Moulsham and Central
67%
Peterborough | Redditch North
67%
Barnsley North East
67%
Bolton Queens Park and Central
67%
Arun River
67%
Windsor and Maidenhead Riverside
67%
Spelthorne Riverside and Laleham
67%
Epping Forest Rural East
67%
Colchester Rural North
67%
West Lancashire | West Northamptonshire Rural North East
67%
West Lancashire Rural South
67%
West Northamptonshire Rural South Northamptonshire
67%
Hartlepool | West Lancashire Rural West
67%
North Yorkshire Scalby and the Coast
67%
Luton | North East Lincolnshire South
67%
Ashfield The Dales
67%
North Yorkshire Upper Dales
67%
Boston | Malvern Hills | Peterborough West
67%
Barking and Dagenham | Buckinghamshire | Cambridge | +10 others Abbey
33%
Three Rivers Abbots Langley and Bedmond
33%
Kensington and Chelsea Abingdon
33%
Vale of White Horse Abingdon Abbey Northcourt
33%
Vale of White Horse Abingdon Caldecott
33%
Vale of White Horse Abingdon Dunmore
33%
Vale of White Horse Abingdon Fitzharris
33%
Vale of White Horse Abingdon Peachcroft
33%
West Northamptonshire Abington and Phippsville
33%
Middlesbrough Acklam
33%
Wakefield Ackworth, North Elmsall and Upton
33%
York Acomb
33%
Leeds Adel and Wharfedale
33%
Stratford-on-Avon Alcester East
33%
Stratford-on-Avon Alcester West
33%
Huntingdonshire Alconbury
33%
Dacorum Aldbury and Wigginton
33%
Cheshire East Alderley Edge
33%
Rushmoor Aldershot Park
33%
East Lindsey Alford
33%
Amber Valley Alfreton
33%
Malvern Hills Alfrick, Leigh and Rushwick
33%
Dover Alkham and Capel-le-Ferne
33%
Liverpool Allerton
33%
Derby Allestree
33%
Northumberland Alnwick Castle
33%
Northumberland Alnwick Hotspur
33%
Staffordshire Moorlands Alton
33%
East Hampshire Alton Amery
33%
East Hampshire Alton Ashdell
33%
East Hampshire Alton Eastbrooke
33%
East Hampshire Alton Holybourne
33%
East Hampshire Alton Westbrooke
33%
East Hampshire Alton Whitedown
33%
East Hampshire Alton Wooteys
33%
Derby Alvaston North
33%
Derby Alvaston South
33%
Stroud Amberley and Woodchester
33%
Northumberland Amble
33%
Northumberland Amble West with Warkworth
33%
Wiltshire Amesbury East and Bulford
33%
Wiltshire Amesbury South
33%
Wiltshire Amesbury West
33%
North West Leicestershire Appleby
33%
Westmorland and Furness Appleby and Brough
33%
Torridge Appledore
33%
Castle Point | Halton | Warrington Appleton
33%
Derby | Worcester Arboretum
33%
Cambridge | North Hertfordshire | Nuneaton and Bedworth Arbury
33%
Tendring Ardleigh and Little Bromley
33%
Central Bedfordshire Arlesey and Fairfield
33%
Telford and Wrekin Arleston and College
33%
Liverpool Arundel
33%
Arun Arundel and Walberton
33%
West Oxfordshire Ascott and Shipton
33%
Sevenoaks Ash and New Ash Green
33%
Derbyshire Dales Ashbourne North
33%
Derbyshire Dales Ashbourne South
33%
Teignbridge Ashburton and Buckfastleigh
33%
North West Leicestershire Ashby Castle
33%
North Lincolnshire Ashby Central
33%
North Kesteven Ashby-de-la-Launde, Digby and Scopwick
33%
North West Leicestershire Ashby Holywell
33%
North West Leicestershire Ashby Ivanhoe
33%
North Lincolnshire Ashby Lakeside
33%
North West Leicestershire Ashby Money Hill
33%
North West Leicestershire Ashby Willesley
33%
North West Leicestershire Ashby Woulds
33%
Spelthorne Ashford Common
33%
Spelthorne Ashford East
33%
Spelthorne Ashford North and Stanwell South
33%
Spelthorne Ashford Town
33%
North East Derbyshire Ashover
33%
Guildford Ash South
33%
Fylde | Preston Ashton
33%
Tameside Ashton Hurst
33%
Wigan Ashton-in-Makerfield South
33%
Tameside Ashton St Michael's
33%
Trafford Ashton-upon-Mersey
33%
Tameside Ashton Waterloo
33%
Guildford Ash Vale
33%
Guildford Ash Wharf
33%
Cumberland Aspatria
33%
Central Bedfordshire Aspley and Woburn
33%
Birmingham | South Derbyshire Aston
33%
Rotherham Aston and Todwick
33%
East Hertfordshire Aston, Datchworth and Walkern
33%
North Warwickshire Atherstone South and Mancetter
33%
Tameside Audenshaw
33%
Blackburn with Darwen Audley and Queen's Park
33%
Bolsover Ault Hucknall
33%
City of Bristol Avonmouth and Lawrence Weston
33%
North Lincolnshire Axholme Central
33%
North Lincolnshire Axholme North
33%
North Lincolnshire Axholme South
33%
East Devon Axminster
33%
County Durham Aycliffe North and Middridge
33%
County Durham Aycliffe South
33%
Buckinghamshire Aylesbury East
33%
Buckinghamshire Aylesbury North
33%
Buckinghamshire Aylesbury North West
33%
Buckinghamshire Aylesbury South East
33%
Buckinghamshire Aylesbury South West
33%
Buckinghamshire Aylesbury West
33%
Ashford Aylesford and East Stour
33%
Tonbridge and Malling Aylesford North and North Downs
33%
Tonbridge and Malling Aylesford South and Ditton
33%
Broadland Aylsham
33%
Stoke-on-Trent Baddeley, Milton and Norton
33%
North Warwickshire Baddesley and Grendon
33%
Staffordshire Moorlands Bagnall and Stanley
33%
Derbyshire Dales Bakewell
33%
South Ribble Bamber Bridge East
33%
South Ribble Bamber Bridge West
33%
Northumberland Bamburgh
33%
West Oxfordshire Bampton and Clanfield
33%
West Lindsey Bardney
33%
Barking and Dagenham Barking Riverside
33%
County Durham Barnard Castle
33%
Barnet Barnet Vale
33%
North Devon Barnstaple Central
33%
North Devon Barnstaple with Pilton
33%
North Devon Barnstaple with Westacott
33%
West Suffolk Barrow
33%
Charnwood Barrow-upon-Soar
33%
Canterbury | North Lincolnshire Barton
33%
New Forest Barton and Becton
33%
Oxford Barton and Sandhills
33%
Gloucester Barton and Tredworth
33%
Salford Barton and Winton
33%
Central Bedfordshire Barton-le-Clay and Silsoe
33%
Torbay Barton with Watcombe
33%
Kirklees Batley East
33%
Kirklees Batley West
33%
Wandsworth Battersea Park
33%
Reading Battle
33%
East Suffolk Beccles and Worlingham
33%
North Yorkshire Bedale
33%
Halton Beechwood and Heath
33%
Rugby Benn
33%
North Yorkshire Bentham and Ingleton
33%
Doncaster Bentley
33%
Walsall Bentley and Darlaston North
33%
Stroud Berkeley Vale
33%
Dacorum Berkhamsted Castle
33%
Dacorum Berkhamsted East
33%
Dacorum Berkhamsted West
33%
Nottingham Bestwood
33%
Gedling Bestwood St Albans
33%
Tower Hamlets Bethnal Green East
33%
Tower Hamlets Bethnal Green West
33%
Kingston-upon-Hull Beverley and Newland
33%
East Riding of Yorkshire Beverley Rural
33%
Crawley Bewbush and North Broadfield
33%
Wyre Forest Bewdley and Rock
33%
Rother Bexhill Central
33%
Rother Bexhill Collington
33%
Rother Bexhill Kewhurst
33%
Rother Bexhill Old Town and Worsham
33%
Rother Bexhill Pebsham and St Michaels
33%
Rother Bexhill Sackville
33%
Rother Bexhill Sidley
33%
Rother Bexhill St Marks
33%
Rother Bexhill St Stephens
33%
Staffordshire Moorlands Biddulph East
33%
Staffordshire Moorlands Biddulph Moor
33%
Staffordshire Moorlands Biddulph North
33%
Staffordshire Moorlands Biddulph South
33%
Staffordshire Moorlands Biddulph West
33%
Torridge Bideford East
33%
Torridge Bideford North
33%
Torridge Bideford South
33%
Torridge Bideford West
33%
Wirral Bidston and St James
33%
Buckinghamshire Bierton, Kingsbrook and Wing
33%
Bromley Biggin Hill
33%
Central Bedfordshire Biggleswade East
33%
Central Bedfordshire Biggleswade West
33%
West Northamptonshire Billing
33%
Horsham Billingshurst
33%
Wolverhampton Bilston North
33%
Wolverhampton Bilston South
33%
Rugby Bilton
33%
North Yorkshire Bilton and Nidd Gorge
33%
North Yorkshire Bilton Grange and New Park
33%
Rushcliffe Bingham North
33%
Rushcliffe Bingham South
33%
Bradford Bingley
33%
Bradford Bingley Rural
33%
East Hampshire Binsted, Bentley and Selborne
33%
Stoke-on-Trent Birches Head and Northwood
33%
County Durham Bishop Auckland
33%
Stockton-on-Tees Bishopsgarth and Elm Tree
33%
City of London Bishopsgate
33%
Somerset Bishop's Hull and Taunton West
33%
Stratford-on-Avon Bishop's Itchington, Fenny Compton and Napton
33%
East Hertfordshire Bishop's Stortford All Saints
33%
East Hertfordshire Bishop's Stortford Central
33%
East Hertfordshire Bishop's Stortford North
33%
East Hertfordshire Bishop's Stortford Parsonage
33%
East Hertfordshire Bishop's Stortford South
33%
East Hertfordshire Bishop's Stortford Thorley Manor
33%
York Bishopthorpe
33%
Surrey Heath Bisley and West End
33%
Blackburn with Darwen Blackburn Central
33%
Blackburn with Darwen Blackburn South and Lower Darwen
33%
Blackburn with Darwen Blackburn South East
33%
Test Valley Blackwater
33%
Hart Blackwater and Hawley
33%
Bolsover Blackwell
33%
Derby Blagreaves
33%
Dorset Blandford
33%
Milton Keynes Bletchley East
33%
Milton Keynes Bletchley Park
33%
Milton Keynes Bletchley West
33%
Broadland Blofield with South Walsham
33%
Walsall Bloxwich East
33%
Walsall Bloxwich West
33%
Bassetlaw Blyth
33%
East Staffordshire | Solihull Blythe
33%
St Helens Bold and Lea Green
33%
South Tyneside Boldon Colliery
33%
Bolsover Bolsover East
33%
Bolsover Bolsover North and Shuttlewood
33%
Bolsover Bolsover South
33%
Lancaster Bolton and Slyne
33%
Bradford Bolton and Undercliffe
33%
Derbyshire Dales Bonsall and Winster
33%
Chelmsford Boreham and the Leighs
33%
Hertsmere Borehamwood Brookmeadow
33%
Hertsmere Borehamwood Cowley Hill
33%
Hertsmere Borehamwood Hillside
33%
Hertsmere Borehamwood Kenilworth
33%
Southwark Borough and Bankside
33%
North Yorkshire Boroughbridge and Claro
33%
Eastleigh Botley
33%
Vale of White Horse Botley and Sunningwell
33%
Melton | North Lincolnshire Bottesford
33%
Newark and Sherwood Boughton
33%
Swale Boughton and Courtenay
33%
Tonbridge and Malling | Wyre Bourne
33%
South Kesteven Bourne Austerby
33%
South Kesteven Bourne East
33%
Bournemouth, Christchurch and Poole Bournemouth Central
33%
South Kesteven Bourne West
33%
Cotswold Bourton Vale
33%
Cotswold Bourton Village
33%
Westmorland and Furness Bowness and Lyth
33%
West Northamptonshire Brackley
33%
Stoke-on-Trent Bradeley and Chell Heath
33%
Isle of Wight Brading and St Helens
33%
Stratford-on-Avon Brailes and Compton
33%
Derbyshire Dales Brailsford
33%
Braintree Braintree Central and Beckers Green
33%
Braintree Braintree South
33%
Braintree Braintree West
33%
Middlesbrough Brambles and Thorntree
33%
Stockport Bramhall South and Woodford
33%
Basingstoke and Deane Bramley
33%
Rotherham Bramley and Ravenfield
33%
Leeds Bramley and Stanningley
33%
Waverley Bramley and Wonersh
33%
Cumberland | Huntingdonshire Brampton
33%
North East Derbyshire Brampton and Walton
33%
Chesterfield Brampton East and Boythorpe
33%
Chesterfield Brampton West and Loundsley Green
33%
King's Lynn and West Norfolk Brancaster
33%
Dartford | Somerset Brent
33%
Hounslow Brentford East
33%
Hounslow Brentford West
33%
Brentwood Brentwood North
33%
Brentwood Brentwood South
33%
Brentwood Brentwood West
33%
South Staffordshire Brewood, Coven and Blymhill
33%
North Northamptonshire Brickhill and Queensway
33%
East Riding of Yorkshire Bridlington Central and Old Town
33%
East Riding of Yorkshire Bridlington North
33%
East Riding of Yorkshire Bridlington South
33%
North Lincolnshire Brigg and Wolds
33%
Calderdale Brighouse
33%
Tendring Brightlingsea
33%
Stockport Brinnington and Stockport Central
33%
Lambeth Brixton Acre Lane
33%
Lambeth Brixton North
33%
Lambeth Brixton Rush Common
33%
Lambeth Brixton Windrush
33%
Crawley | South Ribble Broadfield
33%
Mole Valley Brockham, Betchworth, Buckland, Box Hill and Headley
33%
Cheshire East Broken Cross and Upton
33%
Bromley Bromley Common and Holwood
33%
Tower Hamlets Bromley North
33%
Tower Hamlets Bromley South
33%
Bromley Bromley Town
33%
Kensington and Chelsea Brompton and Hans Town
33%
Bromsgrove Bromsgrove Central
33%
Chelmsford Broomfield and the Walthams
33%
Milton Keynes | Salford Broughton
33%
North Lincolnshire Broughton and Scawby
33%
Harborough Broughton Astley-Primethorpe and Sutton
33%
Isles of Scilly Bryher
33%
Wigan Bryn with Ashton-in-Makerfield North
33%
Adur | Buckinghamshire Buckingham
33%
Dover Buckland
33%
Teignbridge Buckland and Milber
33%
West Devon Buckland Monachorum
33%
Trafford Bucklow-St Martins
33%
Chorley Buckshaw and Whittle
33%
Cornwall Bude
33%
East Devon Budleigh and Raleigh
33%
West Oxfordshire Burford
33%
East Lindsey Burgh-le-Marsh
33%
Buckinghamshire | Dartford Burnham
33%
Maldon Burnham-on-Crouch North
33%
Maldon Burnham-on-Crouch South
33%
Somerset Burnham-on-Sea North
33%
West Lancashire Burscough Bridge and Rufford
33%
Tandridge Burstow, Horne and Outwood
33%
East Staffordshire Burton and Eton
33%
Bournemouth, Christchurch and Poole Burton and Grange
33%
Westmorland and Furness Burton and Holme
33%
North Lincolnshire Burton-upon-Stather and Winterton
33%
Bury Bury East
33%
Bury Bury West
33%
Hertsmere Bushey Heath
33%
Hertsmere Bushey North
33%
Hertsmere Bushey Park
33%
Hertsmere Bushey St James
33%
Broadland Buxton
33%
High Peak Buxton Central
33%
Hinckley and Bosworth Cadeby, Carlton and Market Bosworth with Shackerstone
33%
Wiltshire Calne Central
33%
Wiltshire Calne Chilvester and Abberd
33%
Wiltshire Calne North
33%
Wiltshire Calne Rural
33%
Wiltshire Calne South
33%
North Yorkshire Camblesforth and Carlton
33%
Cornwall Camborne Roskear and Tuckingmill
33%
Cornwall Camborne Trelowarren
33%
Cornwall Camborne West and Treswithian
33%
South Cambridgeshire Cambourne
33%
Camden Camden Square
33%
Camden Camden Town
33%
Stroud Cam East
33%
Cornwall Camelford and Boscastle
33%
Kensington and Chelsea Campden
33%
Cotswold Campden and Vale
33%
Stroud Cam West
33%
Tower Hamlets Canary Wharf
33%
Cannock Chase Cannock Longford and Bridgtown
33%
Cannock Chase Cannock Park and Old Fallow
33%
Mole Valley Capel, Leigh, Newdigate and Charlwood
33%
Babergh Capel St Mary
33%
Oxford Carfax and Jericho
33%
Isle of Wight Carisbrooke and Gunville
33%
Bassetlaw | Gedling Carlton
33%
East Suffolk Carlton and Whitton
33%
Gedling Carlton Hill
33%
Sutton Carshalton Central
33%
Sutton Carshalton South and Clockhouse
33%
Cambridge | Colchester | Cumberland | +15 others Castle
33%
Bedford Castle and Newnham
33%
Dudley Castle and Priory
33%
Somerset Castle Cary
33%
Wakefield Castleford Central and Glasshoughton
33%
Malvern Hills Castlemorton, Welland and Wells
33%
Rochdale Castleton
33%
Worcester Cathedral
33%
North Yorkshire Catterick Village and Brompton-on-Swale
33%
Ealing Central Greenford
33%
Thanet Central Harbour
33%
Brighton and Hove Central Hove
33%
Milton Keynes Central Milton Keynes
33%
Rochdale Central Rochdale
33%
South Norfolk Central Wymondham
33%
Derby Chaddesden East
33%
Derby Chaddesden North
33%
Derby Chaddesden West
33%
Newcastle-upon-Tyne Chapel
33%
High Peak Chapel East
33%
East Lindsey Chapel St Leonards
33%
High Peak Chapel West
33%
Somerset Chard North
33%
Somerset Chard South
33%
Portsmouth Charles Dickens
33%
Manchester Charlestown
33%
South Gloucestershire Charlton and Cribbs
33%
Test Valley Charlton and the Pentons
33%
Greenwich Charlton Hornfair
33%
Cheltenham Charlton Kings
33%
Cheltenham Charlton Park
33%
Greenwich Charlton Village and Riverside
33%
Medway Chatham Central and Brompton
33%
Derbyshire Dales Chatsworth
33%
Fenland Chatteris North and Manea
33%
Fenland Chatteris South
33%
Stockport Cheadle East and Cheadle Hulme North
33%
Stockport Cheadle Hulme South
33%
Staffordshire Moorlands Cheadle North East
33%
Staffordshire Moorlands Cheadle South East
33%
Staffordshire Moorlands Cheadle West
33%
Stockport Cheadle West and Gatley
33%
Somerset Cheddar
33%
Derby Chellaston and Shelton Lock
33%
Kensington and Chelsea Chelsea Riverside
33%
Runnymede Chertsey Riverside
33%
Runnymede Chertsey St Ann's
33%
Buckinghamshire Chesham North
33%
Buckinghamshire Chesham South
33%
Broxbourne Cheshunt North
33%
Broxbourne Cheshunt South and Theobalds
33%
Kingston-upon-Thames Chessington South and Malden Rushett
33%
Cheshire West and Chester Chester City and the Garden Quarter
33%
County Durham Chester-le-Street North
33%
County Durham Chester-le-Street South
33%
Cotswold Chesterton
33%
Chichester Chichester Central
33%
Chichester Chichester East
33%
Chichester Chichester North
33%
Chichester Chichester South
33%
Chichester Chichester West
33%
Waverley Chiddingfold
33%
Epping Forest Chigwell with Lambourne
33%
County Durham | Mid Suffolk Chilton
33%
Wiltshire Chippenham Cepen Park and Derriads
33%
Wiltshire Chippenham Cepen Park and Hunters Moon
33%
Wiltshire Chippenham Hardenhuish
33%
Wiltshire Chippenham Hardens and Central
33%
Wiltshire Chippenham Lowden and Rowden
33%
Wiltshire Chippenham Monkton
33%
Wiltshire Chippenham Pewsham
33%
Wiltshire Chippenham Sheldon
33%
Ribble Valley Chipping
33%
West Oxfordshire Chipping Norton
33%
South Gloucestershire Chipping Sodbury and Cotswold Edge
33%
Hounslow Chiswick Gunnersbury
33%
Hounslow Chiswick Homefields
33%
Hounslow Chiswick Riverside
33%
Chorley Chorley East
33%
Chorley Chorley North and Astley
33%
Chorley Chorley North East
33%
Chorley Chorley North West
33%
Chorley Chorley South East and Heath Charnock
33%
Chorley Chorley South West
33%
Three Rivers Chorleywood North and Sarratt
33%
Three Rivers Chorleywood South and Maple Cross
33%
Bournemouth, Christchurch and Poole Christchurch Town
33%
Cheshire West and Chester Christleton and Huntington
33%
Teignbridge Chudleigh
33%
North Devon Chulmleigh
33%
Hyndburn | Liverpool | Reading | Sefton Church
33%
Telford and Wrekin Church Aston and Lilleshall
33%
Slough Cippenham Green
33%
Slough Cippenham Manor
33%
Slough Cippenham Village
33%
Bradford | Sheffield City
33%
Preston City Centre
33%
Liverpool City Centre North
33%
Liverpool City Centre South
33%
Bedford Clapham and Oakley
33%
Lambeth Clapham Common and Abbeville
33%
Lambeth Clapham East
33%
Lambeth Clapham Park
33%
Lambeth Clapham Town
33%
Uttlesford Clavering
33%
South Tyneside Cleadon and East Boldon
33%
Cumberland Cleator Moor East and Frizington
33%
Cumberland Cleator Moor West
33%
Shropshire Clee
33%
North Somerset Clevedon East
33%
North Somerset Clevedon South
33%
North Somerset Clevedon Walton
33%
North Somerset Clevedon West
33%
North Somerset Clevedon Yeo
33%
North Yorkshire Cliffe and North Duffield
33%
Blackpool | City of Bristol | York Clifton
33%
City of Bristol Clifton Down
33%
Nottingham Clifton East
33%
Central Bedfordshire Clifton, Henlow and Langford
33%
Rugby Clifton, Newton and Churchover
33%
Nottingham Clifton West
33%
Torbay Clifton with Maidenway
33%
Bolsover Clowne East
33%
Bolsover Clowne West
33%
Shropshire Clun
33%
North East Derbyshire Coal Aston
33%
Stroud Coaley and Uley
33%
North West Leicestershire Coalville East
33%
North West Leicestershire Coalville West
33%
Cumberland Cockermouth North
33%
Cumberland Cockermouth South
33%
West Northamptonshire Cogenhoe and the Houghtons
33%
Winchester Colden Common and Twyford
33%
Dorset Colehill and Wimborne Minster East
33%
Hillingdon Colham and Cowley
33%
Cheltenham | Darlington | Epsom and Ewell | +2 others College
33%
Northumberland College with North Seaton
33%
Shropshire Column and Sutton
33%
Plymouth Compton
33%
Cornwall Constantine, Mabe and Mawnan
33%
Kingston-upon-Thames Coombe Hill
33%
Kingston-upon-Thames Coombe Vale
33%
York Copmanthorpe
33%
Mid Sussex Copthorne and Worth
33%
Cumberland Corby and Hayton
33%
North Northamptonshire Corby West
33%
Blaby Cosby and South Whetstone
33%
Stafford Coton
33%
Rugby Coton and Boughton
33%
Rushmoor Cove and Southwood
33%
Isle of Wight Cowes Medina
33%
Isle of Wight Cowes North
33%
Isle of Wight Cowes South and Northwood
33%
Isle of Wight Cowes West and Gurnard
33%
Oxford Cowley
33%
Mid Devon Crediton Boniface
33%
Mid Devon Crediton Lawrence
33%
Cheshire East Crewe Central
33%
Cheshire East Crewe East
33%
Cheshire East Crewe North
33%
Cheshire East Crewe South
33%
Cheshire East Crewe St Barnabas
33%
Cheshire East Crewe West
33%
Amber Valley Crich and South Wingfield
33%
Wakefield Crofton, Ryhill and Walton
33%
Derbyshire Dales Cromford and Matlock Bath
33%
North Lincolnshire Crosby and Park
33%
Kirklees Crosland Moor and Netherton
33%
Liverpool Croxteth
33%
Liverpool Croxteth Country Park
33%
Croydon Crystal Palace and Upper Norwood
33%
Warwick Cubbington and Leek Wootton
33%
North Tyneside Cullercoats and Whitley Bay South
33%
Mid Devon Cullompton Padbrook
33%
Mid Devon Cullompton St Andrews
33%
Mid Devon Cullompton Vale
33%
Somerset Curry Rivel and Langport
33%
Cumberland Dalston and Burgh
33%
Kirklees Dalton
33%
County Durham Dalton and Dawdon
33%
Rotherham Dalton and Thrybergh
33%
Westmorland and Furness Dalton North
33%
Westmorland and Furness Dalton South
33%
Milton Keynes Danesborough and Walton
33%
Walsall Darlaston South
33%
Derby Darley
33%
South Hams Dartmouth and East Dart
33%
Blackburn with Darwen Darwen East
33%
Blackburn with Darwen Darwen South
33%
Blackburn with Darwen Darwen West
33%
West Northamptonshire Daventry North East
33%
West Northamptonshire Daventry North West
33%
West Northamptonshire Daventry South
33%
Telford and Wrekin Dawley and Aqueduct
33%
Teignbridge Dawlish North East
33%
Teignbridge Dawlish South West
33%
Manchester Deansgate
33%
Cumberland Dearham and Broughton
33%
East Suffolk Deben
33%
Mid Suffolk Debenham
33%
County Durham Derwent and Pont Valley
33%
North Yorkshire Derwent Valley and Moor
33%
North Northamptonshire Desborough
33%
Kirklees Dewsbury East
33%
Kirklees Dewsbury South
33%
Kirklees Dewsbury West
33%
Manchester Didsbury East
33%
Manchester Didsbury West
33%
South Norfolk Diss and Roydon
33%
Halton Ditton, Hale Village and Halebank
33%
South Holland Donington, Quadring and Gosberton
33%
Dorset Dorchester East
33%
Dorset Dorchester Poundbury
33%
Dorset Dorchester West
33%
Mole Valley Dorking North
33%
Mole Valley Dorking South
33%
Wigan Douglas
33%
East Staffordshire Dove
33%
Derbyshire Dales Dovedale, Parwich and Brassington
33%
Derbyshire Dales Doveridge and Sudbury
33%
Lewisham Downham
33%
King's Lynn and West Norfolk Downham Old Town
33%
East Cambridgeshire Downham Villages
33%
West Berkshire Downlands
33%
Wiltshire Downton and Ebble Valley
33%
Stafford Doxey and Castletown
33%
Wychavon Drakes Broughton, Norton and Whittington
33%
Erewash Draycott and Risley
33%
East Riding of Yorkshire Driffield and Rural
33%
Wychavon Droitwich East
33%
Wychavon Droitwich South East
33%
Wychavon Droitwich South West
33%
Wychavon Droitwich West
33%
North East Derbyshire Dronfield North
33%
North East Derbyshire Dronfield South
33%
North East Derbyshire Dronfield Woodhouse
33%
Amber Valley Duffield and Quarndon
33%
Central Bedfordshire Dunstable Central
33%
Central Bedfordshire Dunstable East
33%
Central Bedfordshire Dunstable North
33%
Central Bedfordshire Dunstable South
33%
Central Bedfordshire Dunstable West
33%
Exeter Duryard and St James
33%
Ealing Ealing Broadway
33%
Ealing Ealing Common
33%
North Northamptonshire Earls Barton
33%
Barnet East Barnet
33%
Darlington Eastbourne
33%
Rushcliffe East Bridgford
33%
Cambridge East Chesterton
33%
Isle of Wight East Cowes
33%
King's Lynn and West Norfolk East Downham
33%
East Suffolk Eastern Felixstowe
33%
Rother Eastern Rother
33%
North Yorkshire Eastfield
33%
West Suffolk Eastgate
33%
Greenwich East Greenwich
33%
Newham East Ham
33%
Wirral Eastham
33%
Newham East Ham South
33%
Eastleigh Eastleigh Central
33%
Eastleigh Eastleigh North
33%
Eastleigh Eastleigh South
33%
Tonbridge and Malling East Malling, West Malling and Offham
33%
Portsmouth Eastney and Craneswater
33%
City of Bristol | South Norfolk Easton
33%
Wolverhampton East Park
33%
Bassetlaw East Retford East
33%
Bassetlaw East Retford North
33%
Bassetlaw East Retford South
33%
Bassetlaw East Retford West
33%
Lewes East Saltdean and Telscombe Cliffs
33%
Thurrock East Tilbury
33%
Ribble Valley East Whalley, Read and Simonstone
33%
Broxtowe Eastwood Hall
33%
Broxtowe Eastwood Hilltop
33%
Broxtowe Eastwood St Mary's
33%
Norwich Eaton
33%
Dartford Ebbsfleet
33%
Salford Eccles
33%
Stafford Eccleshall
33%
Wychavon Eckington
33%
North East Derbyshire Eckington North
33%
North East Derbyshire Eckington South and Renishaw
33%
Liverpool Edge Hill
33%
Barnet | Harrow Edgware
33%
Newark and Sherwood Edwinstowe and Clipstone
33%
Shropshire Ellesmere Urban
33%
Fenland Elm and Christchurch
33%
Gosport Elson
33%
East Cambridgeshire Ely East
33%
East Cambridgeshire Ely North
33%
East Cambridgeshire Ely West
33%
Havant Emsworth
33%
Enfield Enfield Lock
33%
Epping Forest Epping East
33%
Epping Forest Epping West and Rural
33%
Elmbridge Esher
33%
Cannock Chase Etching Hill and the Heath
33%
Windsor and Maidenhead Eton and Castle
33%
South Derbyshire Etwall
33%
Epsom and Ewell Ewell Court
33%
Epsom and Ewell Ewell Village
33%
Mid Suffolk Eye
33%
Peterborough Eye, Thorney and Newborough
33%
North Yorkshire Fairfax and Starbeck
33%
Croydon | Stockton-on-Tees Fairfield
33%
Warrington Fairfield and Howley
33%
Bexley Falconwood and Welling
33%
Cornwall Falmouth Arwenack
33%
Cornwall Falmouth Boslowick
33%
Cornwall Falmouth Penwerris
33%
Cornwall Falmouth Trescobeas and Budock
33%
North Yorkshire Falsgrave and Stepney
33%
West Northamptonshire Far Cotton, Delapre and Briar Hill
33%
Sevenoaks Fawkham and West Kingsdown
33%
New Forest Fawley, Blackfield, Calshot and Langley
33%
Gateshead Felling
33%
Pendle Fence and Higham
33%
Dorset Ferndown North
33%
Dorset Ferndown South
33%
North Yorkshire Filey
33%
York Fishergate
33%
South Holland Fleet
33%
Hart Fleet Central
33%
Hart Fleet East
33%
Hart Fleet West
33%
Uttlesford Flitch Green and Little Dunmow
33%
Central Bedfordshire Flitwick
33%
Sefton Ford
33%
East Cambridgeshire Fordham and Isleham
33%
New Forest Fordingbridge, Godshill and Hyde
33%
Cornwall Fowey, Tywardreath and Par
33%
Isle of Wight Freshwater North and Yarmouth
33%
Tendring Frinton
33%
Somerset Frome East
33%
Somerset Frome North
33%
Somerset Frome West
33%
Stafford Fulford
33%
York Fulford and Heslington
33%
Hammersmith and Fulham Fulham Reach
33%
Hammersmith and Fulham Fulham Town
33%
Richmond-upon-Thames Fulwell and Hampton Hill
33%
Ipswich Gainsborough
33%
West Lindsey Gainsborough East
33%
West Lindsey Gainsborough North
33%
West Lindsey Gainsborough South West
33%
Gedling Gedling
33%
Buckinghamshire Gerrards Cross and Denham
33%
Dorset Gillingham
33%
Medway Gillingham North
33%
Medway Gillingham South
33%
Somerset Glastonbury
33%
North Yorkshire Glusburn, Cross Hills and Sutton-in-Craven
33%
Waverley Godalming Binscombe and Charterhouse
33%
Waverley Godalming Central and Ockford
33%
Waverley Godalming Farncombe and Catteshall
33%
Waverley Godalming Holloway
33%
Huntingdonshire Godmanchester and Hemingford Abbots
33%
East Riding of Yorkshire Goole North
33%
East Riding of Yorkshire Goole South
33%
Great Yarmouth Gorleston
33%
Crawley Gossops Green and North East Broadfield
33%
South Kesteven Grantham Arnoldfield
33%
South Kesteven Grantham Barrowby Gate
33%
South Kesteven Grantham Earlesfield
33%
South Kesteven Grantham Harrowby
33%
South Kesteven Grantham Springfield
33%
South Kesteven Grantham St Vincent's
33%
South Kesteven Grantham St Wulfram's
33%
East Hertfordshire Great Amwell and Stansteads
33%
Sandwell Great Barr with Yew Tree
33%
Cheshire West and Chester Great Boughton
33%
Stoke-on-Trent Great Chell and Packmoor
33%
Uttlesford Great Dunmow North
33%
Uttlesford Great Dunmow South and Barnston
33%
Bracknell Forest Great Hollands
33%
Malvern Hills Great Malvern
33%
Rossendale Greenfield and Eden
33%
Ealing Greenford Broadway
33%
Redditch Greenlands and Lakeside
33%
Kingston-upon-Thames Green Lane and St James
33%
Greenwich Greenwich Creekside
33%
Greenwich Greenwich Park
33%
Greenwich Greenwich Peninsula
33%
York Guildhall
33%
Redcar and Cleveland Guisborough
33%
Leeds Guiseley and Rawdon
33%
East Suffolk Gunton and St Margarets
33%
Dover Guston, Kingsdown and St Margaret's-at-Cliffe
33%
Cornwall Gwinear-Gwithian and Hayle East
33%
Hackney Hackney Central
33%
Hackney Hackney Downs
33%
Hackney Hackney Wick
33%
Buckinghamshire Haddenham and Stone
33%
High Peak Hadfield North
33%
High Peak Hadfield South
33%
Babergh Hadleigh North
33%
Babergh Hadleigh South
33%
Castle Point Hadleigh St James
33%
Hackney Haggerston
33%
Trafford Hale
33%
Trafford Hale Barns and Timperley South
33%
Dudley Halesowen North
33%
Dudley Halesowen South
33%
Erewash Hallam Fields
33%
Spelthorne Halliford and Sunbury West
33%
Malvern Hills Hallow and Holt
33%
Sevenoaks Halstead, Knockholt and Badgers Mount
33%
Braintree Halstead St Andrew's
33%
Braintree Halstead Trinity
33%
Halton Halton Castle
33%
Halton Halton Lea
33%
Halton Halton View
33%
Lancaster Halton-with-Aughton and Kellet
33%
Northumberland Haltwhistle
33%
Plymouth Ham
33%
Eastleigh Hamble and Netley
33%
Hammersmith and Fulham Hammersmith Broadway
33%
Lichfield Hammerwich with Wall
33%
Richmond-upon-Thames Ham, Petersham and Richmond Riverside
33%
Camden Hampstead Town
33%
Herefordshire | Richmond-upon-Thames | Wychavon Hampton
33%
Richmond-upon-Thames Hampton North
33%
Richmond-upon-Thames Hampton Wick and South Teddington
33%
Cheshire East Handforth
33%
Stoke-on-Trent Hanley Park, Joiner's Square and Shelton
33%
Brighton and Hove Hanover and Elm Grove
33%
Burnley Hapton with Park
33%
East Suffolk Harbour and Normanston
33%
Gosport Harbourside and Town
33%
Stratford-on-Avon Harbury
33%
North Yorkshire Harlow and St Georges
33%
St Albans Harpenden East
33%
St Albans Harpenden North and Rural
33%
St Albans Harpenden South
33%
St Albans Harpenden West
33%
Haringey Harringay
33%
Harrow Harrow-on-the-Hill
33%
Harrow Harrow Weald
33%
Hartlepool Hart
33%
Cheshire West and Chester Hartford and Greenbank
33%
Swale Hartlip, Newington and Upchurch
33%
Stoke-on-Trent Hartshill Park and Stoke
33%
Wychavon Harvington and Norton
33%
Tendring Harwich and Kingsway
33%
Waverley Haslemere East
33%
Waverley Haslemere West
33%
Doncaster Hatfield
33%
Welwyn Hatfield Hatfield Central
33%
Welwyn Hatfield Hatfield East
33%
Welwyn Hatfield Hatfield South West
33%
Welwyn Hatfield Hatfield Villages
33%
Derbyshire Dales Hathersage
33%
South Derbyshire Hatton
33%
Darlington Haughton and Springfield
33%
Havant Havant St Faith's
33%
West Suffolk Haverhill Central
33%
West Suffolk Haverhill East
33%
West Suffolk Haverhill North
33%
West Suffolk Haverhill South
33%
West Suffolk Haverhill South East
33%
West Suffolk Haverhill West
33%
Havering Havering-atte-Bower
33%
Tunbridge Wells Hawkhurst, Sandhurst and Benenden
33%
York Haxby and Wigginton
33%
Northumberland Haydon and Hadrian
33%
Bromley Hayes and Coney Hall
33%
Hillingdon Hayes Town
33%
High Peak Hayfield
33%
Telford and Wrekin Haygate and Park
33%
Cornwall Hayle West
33%
Havant Hayling East
33%
Havant Hayling West
33%
Mid Sussex Haywards Heath Ashenground
33%
Mid Sussex Haywards Heath Bentswood and Heath
33%
Mid Sussex Haywards Heath Franklands
33%
Mid Sussex Haywards Heath Lucastes and Bolnore
33%
Mid Sussex Haywards Heath North
33%
Stafford Haywood and Hixon
33%
Leeds Headingley and Hyde Park
33%
Hartlepool Headland and Harbour
33%
West Northamptonshire Headlands
33%
Amber Valley Heanor East
33%
Amber Valley Heanor West and Loscoe
33%
Barking and Dagenham | Dartford | East Staffordshire | Nuneaton and Bedworth Heath
33%
Central Bedfordshire Heath and Reach
33%
Richmond-upon-Thames Heathfield
33%
Wealden Heathfield North
33%
Wealden Heathfield South
33%
Hillingdon Heathrow Villages
33%
Bradford | Havering | Newcastle-upon-Tyne Heaton
33%
Bolton Heaton, Lostock and Chew Moor
33%
Stockport Heatons North
33%
Stockport Heatons South
33%
South Tyneside Hebburn North
33%
South Tyneside Hebburn South
33%
Kirklees Heckmondwike
33%
Rotherham Hellaby and Maltby West
33%
Dacorum Hemel Hempstead Town
33%
Huntingdonshire Hemingford Grey and Houghton
33%
Medway Hempstead and Wigmore
33%
Wakefield Hemsworth
33%
Haringey Hermitage and Gardens
33%
Canterbury Herne and Broomfield
33%
East Hertfordshire Hertford Bengeo
33%
East Hertfordshire Hertford Castle
33%
East Hertfordshire Hertford Heath and Brickendon
33%
East Hertfordshire Hertford Kingsmead
33%
East Hertfordshire Hertford Rural
33%
East Hertfordshire Hertford Sele
33%
East Riding of Yorkshire Hessle
33%
Wirral Heswall
33%
Sunderland Hetton
33%
York Heworth
33%
York Heworth Without
33%
Northumberland Hexham East
33%
Northumberland Hexham North
33%
Northumberland Hexham West
33%
Lancaster Heysham Central
33%
Lancaster Heysham North
33%
Lancaster Heysham South
33%
Tonbridge and Malling Higham
33%
Gravesham Higham and Shorne
33%
North Northamptonshire Higham Ferrers
33%
Somerset Highbridge and Burnham South
33%
North Yorkshire High Harrogate and Kingsley
33%
Maidstone | Waltham Forest High Street
33%
Sheffield Hillsborough
33%
South Derbyshire Hilton
33%
South Staffordshire Himley and Swindon
33%
South Norfolk Hingham and Deopham
33%
North Hertfordshire Hitchin Bearton
33%
North Hertfordshire Hitchin Highbury
33%
North Hertfordshire Hitchin Oughton
33%
North Hertfordshire Hitchin Priory
33%
North Hertfordshire Hitchin Walsworth
33%
Rochford Hockley
33%
Rochford Hockley and Ashingdon
33%
Coventry Holbrook
33%
Horsham Holbrook East
33%
Horsham Holbrook West
33%
Newcastle-under-Lyme Holditch and Chesterton
33%
York Holgate
33%
Kensington and Chelsea Holland
33%
Islington Holloway
33%
Mansfield Holly Forest Town
33%
North East Derbyshire Holmewood and Heath
33%
Mole Valley Holmwoods and Beare Green
33%
North Norfolk | Wiltshire Holt
33%
Northumberland | Oxford | Watford Holywell
33%
Huntingdonshire Holywell-cum-Needingworth
33%
Ipswich Holywells
33%
East Devon Honiton St Michael's
33%
East Devon Honiton St Paul's
33%
Kingston-upon-Thames Hook and Chessington North
33%
Reigate and Banstead Horley East and Salfords
33%
East Lindsey Horncastle
33%
Haringey Hornsey
33%
City of Bristol Hotwells and Harbourside
33%
Sunderland Houghton
33%
Cumberland Houghton and Irthington
33%
East Riding of Yorkshire Howden
33%
Hackney Hoxton East and Shoreditch
33%
Wirral Hoylake and Meols
33%
Ashfield Hucknall Central
33%
Ashfield Hucknall North
33%
Ashfield Hucknall South
33%
Ashfield Hucknall West
33%
Derbyshire Dales Hulland
33%
Rochford Hullbridge
33%
York Hull Road
33%
Manchester Hulme
33%
North East Lincolnshire Humberston and New Waltham
33%
North Yorkshire Hunmanby and Sherburn
33%
Huntingdonshire Huntingdon East
33%
Huntingdonshire Huntingdon North
33%
South Staffordshire Huntington and Hatherton
33%
York Huntington and New Earswick
33%
Windsor and Maidenhead Hurley and Walthams
33%
Tameside Hyde Godley
33%
Tameside Hyde Newton
33%
City of Westminster Hyde Park
33%
Tameside Hyde Werneth
33%
Nottingham Hyson Green and Arboretum
33%
Folkestone and Hythe Hythe
33%
New Forest Hythe Central
33%
Folkestone and Hythe Hythe Rural
33%
New Forest Hythe South
33%
West Suffolk Iceni
33%
North Devon Ilfracombe East
33%
North Devon Ilfracombe West
33%
Bradford Ilkley
33%
Somerset Ilminster
33%
North East Lincolnshire Immingham
33%
Stockton-on-Tees Ingleby Barwick North
33%
Stockton-on-Tees Ingleby Barwick South
33%
Amber Valley Ironville and Riddings
33%
North Northamptonshire Irthlingborough
33%
South Kesteven Isaac Newton
33%
Ashford Isle of Oxney
33%
Buckinghamshire Iver
33%
Ashfield Jacksdale and Westwood
33%
North West Leicestershire Kegworth
33%
Warwick Kenilworth Abbey and Arden
33%
Warwick Kenilworth Park Hill
33%
Warwick Kenilworth St John's
33%
Ashford | Lambeth Kennington
33%
Vale of White Horse Kennington and Radley
33%
Liverpool Kensington and Fairfield
33%
Westmorland and Furness Kent Estuary
33%
Camden Kentish Town North
33%
Camden Kentish Town South
33%
Salford Kersal and Broughton Park
33%
Teignbridge Kerswell-with-Combe
33%
North Northamptonshire Kettering Central
33%
North Northamptonshire Kettering North
33%
Rutland Ketton
33%
Bath and North East Somerset Keynsham East
33%
Bath and North East Somerset Keynsham North
33%
Bath and North East Somerset Keynsham South
33%
South Oxfordshire Kidmore End and Whitchurch
33%
Newcastle-under-Lyme Kidsgrove and Ravenscliffe
33%
Brent | Camden Kilburn
33%
Amber Valley Kilburn, Denby, Holbrook and Horsley
33%
Rotherham Kilnhurst and Swinton East
33%
Broxtowe Kimberley
33%
Huntingdonshire Kimbolton
33%
Brent | North Warwickshire Kingsbury
33%
Camden King's Cross
33%
Thanet Kingsgate
33%
Solihull Kingshurst and Fordbridge
33%
Hackney King's Park
33%
Teignbridge Kingsteignton East
33%
Teignbridge Kingsteignton West
33%
Lewes Kingston
33%
Kingston-upon-Thames Kingston Gate
33%
Kingston-upon-Thames Kingston Town
33%
Ashfield | Gloucester | Rochdale Kingsway
33%
Mansfield Kingsway Forest Town
33%
North Lincolnshire Kingsway with Lincoln Gardens
33%
Dudley Kingswinford North and Wall Heath
33%
Dudley Kingswinford South
33%
Tendring Kirby Cross
33%
Tendring Kirby-le-Soken and Hamford
33%
North Kesteven Kirkby-la-Thorpe and South Kyme
33%
Westmorland and Furness Kirkby Stephen and Tebay
33%
Erewash Kirk Hallam and Stanton-by-Dale
33%
North Yorkshire Knaresborough East
33%
North Yorkshire Knaresborough West
33%
Isle of Wight Lake North
33%
Isle of Wight Lake South
33%
North Norfolk Lancaster North
33%
North Norfolk Lancaster South
33%
Cornwall Land's End
33%
Rutland Langham
33%
Sandwell Langley
33%
County Durham Langley and Esh
33%
Slough Langley Foxborough
33%
Slough Langley Marish
33%
Slough Langley Meads
33%
Slough Langley St Mary's
33%
Bolsover Langwith
33%
West Lindsey Lea
33%
Preston Lea and Larches
33%
Ashfield Leamington
33%
Warwick Leamington Brunswick
33%
Warwick Leamington Clarendon
33%
Warwick Leamington Lillington
33%
Warwick Leamington Milverton
33%
Warwick Leamington Willes
33%
Wirral Leasowe and Moreton East
33%
Herefordshire Ledbury North
33%
Herefordshire Ledbury South
33%
Herefordshire Ledbury West
33%
Maidstone Leeds and Langley
33%
Gosport Lee East
33%
Staffordshire Moorlands Leek East
33%
Staffordshire Moorlands Leek North
33%
Staffordshire Moorlands Leek South
33%
Staffordshire Moorlands Leek West
33%
Gosport Leesland and Newtown
33%
Gosport Lee West
33%
Southend-on-Sea Leigh
33%
Sevenoaks Leigh and Chiddingstone Causeway
33%
Wigan Leigh Central and Higher Folds
33%
Wigan Leigh South
33%
Cheshire East Leighton
33%
Central Bedfordshire Leighton-Linslade North
33%
Central Bedfordshire Leighton-Linslade South
33%
Central Bedfordshire Leighton-Linslade West
33%
Wigan Leigh West
33%
Herefordshire Leominster East
33%
Herefordshire Leominster North and Rural
33%
Herefordshire Leominster South
33%
Herefordshire Leominster West
33%
North Hertfordshire Letchworth Grange
33%
North Hertfordshire Letchworth Norton
33%
North Hertfordshire Letchworth South East
33%
North Hertfordshire Letchworth South West
33%
North Hertfordshire Letchworth Wilbury
33%
Fenland Leverington and Wisbech Rural
33%
Lewisham Lewisham Central
33%
North Yorkshire Leyburn and Middleham
33%
Waltham Forest Leyton
33%
Waltham Forest Leytonstone
33%
Swindon Liden, Eldene and Park South
33%
Breckland Lincoln
33%
Cornwall Liskeard Central
33%
Cornwall Liskeard South and Dobwalls
33%
Rochdale Littleborough Lakeside
33%
Uttlesford Littlebury, Chesterford and Wenden Lofts
33%
Stoke-on-Trent Little Chell and Stanfield
33%
Tendring Little Clacton
33%
Erewash Little Eaton and Stanley
33%
Erewash Little Hallam
33%
Derby Littleover
33%
Harlow Little Parndon and Town Centre
33%
North Northamptonshire Lloyds and Corby Village
33%
Gateshead Lobley Hill and Bensham
33%
Southwark London Bridge and West Bermondsey
33%
Hackney London Fields
33%
Runnymede Longcross, Lyne and Chertsey South
33%
Lichfield | Malvern Hills Longdon
33%
Erewash Long Eaton Central
33%
Dartford Longfield, New Barn and Southfleet
33%
Kingston-upon-Hull Longhill and Bilton Grange
33%
Forest of Dean Longhope and Huntley
33%
Cornwall Long Rock, Marazion and St Erth
33%
South Holland Long Sutton
33%
South Ribble Longton and Hutton West
33%
Stoke-on-Trent Longton and Meir Hay South
33%
Cumberland Longtown
33%
Cornwall Looe East and Deviock
33%
Cornwall Looe West, Pelynt, Lansallos and Lanteglos
33%
Trafford Lostock and Barton
33%
Cornwall Lostwithiel and Lanreath
33%
Reigate and Banstead Lower Kingswood, Tadworth and Walton
33%
Coventry Lower Stoke
33%
County Durham Lower Teesdale
33%
Medway Luton
33%
Harborough Lutterworth East
33%
Harborough Lutterworth West
33%
Forest of Dean Lydney East
33%
Forest of Dean Lydney North
33%
Forest of Dean Lydney West and Aylburton
33%
Dudley Lye and Stourbridge North
33%
Dorset Lyme and Charmouth
33%
New Forest Lymington
33%
Dorset Lytchett Matravers and Upton
33%
Fylde Lytham East
33%
Fylde Lytham West
33%
East Lindsey Mablethorpe
33%
Cheshire East Macclesfield Central
33%
Cheshire East Macclesfield East
33%
Cheshire East Macclesfield Hurdsfield
33%
Cheshire East Macclesfield South
33%
Cheshire East Macclesfield Tytherington
33%
Cheshire East Macclesfield West and Ivy
33%
Derby Mackworth and New Zealand
33%
Newcastle-under-Lyme Madeley and Betley
33%
Telford and Wrekin Madeley and Sutton Hill
33%
Maldon Maldon East
33%
Maldon Maldon North
33%
Maldon Maldon South
33%
Maldon Maldon West
33%
Telford and Wrekin Malinslee and Dawley Bank
33%
Cheshire West and Chester Malpas
33%
Rotherham Maltby East
33%
North Yorkshire Malton
33%
Stockton-on-Tees Mandale and Victoria
33%
Slough Manor Park and Stoke
33%
Nottingham Mapperley
33%
Fenland March East
33%
Fenland March North
33%
Fenland March South
33%
Fenland March West and Benwick
33%
Wealden Maresfield
33%
Thanet Margate Central
33%
Hinckley and Bosworth Markfield, Stanton and Fieldhead
33%
Harrow Marlborough
33%
Wiltshire Marlborough East
33%
Wiltshire Marlborough West
33%
Buckinghamshire Marlow
33%
Pendle Marsden and Southfield
33%
East Lindsey Marshchapel and Somercotes
33%
Blackpool Marton
33%
Middlesbrough Marton East
33%
Middlesbrough Marton West
33%
City of Westminster Marylebone
33%
Cumberland Maryport North
33%
Cumberland Maryport South
33%
North Yorkshire Masham and Fountains
33%
Derbyshire Dales Matlock East and Tansley
33%
Derbyshire Dales Matlock West
33%
Mansfield Maun Valley Forest Town
33%
Redbridge Mayfield
33%
Wealden Mayfield and Five Ashes
33%
Reigate and Banstead Meadvale and St John's
33%
South Cambridgeshire Melbourn
33%
South Derbyshire Melbourne
33%
Bath and North East Somerset Mendip
33%
Somerset Mendip Central and East
33%
Somerset Mendip Hills
33%
Somerset Mendip South
33%
Somerset Mendip West
33%
Gravesham Meopham North
33%
Gravesham Meopham South and Vigo
33%
Wiltshire Mere
33%
Solihull | Watford Meriden
33%
Halton Mersey and Weston
33%
Doncaster Mexborough
33%
York Micklegate
33%
Derby Mickleover
33%
Dover Middle Deal
33%
Cheshire East Middlewich
33%
Chichester Midhurst
33%
Test Valley Mid Test
33%
Colchester | Tower Hamlets Mile End
33%
Stafford Milford
33%
New Forest Milford and Hordle
33%
Waverley Milford and Witley
33%
Cumberland Millom
33%
Cumberland Millom Without
33%
New Forest | Portsmouth | Southend-on-Sea Milton
33%
Torridge Milton and Tamarside
33%
South Cambridgeshire Milton and Waterbeach
33%
Swale Milton Regis
33%
West Oxfordshire Milton-under-Wychwood
33%
Somerset Minehead
33%
Lincoln Minster
33%
East Riding of Yorkshire Minster and Woodmansey
33%
Kirklees Mirfield
33%
Bury Moorside
33%
Cotswold Moreton East
33%
Teignbridge Moretonhampstead
33%
Cotswold Moreton West
33%
Wirral Moreton West and Saughall Massie
33%
Leeds Morley North
33%
Leeds Morley South
33%
Northumberland Morpeth Kirkhill
33%
Northumberland Morpeth North
33%
Northumberland Morpeth Stobhill
33%
Richmond-upon-Thames Mortlake and Barnes Common
33%
Cumberland | South Kesteven Morton
33%
North Yorkshire Morton-on-Swale and Appleton Wiske
33%
Tameside Mossley
33%
Manchester | South Ribble Moss Side
33%
Kingston-upon-Thames Motspur Park and Old Malden East
33%
South Holland Moulton, Weston and Cowbit
33%
Cornwall Mousehole, Newlyn and St Buryan
33%
South Norfolk Mulbarton and Stoke Holy Cross
33%
County Durham Murton
33%
Cheshire East Nantwich North and West
33%
Cheshire East Nantwich South and Stapeley
33%
West Northamptonshire Naseby
33%
Mid Suffolk Needham Market
33%
Great Yarmouth | Norwich | Portsmouth Nelson
33%
Hyndburn Netherton
33%
Dudley Netherton and Holly Hall
33%
Isle of Wight Nettlestone and Seaview
33%
Rushcliffe Nevile and Langar
33%
Harborough Nevill
33%
County Durham Neville's Cross
33%
Northumberland Newbiggin-by-the-Sea
33%
Rugby New Bilton
33%
Rugby Newbold and Brownsover
33%
Hinckley and Bosworth Newbold Verdon with Desford and Peckleton
33%
Wirral New Brighton
33%
Redbridge Newbury
33%
West Berkshire Newbury Central
33%
West Berkshire Newbury Clay Hill
33%
West Berkshire Newbury Greenham
33%
West Berkshire Newbury Speen
33%
West Berkshire Newbury Wash Common
33%
Forest of Dean Newent and Taynton
33%
South Derbyshire Newhall and Stanton
33%
Lewes Newhaven North
33%
Lewes Newhaven South
33%
Southwark | Thanet Newington
33%
Kingston-upon-Hull Newington and Gipsyville
33%
Mansfield Newlands Forest Town
33%
South Ribble New Longton and Hutton East
33%
Kingston-upon-Thames New Malden Village
33%
West Suffolk Newmarket East
33%
West Suffolk Newmarket North
33%
West Suffolk Newmarket West
33%
Cambridge | Forest of Dean Newnham
33%
Middlesbrough | North Devon | Uttlesford Newport
33%
Isle of Wight Newport Central
33%
Telford and Wrekin Newport East
33%
Telford and Wrekin Newport North
33%
Telford and Wrekin Newport South
33%
Isle of Wight | Telford and Wrekin Newport West
33%
Cornwall Newquay Central and Pentire
33%
Cornwall Newquay Porth and Tretherras
33%
Cornwall Newquay Trenance
33%
Folkestone and Hythe New Romney
33%
Enfield New Southgate
33%
Rushcliffe | Sandwell Newton
33%
Cheshire West and Chester Newton and Hoole
33%
South Hams Newton and Yealmpton
33%
St Helens Newton-le-Willows East
33%
St Helens Newton-le-Willows West
33%
Birmingham | Dartford | Stockton-on-Tees Newtown
33%
Colchester New Town and Christ Church
33%
Bournemouth, Christchurch and Poole Newtown and Heatherlands
33%
Exeter Newtown and St Leonard's
33%
North Tyneside New York and Murton
33%
Kingston-upon-Thames Norbiton
33%
Northumberland Norham and Islandshires
33%
Ashford Norman
33%
Derby | Rutland | Wakefield Normanton
33%
North Yorkshire Northallerton North and Brompton
33%
Torridge Northam
33%
Test Valley North Baddesley
33%
Rother North Battle, Netherfield and Whatlington
33%
Southwark North Bermondsey
33%
Dover North Deal
33%
King's Lynn and West Norfolk North Downham
33%
Rother Northern Rother
33%
Birmingham | Ealing Northfield
33%
Gravesham Northfleet and Springhead
33%
Canterbury | Darlington Northgate
33%
Crawley Northgate and West Green
33%
Ealing North Greenford
33%
Harrow North Harrow
33%
Newcastle-upon-Tyne North Jesmond
33%
West Oxfordshire North Leigh
33%
North Devon North Molton
33%
Brighton and Hove North Portslade
33%
North Tyneside North Shields
33%
Haringey Northumberland Park
33%
North Norfolk North Walsham East
33%
North Norfolk North Walsham Market Cross
33%
North Norfolk North Walsham West
33%
Cheshire West and Chester Northwich Leftwich
33%
Cheshire West and Chester Northwich Winnington and Castle
33%
Cheshire West and Chester Northwich Witton
33%
North East Derbyshire North Wingfield Central
33%
Hillingdon | Knowsley | Thanet Northwood
33%
Hillingdon Northwood Hills
33%
South Norfolk North Wymondham
33%
Bromsgrove | Dudley | North Yorkshire Norton
33%
Doncaster Norton and Askern
33%
Stockton-on-Tees Norton Central
33%
Halton | Stockton-on-Tees Norton North
33%
Stockton-on-Tees Norton South
33%
Halton Norton South and Preston Brook
33%
Sefton Norwood
33%
Ealing Norwood Green
33%
Worcester Nunnery
33%
Oadby and Wigston Oadby Brocks Hill
33%
Oadby and Wigston Oadby Grange
33%
Oadby and Wigston Oadby St Peter's
33%
Oadby and Wigston Oadby Uplands
33%
Oadby and Wigston Oadby Woodlands
33%
Mansfield Oakham
33%
Rutland Oakham North East
33%
Rutland Oakham North West
33%
Rutland Oakham South
33%
Cheltenham | North Northamptonshire Oakley
33%
Basingstoke and Deane Oakley and the Candovers
33%
Mansfield Oak Tree
33%
Erewash Ockbrook and Borrowash
33%
Thurrock Ockendon
33%
Westmorland and Furness Old Barrow and Hindpool
33%
High Peak Old Glossop
33%
Harlow Old Harlow
33%
Hastings Old Hastings
33%
Colchester Old Heath and the Hythe
33%
Kingston-upon-Thames Old Malden
33%
Wiltshire Old Sarum and Lower Bourne Valley
33%
Trafford Old Trafford
33%
Windsor and Maidenhead Old Windsor
33%
Milton Keynes Olney
33%
Warrington Orford
33%
East Suffolk Orwell and Villages
33%
York Osbaldwick and Derwent
33%
Oxford Osney and St Thomas
33%
Shropshire Oswestry North
33%
Shropshire Oswestry North East
33%
Shropshire Oswestry South
33%
Shropshire Oswestry South East
33%
Sevenoaks Otford and Shoreham
33%
Leeds Otley and Yeadon
33%
East Devon Ottery St Mary
33%
Newcastle-upon-Tyne | North Yorkshire Ouseburn
33%
South Cambridgeshire Over and Willingham
33%
Telford and Wrekin Overdale and the Rock
33%
Hyndburn | Lancaster Overton
33%
Three Rivers Oxhey Hall and Hayling
33%
Tandridge Oxted North
33%
Tandridge Oxted South
33%
Cornwall Padstow
33%
Stroud Painswick and Upton
33%
Isle of Wight Pan and Barton
33%
West Berkshire Pangbourne
33%
Blackpool | Calderdale | Cheltenham | +11 others Park
33%
Sheffield Park and Arbourthorne
33%
Darlington Park East
33%
Darlington Park West
33%
Fenland Parson Drove and Wisbech St Mary
33%
Peterborough Paston and Walton
33%
South Gloucestershire Patchway Coniston
33%
North Yorkshire Pateley Bridge and Nidderdale
33%
Lewes Peacehaven East
33%
Lewes Peacehaven North
33%
Lewes Peacehaven West
33%
Southampton | Welwyn Hatfield Peartree
33%
Dudley Pedmore and Stourbridge East
33%
Hyndburn Peel
33%
Gosport Peel Common
33%
Gateshead Pelaw and Heworth
33%
Tunbridge Wells Pembury and Capel
33%
Salford Pendlebury and Clifton
33%
Salford Pendleton and Charlestown
33%
Swindon Penhill and Upper Stratton
33%
Barnsley Penistone East
33%
Barnsley Penistone West
33%
Stoke-on-Trent Penkhull and Springfields
33%
South Staffordshire Penkridge North and Acton Trussell
33%
South Staffordshire Penkridge South and Gailey
33%
Cornwall Penryn
33%
Cornwall Penzance East
33%
Cornwall Penzance Promenade
33%
County Durham Peterlee
33%
Cambridge Petersfield
33%
East Hampshire Petersfield Bell Hill
33%
East Hampshire Petersfield Causeway
33%
East Hampshire Petersfield Heath
33%
East Hampshire Petersfield St Peter's
33%
Arun Pevensey
33%
Wealden Pevensey Bay
33%
Kingston-upon-Hull | North Yorkshire Pickering
33%
North Somerset Pill
33%
North East Derbyshire Pilsley and Morton
33%
City of Westminster Pimlico North
33%
City of Westminster Pimlico South
33%
County Durham Pittington and Sherburn
33%
Lewes Plumpton, Streat, East Chiltington and St John
33%
Plymouth Plympton Chaddlewood
33%
Plymouth Plympton Erle
33%
Plymouth Plympton St Mary
33%
East Riding of Yorkshire Pocklington Provincial
33%
Wealden Polegate Central
33%
Wealden Polegate North
33%
Wealden Polegate South and Willingdon Watermill
33%
Wakefield Pontefract North
33%
Wakefield Pontefract South
33%
Northumberland Ponteland East and Stannington
33%
Northumberland Ponteland North
33%
Northumberland Ponteland South with Heddon
33%
Northumberland Ponteland West
33%
Cornwall Pool and Tehidy
33%
Bournemouth, Christchurch and Poole Poole Town
33%
Warrington Poplars and Hulme
33%
North Somerset Portishead East
33%
North Somerset Portishead North
33%
North Somerset Portishead South
33%
North Somerset Portishead West
33%
Tandridge Portley and Queens Park
33%
Hertsmere Potters Bar Furzefield
33%
Hertsmere Potters Bar Oakmere
33%
Hertsmere Potters Bar Parkfield
33%
Lancaster Poulton
33%
Warrington Poulton North
33%
Warrington Poulton South
33%
Crawley Pound Hill South and Worth
33%
Buckinghamshire Princes Risborough
33%
East Lindsey Priory and St James'
33%
Bath and North East Somerset Publow and Whitchurch
33%
Dorset Puddletown and Lower Winterborne
33%
Horsham Pulborough, Coldwaltham and Amberley
33%
Salford Quays
33%
Gloucester Quedgeley Fieldcourt
33%
Gloucester Quedgeley Severn Vale
33%
Swale Queenborough and Halfway
33%
Bradford | Brent Queensbury
33%
Burnley Queensgate
33%
Kensington and Chelsea Queen's Gate
33%
Bedford | Brent Queens Park
33%
Bournemouth, Christchurch and Poole | Brighton and Hove | City of Westminster Queen's Park
33%
Birmingham | Stratford-on-Avon Quinton
33%
Charnwood Quorn and Mountsorrel Castle
33%
Newark and Sherwood Rainworth North and Rufford
33%
Cornwall Rame Peninsula and St Germans
33%
Huntingdonshire Ramsey
33%
Hinckley and Bosworth Ratby, Bagworth and Thornton
33%
North Northamptonshire Raunds
33%
York Rawcliffe and Clifton Without
33%
Gedling | Sunderland Redhill
33%
Herefordshire Red Hill
33%
Bournemouth, Christchurch and Poole Redhill and Northbourne
33%
Reigate and Banstead Redhill East
33%
Reigate and Banstead Redhill West and Wray Common
33%
Cornwall Redruth Central, Carharrack and St Day
33%
Cornwall Redruth North
33%
Cornwall Redruth South
33%
Broadland Reepham
33%
Camden | City of Westminster Regent's Park
33%
Reigate and Banstead Reigate
33%
East Suffolk Rendlesham and Orford
33%
Ribble Valley Ribchester
33%
Amber Valley Ripley
33%
Amber Valley Ripley and Marehay
33%
North Yorkshire Ripon Minster and Moorside
33%
North Yorkshire Ripon Ure Bank and Spa
33%
Folkestone and Hythe Romney Marsh
33%
Cambridge Romsey
33%
Test Valley Romsey Abbey
33%
Test Valley Romsey Cupernham
33%
Test Valley Romsey Tadburn
33%
Burnley Rosehill with Burnley Wood
33%
Doncaster Rossington and Bawtry
33%
Chesterfield Rother
33%
Rotherham Rotherham East
33%
Rotherham Rotherham West
33%
Southwark Rotherhithe
33%
Torbay Roundham with Hyde
33%
Sandwell | Stafford Rowley
33%
Gosport Rowner and Holbrook
33%
Newham Royal Albert
33%
Newham Royal Victoria
33%
Wiltshire Royal Wootton Bassett East
33%
Wiltshire Royal Wootton Bassett North
33%
Wiltshire Royal Wootton Bassett South and West
33%
Epping Forest Roydon and Lower Nazeing
33%
Mansfield Rufford
33%
Hillingdon Ruislip
33%
Hillingdon Ruislip Manor
33%
Fylde Rural East Fylde
33%
Fylde Rural North Fylde
33%
York Rural West York
33%
Isle of Wight Ryde Appley and Elmfield
33%
Isle of Wight Ryde Monktonmead
33%
Isle of Wight Ryde North West
33%
Isle of Wight Ryde South East
33%
Isle of Wight Ryde West
33%
Rother Rye and Winchelsea
33%
Leicester Saffron
33%
Uttlesford Saffron Walden Audley
33%
Uttlesford Saffron Walden Castle
33%
Uttlesford Saffron Walden Shire
33%
South Hams Salcombe and Thurlestone
33%
Stratford-on-Avon Salford Priors and Alcester Rural
33%
Wiltshire Salisbury Bemerton Heath
33%
Wiltshire Salisbury Fisherton and Bemerton Village
33%
Wiltshire Salisbury Harnham East
33%
Wiltshire Salisbury Harnham West
33%
Wiltshire Salisbury Milford
33%
Wiltshire Salisbury St Edmund's
33%
Wiltshire Salisbury St Francis and Stratford
33%
Wiltshire Salisbury St Paul's
33%
Cornwall Saltash Essa
33%
Cornwall Saltash Tamar
33%
Cornwall Saltash Trematon and Landrake
33%
Redcar and Cleveland Saltburn
33%
South Ribble Samlesbury and Walton
33%
Bracknell Forest Sandhurst
33%
Erewash Sandiacre
33%
St Albans Sandridge and Wheathampstead
33%
Dover Sandwich
33%
Central Bedfordshire Sandy
33%
Fareham Sarisbury and Whiteley
33%
East Hertfordshire Sawbridgeworth
33%
East Suffolk Saxmundham
33%
East Lindsey Scarbrough and Seacroft
33%
North Yorkshire Scotton and Lower Wensleydale
33%
Lewes Seaford Central
33%
Lewes Seaford East
33%
Lewes Seaford North
33%
Lewes Seaford South
33%
Lewes Seaford West
33%
Cumberland | East Devon | Hartlepool Seaton
33%
Northumberland Seaton with Spital
33%
Westmorland and Furness Sedbergh and Kirkby Lonsdale
33%
County Durham Sedgefield
33%
Bury | Dudley Sedgley
33%
Rother Sedlescombe and Westfield
33%
Shropshire Selattyn and Gobowen
33%
North Yorkshire Selby East
33%
North Yorkshire Selby West
33%
Chichester Selsey South
33%
High Peak Sett
33%
North Yorkshire Settle and Penyghent
33%
Sevenoaks Sevenoaks Eastern
33%
Sevenoaks Sevenoaks Kippington
33%
Sevenoaks Sevenoaks Northern
33%
Sevenoaks Sevenoaks Town and St John's
33%
Haringey Seven Sisters
33%
Stroud Severn
33%
Shropshire Severn Valley
33%
Wandsworth Shaftesbury and Queenstown
33%
Isle of Wight Shanklin Central
33%
Isle of Wight Shanklin South
33%
Oldham | Swindon Shaw
33%
Torridge Shebbear and Langtree
33%
Swale Sheerness
33%
Central Bedfordshire Shefford
33%
Swale Sheppey Central
33%
Swale Sheppey East
33%
Somerset Shepton Mallet
33%
Dorset Sherborne East
33%
Dorset Sherborne Rural
33%
Basingstoke and Deane Sherborne St John and Rooksdown
33%
Dorset Sherborne West
33%
Coventry Sherbourne
33%
North Yorkshire Sherburn-in-Elmet
33%
North Yorkshire Sheriff Hutton and Derwent
33%
North Norfolk Sheringham North
33%
North Norfolk Sheringham South
33%
Wigan Shevington with Lower Ground and Moor
33%
Bradford Shipley
33%
Erewash Shipley View
33%
Stratford-on-Avon Shipston North
33%
Stratford-on-Avon Shipston South
33%
Bolsover Shirebrook North
33%
Bolsover Shirebrook South
33%
North East Derbyshire Shirland
33%
Southampton Shirley
33%
Solihull Shirley East
33%
Croydon Shirley North
33%
Croydon | Solihull Shirley South
33%
Solihull Shirley West
33%
Southend-on-Sea Shoeburyness
33%
Bromley Shortlands and Park Langley
33%
Chichester Sidlesham with Selsey North
33%
East Devon Sidmouth Rural
33%
East Devon Sidmouth Sidford
33%
East Devon Sidmouth Town
33%
South Tyneside Simonside and Rekendyke
33%
Derby Sinfin and Osmaston
33%
North Kesteven Skellingthorpe and Eagle
33%
Bexley Slade Green and Northend
33%
North Kesteven Sleaford Castle
33%
North Kesteven Sleaford Holdingham
33%
North Kesteven Sleaford Navigation
33%
North Kesteven Sleaford Quarrington and Mareham
33%
North Kesteven Sleaford Westholme
33%
Nuneaton and Bedworth Slough
33%
Slough Slough Central
33%
Amber Valley Smalley, Shipley and Horsley Woodhouse
33%
Sandwell Smethwick
33%
East Cambridgeshire Soham North
33%
East Cambridgeshire Soham South
33%
Birmingham Soho and Jewellery Quarter
33%
Sandwell Soho and Victoria
33%
Amber Valley Somercotes
33%
Somerset Somerton
33%
Ealing Southall Broadway
33%
Ealing Southall Green
33%
Ealing Southall West
33%
Stratford-on-Avon Southam East, Central and Stockton
33%
Stratford-on-Avon Southam North and Long Itchington
33%
Stratford-on-Avon Southam South
33%
Stratford-on-Avon Southam West
33%
Rother South Battle and Telham
33%
Southwark South Bermondsey
33%
Northumberland South Blyth
33%
Tunbridge Wells Southborough and Bidborough
33%
South Hams South Brent
33%
Croydon South Croydon
33%
King's Lynn and West Norfolk South Downham
33%
Wakefield South Elmsall and South Kirkby
33%
Rother Southern Rother
33%
Ealing Southfield
33%
Wandsworth Southfields
33%
Crawley | Enfield | West Suffolk Southgate
33%
Camden South Hampstead
33%
Chelmsford South Hanningfield, Stock and Margaretting
33%
Newcastle-upon-Tyne South Jesmond
33%
Maldon Southminster
33%
North Devon South Molton
33%
Croydon South Norwood
33%
Reigate and Banstead South Park and Woodhatch
33%
Brighton and Hove South Portslade
33%
Hillingdon South Ruislip
33%
Haringey South Tottenham
33%
Richmond-upon-Thames South Twickenham
33%
Northumberland South Tynedale
33%
Horsham Southwater South and Shipley
33%
Mansfield | Newark and Sherwood Southwell
33%
Sunderland | Wiltshire Southwick
33%
Winchester Southwick and Wickham
33%
Adur Southwick Green
33%
Oadby and Wigston South Wigston
33%
Redbridge South Woodford
33%
Chelmsford South Woodham-Chetwood and Collingwood
33%
Chelmsford South Woodham-Elmwood and Woodville
33%
South Norfolk South Wymondham
33%
Birmingham South Yardley
33%
North Yorkshire Sowerby and Topcliffe
33%
Calderdale Sowerby Bridge
33%
South Holland Spalding Castle
33%
South Holland Spalding Monks House
33%
South Holland Spalding St John's
33%
South Holland Spalding St Mary's
33%
South Holland Spalding St Paul's
33%
South Holland Spalding Wygate
33%
Wokingham Spencers Wood and Swallowfield
33%
County Durham Spennymoor
33%
Tamworth Spital
33%
Tower Hamlets Spitalfields and Banglatown
33%
North Yorkshire Spofforth with Lower Wharfedale and Tockwith
33%
Derby Spondon
33%
Hackney Springfield
33%
Chelmsford Springfield North
33%
Havering Squirrels Heath
33%
Cornwall | Isles of Scilly St Agnes
33%
Middlesbrough Stainton and Thornton
33%
Havering St Alban's
33%
Tameside Stalybridge North
33%
Tameside Stalybridge South
33%
Epsom and Ewell Stamford
33%
South Kesteven Stamford All Saints
33%
South Kesteven Stamford St George's
33%
South Kesteven Stamford St John's
33%
South Kesteven Stamford St Mary's
33%
Wigan Standish with Langtree
33%
West Oxfordshire Standlake, Aston and Stanton Harcourt
33%
Chelmsford | Great Yarmouth | Swindon St Andrews
33%
Havering | Hyndburn St Andrew's
33%
Kingston-upon-Hull St Andrew's and Docklands
33%
Vale of White Horse Stanford
33%
Thurrock Stanford East and Corringham Town
33%
Thurrock Stanford-le-Hope West
33%
Ashford Stanhope
33%
Blackpool | County Durham | Kensington and Chelsea Stanley
33%
Wakefield Stanley and Outwood East
33%
Sunderland St Anne's
33%
Colchester St Anne's and St John's
33%
Haringey | Nottingham | Swale St Ann's
33%
Uttlesford Stansted North
33%
Uttlesford Stansted South and Birchanger
33%
West Suffolk Stanton
33%
Cornwall St Blazey
33%
Sunderland St Chad's
33%
Exeter St David's
33%
Tower Hamlets Stepney Green
33%
Knowsley St Gabriels
33%
City of Bristol St George Central
33%
Castle Point | Southwark St George's
33%
Telford and Wrekin St Georges
33%
City of Bristol St George Troopers Hill
33%
City of Bristol St George West
33%
Redcar and Cleveland St Germain's
33%
Southwark St Giles
33%
Barnsley | Hastings St Helens
33%
Kensington and Chelsea St Helen's
33%
St Helens St Helens Town Centre
33%
Merton St Helier
33%
Sutton St Helier East
33%
Sutton St Helier West
33%
Huntingdonshire St Ives East
33%
Cornwall St Ives East, Lelant and Carbis Bay
33%
Huntingdonshire St Ives South
33%
Huntingdonshire St Ives West
33%
Cornwall St Ives West and Towednack
33%
Oldham | Tunbridge Wells St James'
33%
Tendring | Waltham Forest St James
33%
City of Westminster | Dudley St James's
33%
High Peak | Ipswich | Lichfield | +5 others St John's
33%
Cumberland St John's and Great Clifton
33%
Southend-on-Sea St Laurence
33%
Dorset St Leonards and St Ives
33%
Winchester St Luke
33%
Southend-on-Sea St Luke's
33%
Swindon St Margaret and South Marston
33%
East Lindsey | Ipswich St Margaret's
33%
Richmond-upon-Thames St Margarets and North Twickenham
33%
King's Lynn and West Norfolk St Margaret's with St Nicholas
33%
Cheltenham | Rushmoor St Mark's
33%
Kingston-upon-Thames St Mark's and Seething Wells
33%
Basildon | Isles of Scilly | Lambeth | Shropshire St Martin's
33%
Adur | Bury | Castle Point | +10 others St Mary's
33%
Bexley St Mary's and St James
33%
Islington St Mary's and St James'
33%
Medway St Mary's Island
33%
Preston | Walsall St Matthew's
33%
North Northamptonshire | Winchester St Michael
33%
Castle Point | Cotswold | Coventry | +3 others St Michael's
33%
Knowsley | Liverpool | Surrey Heath St Michaels
33%
Stafford St Michael's and Stonefield
33%
Huntingdonshire St Neots East
33%
Huntingdonshire St Neots Eatons
33%
Huntingdonshire St Neots Eynesbury
33%
Huntingdonshire St Neots Priory Park and Little Paxton
33%
Cornwall St Newlyn East, Cubert and Goonhavern
33%
Adur | Stevenage | Worcester St Nicholas
33%
Guildford | Nuneaton and Bedworth St Nicolas
33%
Knowsley Stockbridge
33%
Sheffield Stocksbridge and Upper Don
33%
Stockton-on-Tees Stockton Town Centre
33%
Guildford | Plymouth Stoke
33%
Hackney Stoke Newington
33%
Dartford Stone Castle
33%
Dartford Stone House
33%
Milton Keynes Stony Stratford
33%
Central Bedfordshire Stotfold
33%
Babergh Stour
33%
Dorset Stour and Allen Vale
33%
Cotswold | West Lindsey Stow
33%
Camden St Pancras and Somers Town
33%
Winchester St Paul
33%
Cheltenham | Tendring St Paul's
33%
Sandwell | Surrey Heath St Pauls
33%
North Northamptonshire St Peter
33%
Plymouth St Peter and the Waterfront
33%
Cheltenham | Mid Suffolk | Sunderland | Tameside St Peter's
33%
St Albans | Thanet | Wolverhampton St Peters
33%
Islington St Peter's and Canalside
33%
Worcester St Peter's Parish
33%
Torbay St Peter's with St Mary's
33%
Newham Stratford
33%
Stratford-on-Avon Stratford Avenue
33%
Stratford-on-Avon Stratford Bishopton
33%
Stratford-on-Avon Stratford Clopton
33%
Stratford-on-Avon Stratford Guildhall and Bridgetown
33%
Stratford-on-Avon Stratford Hathaway
33%
Newham Stratford Olympic Park
33%
Stratford-on-Avon Stratford Orchard Hill
33%
Stratford-on-Avon Stratford Shottery
33%
Stratford-on-Avon Stratford Tiddington
33%
Stratford-on-Avon Stratford Welcombe
33%
Cotswold | South Norfolk Stratton
33%
Cornwall Stratton, Kilkhampton and Morwenstow
33%
North Yorkshire Stray, Woodlands and Hookstone
33%
Trafford Stretford and Humphrey Park
33%
Medway Strood North and Frindsbury
33%
Medway Strood Rural
33%
Medway Strood West
33%
Stroud Stroud Central
33%
Stroud Stroud Farmhill and Paganhill
33%
Stroud Stroud Slade
33%
Stroud Stroud Trinity
33%
Stroud Stroud Uplands
33%
Stroud Stroud Valley
33%
St Albans | Worcester St Stephen
33%
Cornwall St Stephen-in-Brannel
33%
Canterbury St Stephen's
33%
Cornwall St Teath and Tintagel
33%
Boston St Thomas'
33%
Exeter | Portsmouth St Thomas
33%
Dudley St Thomas's
33%
Brent Sudbury
33%
Babergh Sudbury North East
33%
Babergh Sudbury North West
33%
Babergh Sudbury South East
33%
Babergh Sudbury South West
33%
Spelthorne Sunbury Common
33%
Spelthorne Sunbury East
33%
Kingston-upon-Thames Surbiton Hill
33%
Bassetlaw | Cheshire East | East Cambridgeshire | +2 others Sutton
33%
Plymouth Sutton and Mount Gould
33%
Sutton Sutton Central
33%
Ashfield Sutton Central and New Cross
33%
Vale of White Horse Sutton Courtenay
33%
Birmingham Sutton Four Oaks
33%
Ashfield Sutton Junction and Harlow Wood
33%
Birmingham Sutton Mere Green
33%
Sutton Sutton North
33%
St Helens Sutton North West
33%
East Lindsey Sutton-on-Sea
33%
Newark and Sherwood Sutton-on-Trent
33%
Birmingham Sutton Reddicap
33%
Birmingham Sutton Roughley
33%
Sutton Sutton South
33%
St Helens Sutton South East
33%
Ashfield Sutton St Mary's
33%
Birmingham Sutton Trinity
33%
Birmingham Sutton Vesey
33%
Cheshire West and Chester Sutton Villages
33%
Birmingham Sutton Walmley and Minworth
33%
Sutton Sutton West and East Cheam
33%
Birmingham Sutton Wylde Green
33%
South Derbyshire Swadlincote
33%
Breckland Swaffham
33%
Dorset Swanage
33%
Sevenoaks Swanley Christchurch and Swanley Village
33%
Sevenoaks Swanley St Mary's
33%
Sevenoaks Swanley White Oak
33%
Dartford Swanscombe
33%
Cheltenham Swindon Village
33%
Salford Swinton and Wardley
33%
Salford Swinton Park
33%
Rotherham Swinton Rockingham
33%
Hounslow Syon and Brentford Lock
33%
North Yorkshire Tadcaster
33%
Stratford-on-Avon Tanworth-in-Arden
33%
Somerset Taunton East
33%
Somerset Taunton North
33%
Somerset Taunton South
33%
West Devon Tavistock North
33%
West Devon Tavistock South East
33%
West Devon Tavistock South West
33%
Richmond-upon-Thames Teddington
33%
Teignbridge Teignmouth Central
33%
Teignbridge Teignmouth East
33%
Teignbridge Teignmouth West
33%
Oxford Temple Cowley
33%
Cotswold Tetbury with Upton
33%
South Oxfordshire Thame
33%
Reading | Vale of White Horse | Wokingham Thames
33%
Bexley Thamesmead East
33%
Greenwich Thamesmead Moorings
33%
West Berkshire Thatcham Central
33%
West Berkshire Thatcham Colthrop and Crookham
33%
West Berkshire Thatcham North East
33%
West Berkshire Thatcham West
33%
Uttlesford Thaxted and the Eastons
33%
Cotswold The Ampneys and Hampton
33%
West Oxfordshire The Bartons
33%
Tendring The Bentleys and Frating
33%
Shropshire The Meres
33%
Tendring The Oakleys and Wix
33%
Stroud The Stanleys
33%
Breckland Thetford Boudica
33%
Breckland Thetford Burrell
33%
Breckland Thetford Castle
33%
Breckland Thetford Priory
33%
King's Lynn and West Norfolk The Woottons
33%
Winchester The Worthys
33%
North Yorkshire Thirsk
33%
North West Leicestershire Thornborough
33%
Doncaster Thorne and Moorends
33%
Bradford Thornton and Allerton
33%
North Yorkshire Thornton Dale and Wolds
33%
Croydon Thornton Heath
33%
Runnymede | Southend-on-Sea Thorpe
33%
Blaby Thorpe Astley and St Mary's
33%
Tendring Thorpe, Beaumont and Great Holland
33%
Broadland Thorpe St Andrew North West
33%
Broadland Thorpe St Andrew South East
33%
Cornwall Threemilestone and Chacewater
33%
Castle Point Thundersley North
33%
Castle Point Thundersley South
33%
Harborough Thurnby and Houghton
33%
Derbyshire Dales Tideswell
33%
Thurrock Tilbury Riverside and Thurrock Park
33%
Thurrock Tilbury St Chads
33%
Sandwell Tipton Green
33%
Mid Devon Tiverton Castle
33%
Mid Devon Tiverton Cranmore
33%
Mid Devon Tiverton Lowman
33%
Mid Devon Tiverton Westexe
33%
Calderdale Todmorden
33%
Maldon Tolleshunt D'Arcy
33%
West Lindsey Torksey
33%
Cornwall Torpoint
33%
South Hams Totnes
33%
Haringey Tottenham Central
33%
Haringey Tottenham Hale
33%
City of London Tower
33%
Calderdale | Dartford | Doncaster | +7 others Town
33%
Dover Town and Castle
33%
Bracknell Forest Town Centre and the Parks
33%
Liverpool Toxteth
33%
Newark and Sherwood Trent
33%
Gedling Trent Valley
33%
Isles of Scilly Tresco
33%
Dacorum Tring Central
33%
Dacorum Tring East
33%
Dacorum Tring West and Rural
33%
Bassetlaw Tuxford and Trent
33%
Richmond-upon-Thames Twickenham Riverside
33%
Hinckley and Bosworth Twycross and Witherley with Sheepy
33%
Wokingham Twyford, Ruscombe and Hurst
33%
North Tyneside Tynemouth
33%
Wealden Uckfield East
33%
Wealden Uckfield New Town
33%
Wealden Uckfield North
33%
Wealden Uckfield Ridgewood and Little Horsted
33%
Westmorland and Furness Ulverston
33%
Kingston-upon-Hull | Lancaster | Norwich University
33%
Westmorland and Furness Upper Kent
33%
Coventry Upper Stoke
33%
County Durham Upper Teesdale
33%
Waltham Forest Upper Walthamstow
33%
Mid Devon Upper Yeo and Taw
33%
Rutland Uppingham
33%
Cheshire West and Chester | Slough | West Northamptonshire | Wirral Upton
33%
Malvern Hills Upton and Ripple
33%
Slough Upton Lea
33%
Hillingdon Uxbridge
33%
Mansfield Vale
33%
North Yorkshire Valley Gardens and Central Harrogate
33%
Isle of Wight Ventnor and St Lawrence
33%
Dorset Verwood
33%
Ashford | Blackpool | Hackney | +4 others Victoria
33%
Wyre Victoria and Norcross
33%
Barking and Dagenham | Merton | Stockton-on-Tees Village
33%
Runnymede Virginia Water
33%
West Lindsey Waddingham and Spital
33%
Cornwall Wadebridge East and St Minver
33%
Cornwall Wadebridge West and St Mabyn
33%
East Lindsey Wainfleet
33%
Wakefield Wakefield East
33%
Wakefield Wakefield North
33%
Wakefield Wakefield Rural
33%
Wakefield Wakefield South
33%
Wakefield Wakefield West
33%
Swindon Walcot and Park North
33%
Newcastle-upon-Tyne Walker
33%
Wirral Wallasey
33%
South Oxfordshire Wallingford
33%
Sutton Wallington North
33%
Sutton Wallington South
33%
North Tyneside Wallsend Central
33%
North Tyneside Wallsend North
33%
Mid Suffolk Walsham-le-Willows
33%
North Norfolk Walsingham
33%
King's Lynn and West Norfolk Walsoken, West Walton and Walpole
33%
North East Lincolnshire Waltham
33%
Epping Forest Waltham Abbey North
33%
Epping Forest Waltham Abbey South and Rural
33%
Epping Forest Waltham Abbey West
33%
Broxbourne Waltham Cross
33%
Melton Waltham-on-the-Wolds
33%
Chesterfield | Liverpool | Stafford | Tendring Walton
33%
Elmbridge Walton Central
33%
South Ribble Walton-le-Dale East
33%
South Ribble Walton-le-Dale West
33%
Elmbridge Walton North
33%
Elmbridge Walton South
33%
Rochdale Wardle, Shore and West Littleborough
33%
Wiltshire Warminster Broadway
33%
Wiltshire Warminster East
33%
Wiltshire Warminster North and Rural
33%
Wiltshire Warminster West
33%
Warwick Warwick All Saints and Woodloes
33%
Warwick Warwick Aylesford
33%
Warwick Warwick Myton and Heathcote
33%
Warwick Warwick Saltisford
33%
Rotherham Wath
33%
Breckland Watton
33%
East Hertfordshire Watton-at-Stone
33%
Welwyn Hatfield Welham Green and Hatfield South
33%
Rushmoor | Somerset Wellington
33%
Fareham Wellington and Downend
33%
Somerset Wells
33%
North Norfolk Wells with Holkham
33%
Welwyn Hatfield Welwyn East
33%
Welwyn Hatfield Welwyn West
33%
Shropshire Wem
33%
Brent Wembley Central
33%
Brent Wembley Hill
33%
Brent Wembley Park
33%
South Hams Wembury and Brixton
33%
Buckinghamshire Wendover, Halton and Stoke Mandeville
33%
Northumberland Wensleydale
33%
Wiltshire Westbury East
33%
Wiltshire Westbury North
33%
Forest of Dean Westbury-on-Severn
33%
City of Bristol Westbury-on-Trym and Henleaze
33%
Newcastle-under-Lyme Westbury Park and Northwood
33%
Wiltshire Westbury West
33%
Cambridge West Chesterton
33%
Tendring West Clacton and Jaywick Sands
33%
South Hams West Dart
33%
Brighton and Hove Westdene and Hove Park
33%
Liverpool West Derby Deysbrook
33%
Liverpool West Derby Leyfield
33%
Liverpool West Derby Muirhead
33%
City of Westminster | Lancaster West End
33%
Eastleigh West End North
33%
Eastleigh West End South
33%
Sevenoaks Westerham and Crockham Hill
33%
Leicester Western
33%
East Suffolk Western Felixstowe
33%
Epsom and Ewell West Ewell
33%
Bath and North East Somerset | York Westfield
33%
Canterbury | Gloucester | Ipswich | +2 others Westgate
33%
Thanet Westgate-on-Sea
33%
Erewash West Hallam and Dale Abbey
33%
Dorset Westham
33%
Newham West Ham
33%
Camden West Hampstead
33%
Harrow West Harrow
33%
Hammersmith and Fulham West Kensington
33%
Southend-on-Sea West Leigh
33%
Cheshire West and Chester Westminster
33%
Dorset West Moors and Three Legged Cross
33%
Bath and North East Somerset Weston
33%
North Hertfordshire Weston and Sandon
33%
West Northamptonshire Weston Favell and Abington Vale
33%
Central Bedfordshire Westoning, Flitton and Greenfield
33%
North Somerset Weston-super-Mare Central
33%
North Somerset Weston-super-Mare Hillside
33%
North Somerset Weston-super-Mare Kewstoke
33%
North Somerset Weston-super-Mare Mid Worle
33%
North Somerset Weston-super-Mare Milton
33%
North Somerset Weston-super-Mare North Worle
33%
North Somerset Weston-super-Mare South
33%
North Somerset Weston-super-Mare South Worle
33%
North Somerset Weston-super-Mare Uphill
33%
North Somerset Weston-super-Mare Winterstoke
33%
South Tyneside | St Helens West Park
33%
Southend-on-Sea West Shoebury
33%
Greenwich West Thamesmead
33%
Croydon West Thornton
33%
Richmond-upon-Thames West Twickenham
33%
Coventry Westwood
33%
Leeds Wetherby
33%
Elmbridge Weybridge Riverside
33%
Elmbridge Weybridge St George's Hill
33%
Bradford | North Yorkshire Wharfedale
33%
York Wheldrake
33%
Cheshire West and Chester Whitby Groves
33%
Cheshire West and Chester Whitby Park
33%
North Yorkshire Whitby Streonshalh
33%
North Yorkshire Whitby West
33%
Shropshire Whitchurch North
33%
Basingstoke and Deane Whitchurch, Overton and Laverstoke
33%
Shropshire Whitchurch South
33%
Shropshire Whitchurch West
33%
Knowsley Whitefield
33%
Pendle Whitefield and Walverden
33%
Reading Whitley
33%
North Tyneside Whitley Bay North
33%
Fenland Whittlesey East and Villages
33%
Fenland Whittlesey Lattersey
33%
Fenland Whittlesey North West
33%
Fenland Whittlesey South
33%
Ipswich | Richmond-upon-Thames Whitton
33%
Rossendale Whitworth
33%
Maldon Wickham Bishops and Woodham
33%
North Somerset Wick St Lawrence and St Georges
33%
Luton Wigmore
33%
Oadby and Wigston Wigston All Saints
33%
Oadby and Wigston Wigston Fields
33%
Oadby and Wigston Wigston Meadowcourt
33%
Oadby and Wigston Wigston St Wolstan's
33%
Cumberland Wigton
33%
Cheshire West and Chester Willaston and Thornton
33%
South Derbyshire Willington and Findern
33%
County Durham Willington and Hunwick
33%
Dartford Wilmington, Sutton-at-Hone and Hawley
33%
Cheshire East Wilmslow West and Chorley
33%
Wiltshire Wilton
33%
Merton Wimbledon Park
33%
Merton Wimbledon Town and Dundonald
33%
Dorset Wimborne Minster
33%
Westmorland and Furness Windermere and Ambleside
33%
North East Derbyshire Wingerworth
33%
Wiltshire Winsley and Westwood
33%
Dorset Winterborne and Broadmayne
33%
Dorset Winterborne North
33%
South Gloucestershire Winterbourne
33%
Derbyshire Dales Wirksworth
33%
Fenland Wisbech North
33%
Fenland Wisbech Riverside
33%
Fenland Wisbech South
33%
Fenland Wisbech Walsoken and Waterlees
33%
Ribble Valley Wiswell and Barrow
33%
Boston | Lincoln Witham
33%
Braintree Witham Central
33%
Braintree Witham North
33%
Braintree Witham South
33%
North Kesteven Witham St Hughs and Swinderby
33%
Braintree Witham West
33%
East Lindsey Withern and Theddlethorpe
33%
Wokingham Wokingham Without
33%
Dudley Wollaston and Stourbridge Town
33%
East Suffolk Woodbridge
33%
West Northamptonshire Woodford and Weedon
33%
Runnymede Woodham and Rowtown
33%
Coventry | Gravesham | North Yorkshire Woodlands
33%
South Gloucestershire | Swale Woodstock
33%
West Oxfordshire Woodstock and Bladon
33%
Greenwich Woolwich Arsenal
33%
Greenwich Woolwich Common
33%
Greenwich Woolwich Dockyard
33%
Vale of White Horse Wootton
33%
Bedford Wootton and Kempston Rural
33%
Sutton Worcester Park North
33%
Sutton Worcester Park South
33%
Bassetlaw Worksop East
33%
Bassetlaw Worksop North
33%
Bassetlaw Worksop North East
33%
Bassetlaw Worksop North West
33%
Bassetlaw Worksop South
33%
Bassetlaw Worksop South East
33%
Isle of Wight Wroxall, Lowtherville and Bonchurch
33%
Melton Wymondham
33%
Wyre Forest Wyre Forest Rural
33%
Arun Yapton
33%
Birmingham Yardley East
33%
Birmingham Yardley West and Stechford
33%
Stockton-on-Tees Yarm
33%
Great Yarmouth Yarmouth North
33%
South Gloucestershire Yate Central
33%
Hart Yateley East
33%
Hart Yateley West
33%
South Gloucestershire Yate North
33%
Liverpool Yew Tree
33%
Derbyshire Dales Youlgrave
33%
Gloucester Abbeydale
0%
West Suffolk Abbeygate
0%
Ashfield Abbey Hill
0%
Stoke-on-Trent Abbey Hulton
0%
Gloucester Abbeymead
0%
City of Westminster Abbey Road
0%
Greenwich Abbey Wood
0%
Wigan Abram
0%
Broadland Acle
0%
Birmingham Acocks Green
0%
Cherwell Adderbury, Bloxham and Bodicote
0%
Croydon Addiscombe East
0%
Croydon Addiscombe West
0%
Hammersmith and Fulham Addison
0%
Runnymede Addlestone North
0%
Runnymede Addlestone South
0%
Dacorum Adeyfield East
0%
Dacorum Adeyfield West
0%
Chorley Adlington and Anderton
0%
Telford and Wrekin Admaston and Bratton
0%
Rugby Admirals and Cawston
0%
Doncaster Adwick-le-Street and Carcroft
0%
Wyre Forest Aggborough and Spennells
0%
Liverpool Aigburth
0%
Sefton Ainsdale
0%
Wakefield Airedale and Ferry Fryston
0%
North Yorkshire Aire Valley
0%
King's Lynn and West Norfolk Airfield
0%
North Yorkshire Aiskew and Leeming
0%
Shropshire Albrighton
0%
Redbridge Aldborough
0%
Wiltshire Aldbourne and Ramsbury
0%
East Suffolk Aldeburgh and Leiston
0%
Hertsmere Aldenham East
0%
Hertsmere Aldenham West
0%
Wiltshire Alderbury and Whiteparish
0%
West Berkshire Aldermaston
0%
Bournemouth, Christchurch and Poole Alderney and Bourne Valley
0%
City of London Aldersgate
0%
City of London Aldgate
0%
Walsall Aldridge Central and South
0%
Walsall Aldridge North and Walsall Wood
0%
Arun Aldwick East
0%
Arun Aldwick West
0%
Ipswich | Kingston-upon-Thames | Oldham Alexandra
0%
Haringey Alexandra Park
0%
Waverley Alfold, Dunsfold and Hascombe
0%
Barking and Dagenham Alibon
0%
Birmingham Allens Cross
0%
South Hams Allington and Strete
0%
Cheltenham | Medway All Saints
0%
Breckland All Saints and Wayland
0%
Kirklees Almondbury
0%
Stevenage Almond Hill
0%
Brent Alperton
0%
Exeter Alphington
0%
Amber Valley Alport and South West Parishes
0%
Tendring Alresford and Elmstead
0%
Winchester Alresford and Itchen Valley
0%
Lichfield Alrewas and Fradley
0%
Cheshire East Alsager
0%
Westmorland and Furness Alston and Fellside
0%
Ribble Valley Alston and Hothersall
0%
Cornwall Altarnun and Stoke Climsland
0%
Hyndburn Altham
0%
Maldon Althorne
0%
Wakefield Altofts and Whitwood
0%
Trafford Altrincham
0%
Birmingham Alum Rock
0%
Bromsgrove Alvechurch South
0%
Bromsgrove Alvechurch Village
0%
Gosport Alverstoke
0%
West Oxfordshire Alvescot and Filkins
0%
Leeds Alwoodley
0%
Hinckley and Bosworth Ambien
0%
Dudley Amblecote
0%
Teignbridge Ambrook
0%
Buckinghamshire Amersham and Chesham Bois
0%
Tamworth Amington
0%
North Yorkshire Amotherby and Ampleforth
0%
Test Valley Ampfield and Braishfield
0%
Central Bedfordshire Ampthill
0%
Blackpool Anchorsholme
0%
Manchester Ancoats and Beswick
0%
Test Valley Andover Downlands
0%
Test Valley Andover Harroway
0%
Test Valley Andover Millway
0%
Test Valley Andover Romans
0%
Test Valley Andover St Mary's
0%
Test Valley Andover Winton
0%
Liverpool Anfield
0%
East Staffordshire | Gosport Anglesey
0%
Arun Angmering and Findon
0%
Test Valley Anna
0%
Ashfield Annesley and Kirkby Woodhouse
0%
County Durham Annfield Plain and Tanfield
0%
Fylde Ansdell and Fairhaven
0%
Charnwood Anstey
0%
Rotherham Anston and Woodsetts
0%
Telford and Wrekin Apley Castle
0%
North Yorkshire Appleton Roebuck and Church Fenton
0%
Dacorum Apsley and Corner Hall
0%
Mid Sussex Ardingly, Balcombe and Turners Hill
0%
Leeds Ardsley and Robin Hood
0%
Manchester Ardwick
0%
North Warwickshire Arley and Whitacre
0%
Wealden Arlington
0%
Lichfield Armitage with Handsacre
0%
Leeds Armley
0%
Doncaster Armthorpe
0%
Enfield Arnos Grove
0%
Herefordshire Arrow
0%
Islington Arsenal
0%
Newcastle-upon-Tyne Arthur's Hill
0%
Windsor and Maidenhead Ascot and Sunninghill
0%
Melton Asfordby
0%
Kirklees Ashbrow
0%
Uttlesford Ashdon
0%
Hastings Ashdown
0%
Ashfield Ashfields
0%
Breckland Ashill
0%
Northumberland Ashington Central
0%
City of Bristol Ashley
0%
New Forest Ashley, Bashley and Fernhill
0%
Dacorum Ashridge
0%
Mole Valley Ashtead Lanes and Common
0%
Mole Valley Ashtead Park
0%
New Forest Ashurst, Bramshaw, Copythorne and Netley Marsh
0%
Mid Sussex Ashurst Wood and East Grinstead South
0%
Nottingham Aspley
0%
Wigan Aspull, New Springs and Whelley
0%
Babergh Assington
0%
Wigan Astley
0%
Bolton Astley Bridge
0%
Buckinghamshire Aston Clinton and Weston Turville
0%
Bromsgrove Aston Fields
0%
Redditch Astwood Bank and Feckenham
0%
North Warwickshire Atherstone Central
0%
North Warwickshire Atherstone North
0%
Wigan Atherton North
0%
Wigan Atherton South and Lilford
0%
Broxtowe Attenborough and Chilwell East
0%
Nuneaton and Bedworth Attleborough
0%
Breckland Attleborough Burgh and Haverscroft
0%
Breckland Attleborough Queens and Besthorpe
0%
Cheshire East Audlem
0%
Newcastle-under-Lyme Audley
0%
West Lancashire Aughton and Holborn
0%
Rotherham Aughton and Swallownest
0%
Epsom and Ewell Auriol
0%
South Kesteven Aveland
0%
Thurrock Aveley and Uplands
0%
Fareham | Kingston-upon-Hull Avenue
0%
Bromsgrove Avoncroft
0%
North Northamptonshire Avondale Grange
0%
Hammersmith and Fulham Avonmore
0%
Wiltshire Avon Valley
0%
Broxtowe Awsworth, Cossall and Trowell
0%
Erewash Awsworth Road
0%
Dover Aylesham, Eythorne and Shepherdswell
0%
Leicester Aylestone
0%
Herefordshire Aylestone Hill
0%
Middlesbrough Ayresome
0%
Coventry Bablake
0%
Herefordshire Backbury
0%
North Somerset Backwell
0%
North Tyneside Backworth and Holystone
0%
Mid Suffolk | North Norfolk Bacton
0%
Rossendale Bacup
0%
Winchester Badger Farm and Oliver's Battery
0%
Tewkesbury Badgeworth
0%
Wychavon Badsey and Aldington
0%
Portsmouth Baffins
0%
Shropshire Bagley
0%
East Staffordshire Bagots and Needwood
0%
Surrey Heath Bagshot
0%
Manchester Baguley
0%
Bradford Baildon
0%
Hastings Baird
0%
Doncaster Balby South
0%
Rochdale Balderstone and Kirkholt
0%
Newark and Sherwood Balderton North and Coddington
0%
Newark and Sherwood Balderton South
0%
North Hertfordshire Baldock East
0%
North Hertfordshire Baldock West
0%
Malvern Hills Baldwin
0%
Wandsworth Balham
0%
New Forest Ballard
0%
Birmingham Balsall Heath West
0%
South Cambridgeshire Balsham
0%
Rochdale Bamford
0%
Cherwell Banbury Calthorpe and Easington
0%
Cherwell Banbury Cross and Neithrop
0%
Cherwell Banbury Grimsbury and Hightown
0%
Cherwell Banbury Hardwick
0%
Cherwell Banbury Ruscote
0%
Mansfield Bancroft
0%
Stevenage Bandley Hill and Poplars
0%
Southampton Banister and Polygon
0%
Halton Bankfield
0%
Burnley Bank Hall
0%
Darlington Bank Top and Lascelles
0%
Reigate and Banstead Banstead Village
0%
North Somerset Banwell and Winscombe
0%
North West Leicestershire Bardon
0%
West Suffolk Bardwell
0%
Lancaster Bare
0%
Southampton Bargate
0%
South Cambridgeshire Bar Hill
0%
Wokingham Barkham and Arborfield
0%
Redbridge Barkingside
0%
Stafford Barlaston
0%
Bolsover Barlborough
0%
North Yorkshire Barlby and Riccall
0%
Hinckley and Bosworth Barlestone, Nailstone and Osbaston
0%
Rutland Barleythorpe
0%
North East Derbyshire Barlow and Holmesfield
0%
Maidstone Barming Heath and Teston
0%
High Peak Barms
0%
Peterborough Barnack
0%
Malvern Hills Barnards Green
0%
Bexley Barnehurst
0%
Richmond-upon-Thames | Sunderland Barnes
0%
Hyndburn | Luton Barnfield
0%
Arun Barnham
0%
Brent Barnhill
0%
West Suffolk Barningham
0%
Pendle Barnoldswick
0%
Islington Barnsbury
0%
Bromsgrove Barnt Green and Hopwood
0%
Gloucester Barnwood
0%
South Cambridgeshire Barrington
0%
Pendle Barrowford and Pendleside
0%
Birmingham Bartley Green
0%
North Northamptonshire Barton Seagrave and Burton Latimer
0%
Hinckley and Bosworth Barwell
0%
Nottingham Basford
0%
Stoke-on-Trent Basford and Hartshill
0%
West Berkshire Basildon
0%
Basingstoke and Deane Basing and Upton Grey
0%
Southampton Bassett
0%
South Cambridgeshire Bassingbourn
0%
North Kesteven Bassingham Rural
0%
City of London Bassishaw
0%
Blackburn with Darwen Bastwell and Daisyfield
0%
Stafford Baswich
0%
Redditch Batchley and Brockhill
0%
St Albans Batchwood
0%
Bath and North East Somerset Bathavon North
0%
Bath and North East Somerset Bathavon South
0%
Bath and North East Somerset Bathwick
0%
Worcester Battenhall
0%
Mid Suffolk Battisford and Ringshall
0%
Cheltenham Battledown
0%
Shropshire Battlefield
0%
North Tyneside Battle Hill
0%
Hyndburn Baxenden
0%
Slough Baylis and Salt Hill
0%
Shropshire Bayston Hill
0%
City of Westminster Bayswater
0%
Arun Beach
0%
Dorset | Newark and Sherwood Beacon
0%
South Tyneside Beacon and Bents
0%
Thanet Beacon Road
0%
Buckinghamshire Beaconsfield
0%
Barking and Dagenham Beam
0%
Dorset Beaminster
0%
Havering Beam Park
0%
Dartford Bean and Village Park
0%
Maidstone Bearsted and Downswood
0%
Bournemouth, Christchurch and Poole Bearwood and Merley
0%
Sheffield Beauchief and Greenhill
0%
Leicester Beaumont Leys
0%
Ashford Beaver
0%
Wirral Bebington
0%
Northumberland Bebside and Kitty Brewster
0%
Bromley Beckenham Town and Copers Cope
0%
Bassetlaw Beckingham
0%
Newham Beckton
0%
South Norfolk Beck Vale, Dickleburgh and Scole
0%
Barking and Dagenham Becontree
0%
Sutton Beddington
0%
Nuneaton and Bedworth | South Tyneside Bede
0%
Hounslow Bedfont
0%
Havant Bedhampton
0%
Breckland Bedingfeld
0%
Northumberland Bedlington Central
0%
Northumberland Bedlington East
0%
Northumberland Bedlington West
0%
City of Bristol Bedminster
0%
Stevenage Bedwell
0%
Luton Beech Hill
0%
East Devon Beer and Branscombe
0%
Leeds Beeston and Holbeck
0%
Broxtowe Beeston Central
0%
Broxtowe Beeston North
0%
North Norfolk Beeston Regis and the Runtons
0%
Broxtowe Beeston Rylands
0%
Broxtowe Beeston West
0%
Sheffield Beighton
0%
Cumberland Belah
0%
Bromsgrove Belbroughton and Romsley
0%
Southend-on-Sea Belfairs
0%
Leicester | Tamworth Belgrave
0%
Thurrock Belhus
0%
Dudley | Liverpool Belle Vale
0%
Cumberland | Shropshire Belle Vue
0%
Guildford Bellfields and Slyfield
0%
Test Valley Bellinger
0%
Lewisham | Northumberland Bellingham
0%
County Durham | Harrow | Redcar and Cleveland | +3 others Belmont
0%
Herefordshire Belmont Rural
0%
Hillingdon Belmore
0%
Amber Valley Belper East
0%
Amber Valley Belper North
0%
Amber Valley Belper South
0%
Camden Belsize
0%
Canterbury Beltinge
0%
Bexley Belvedere
0%
South Kesteven Belvoir
0%
Isle of Wight Bembridge
0%
County Durham Benfieldside
0%
Wychavon Bengeworth
0%
Cheltenham Benhall, the Reddings and Fiddler's Green
0%
Dacorum Bennetts End
0%
Croydon Bensham Manor
0%
South Oxfordshire Benson and Crowmarsh
0%
Stoke-on-Trent Bentilee, Ubberley and Townsend
0%
Hertsmere Bentley Heath and the Royds
0%
East Hampshire Bentworth and Froyle
0%
Newcastle-upon-Tyne Benwell and Scotswood
0%
Colchester Berechurch
0%
West Devon Bere Ferrers
0%
South Oxfordshire Berinsfield
0%
St Albans Bernards Heath
0%
Nottingham Berridge
0%
Buckinghamshire Berryfields, Buckingham Park and Watermead
0%
Forest of Dean | Mansfield Berry Hill
0%
Kingston-upon-Thames Berrylands
0%
Arun Bersted
0%
Middlesbrough Berwick Hills and Pallister
0%
Doncaster Bessacarr
0%
Bury Besses
0%
Southampton Bevois
0%
Warrington Bewsey and Whitecross
0%
Bexley Bexleyheath
0%
Cherwell Bicester East
0%
Cherwell Bicester North and Caversfield
0%
Cherwell Bicester South and Ambrosden
0%
Cherwell Bicester West
0%
Solihull Bickenhill
0%
North Devon Bickington
0%
South Hams Bickleigh and Cornwood
0%
Bromley Bickley and Sundridge
0%
Chelmsford Bicknacre and East and West Hanningfield
0%
Shropshire Bicton Heath
0%
Ashford Biddenden
0%
Bedford Biddenham
0%
South Tyneside Biddick and All Saints
0%
Stratford-on-Avon Bidford East
0%
Stratford-on-Avon Bidford West
0%
Nottingham Bilborough
0%
South Staffordshire Bilbrook
0%
Basildon Billericay East
0%
Basildon Billericay West
0%
Harborough Billesdon and Tilton
0%
Birmingham Billesley
0%
Blackburn with Darwen Billinge and Beardwood
0%
St Helens Billinge and Seneley Green
0%
Stockton-on-Tees Billingham Central
0%
Stockton-on-Tees Billingham East
0%
Stockton-on-Tees Billingham North
0%
Stockton-on-Tees Billingham South
0%
Stockton-on-Tees Billingham West and Wolviston
0%
North Kesteven Billinghay Rural
0%
City of London Billingsgate
0%
Ribble Valley Billington and Langho
0%
Newark and Sherwood Bilsthorpe
0%
East Lindsey Binbrook
0%
Bracknell Forest Binfield North and Warfield West
0%
Bracknell Forest Binfield South and Jennett's Park
0%
Coventry Binley and Willenhall
0%
Isle of Wight Binstead and Fishbourne
0%
Herefordshire Birch
0%
King's Lynn and West Norfolk Bircham with Rudhams
0%
Herefordshire Bircher
0%
Birmingham | Halton Birchfield
0%
Walsall Birchills Leamore
0%
Thanet Birchington North
0%
Thanet Birchington South
0%
Ashford Bircholt
0%
Lincoln | Warrington Birchwood
0%
Sefton Birkdale
0%
Wirral Birkenhead and Tranmere
0%
Sheffield Birley
0%
Tonbridge and Malling Birling, Leybourne and Ryarsh
0%
Kirklees Birstall and Birkenshaw
0%
Charnwood Birstall East and Wanlip
0%
Charnwood Birstall West
0%
Gateshead Birtley
0%
Luton Biscot
0%
Windsor and Maidenhead Bisham and Cookham
0%
Shropshire Bishop's Castle
0%
Herefordshire Bishops Frome and Cradley
0%
North Devon Bishop's Nympton
0%
Warwick Bishop's Tachbrook
0%
Teignbridge Bishopsteignton
0%
Eastleigh Bishopstoke
0%
City of Bristol Bishopston and Ashley Down
0%
Winchester Bishop's Waltham
0%
City of Bristol Bishopsworth
0%
Stroud Bisley
0%
Blackpool Bispham
0%
Southampton Bitterne Park
0%
South Gloucestershire Bitton and Oldland Common
0%
Ipswich Bixley
0%
Blaby Blaby
0%
South Hams Blackawton and Stoke Fleming
0%
Oxford Blackbird Leys
0%
High Peak | St Helens Blackbrook
0%
Somerset Blackdown and Neroche
0%
Bexley Blackfen and Lamorbey
0%
North West Leicestershire Blackfordby
0%
Salford Blackfriars and Trinity
0%
County Durham Blackhalls and Hesledens
0%
Lewisham | Sandwell Blackheath
0%
Greenwich Blackheath Westcombe
0%
Somerset Blackmoor Vale
0%
Brentwood Blackmore and Doddinghurst
0%
Dorset Blackmore Vale
0%
West Northamptonshire Blackthorn and Rectory Farm
0%
Tower Hamlets Blackwall and Cubitt Town
0%
Cheshire West and Chester Blacon
0%
North Somerset Blagdon and Churchill
0%
Wyre Forest Blakebrook and Habberley South
0%
Newcastle-upon-Tyne Blakelaw
0%
Walsall Blakenall
0%
Wolverhampton Blakenhall
0%
Mid Suffolk Blakenham
0%
Gateshead Blaydon
0%
Canterbury Blean Forest
0%
Bexley Blendon and Penhill
0%
Southend-on-Sea Blenheim Park
0%
Tandridge Bletchingley and Nutfield
0%
Vale of White Horse Blewbury and Harwell
0%
Cotswold Blockley
0%
Blackpool Bloomfield
0%
Camden Bloomsbury
0%
Tendring Bluehouse
0%
Sefton Blundellsands
0%
Swindon Blunsdon and Highworth
0%
Stoke-on-Trent Blurton
0%
Swale Bobbing, Iwade and Lower Halstow
0%
Herefordshire Bobblestock
0%
Ashford Bockhanger
0%
Braintree Bocking Blackwater
0%
Braintree Bocking North
0%
Braintree Bocking South
0%
Cornwall Bodmin St Mary's and St Leonard
0%
Cornwall Bodmin St Petroc's
0%
Tamworth Bolehall
0%
Newham Boleyn
0%
Lichfield Boley Park
0%
Cheshire East Bollington
0%
Buckinghamshire Booker and Cressex
0%
Mole Valley Bookham East and Eastwick Park
0%
Mole Valley Bookham West
0%
Stoke-on-Trent Boothen
0%
Kingston-upon-Hull Boothferry
0%
Salford Boothstown and Ellenbrook
0%
Swale Borden and Grove Park
0%
Birmingham Bordesley and Highgate
0%
Birmingham Bordesley Green
0%
Tonbridge and Malling Borough Green and Platt
0%
Bournemouth, Christchurch and Poole Boscombe East and Pokesdown
0%
Bournemouth, Christchurch and Poole Boscombe West
0%
Rotherham Boston Castle
0%
Harborough Bosworth
0%
Cumberland Botcherby
0%
Northumberland Bothal
0%
Cumberland Bothel and Wharrels
0%
East Cambridgeshire Bottisham
0%
Maidstone Boughton Monchelsea and Chart Sutton
0%
Pendle Boulsworth and Foulridge
0%
Lincoln Boultham
0%
Haringey Bounds Green
0%
Birmingham Bournbrook and Selly Park
0%
Lichfield Bourne Vale
0%
Test Valley Bourne Valley
0%
Birmingham Bournville and Cotteridge
0%
Teignbridge Bovey
0%
Dacorum Bovingdon, Flaunden and Chipperfield
0%
Wychavon Bowbrook
0%
County Durham Bowburn and Coxhoe
0%
Trafford Bowdon
0%
Tower Hamlets Bow East
0%
Lancaster Bowerham
0%
Wiltshire Bowerhill
0%
Enfield Bowes
0%
Ribble Valley Bowland
0%
Bradford Bowling and Barkerend
0%
Norwich Bowthorpe
0%
Tower Hamlets Bow West
0%
Wiltshire Box and Colerne
0%
Maidstone Boxley Downs
0%
Dacorum Boxmoor
0%
Babergh Box Vale
0%
South Gloucestershire Boyd Valley
0%
Windsor and Maidenhead Boyn Hill
0%
North Kesteven Bracebridge Heath
0%
West Berkshire Bradfield
0%
Bradford Bradford Moor
0%
Wiltshire Bradford-on-Avon North
0%
Wiltshire Bradford-on-Avon South
0%
Pendle | Teignbridge Bradley
0%
South Gloucestershire Bradley Stoke North
0%
South Gloucestershire Bradley Stoke South
0%
Mid Devon Bradninch
0%
Bolton Bradshaw
0%
Thanet Bradstowe
0%
Derbyshire Dales | Milton Keynes | Newcastle-under-Lyme Bradwell
0%
Great Yarmouth Bradwell North
0%
Great Yarmouth Bradwell South and Hopton
0%
Horsham Bramber, Upper Beeding and Woodmancote
0%
Broxtowe Bramcote
0%
Mid Suffolk Bramford
0%
Stockport Bramhall North
0%
Luton Bramingham
0%
East Hampshire Bramshott and Liphook
0%
County Durham Brandon
0%
West Suffolk Brandon Central
0%
West Suffolk Brandon East
0%
West Suffolk Brandon West
0%
Birmingham Brandwood and King's Heath
0%
New Forest Bransgore, Burley, Sopley and Ringwood East
0%
East Staffordshire | North Kesteven Branston
0%
Cumberland Bransty
0%
Babergh Brantham
0%
Sevenoaks Brasted, Chevening and Sundridge
0%
North Devon Bratton Fleming
0%
East Hertfordshire Braughing and Standon
0%
West Northamptonshire Braunston and Crick
0%
Rutland Braunston and Martinsthorpe
0%
Blaby Braunstone Millfield
0%
Leicester Braunstone Park and Rowley Fields
0%
Blaby Braunstone Ravenhurst
0%
North Devon Braunton East
0%
North Devon Braunton West and Georgeham
0%
Windsor and Maidenhead Bray
0%
Hastings Braybrooke
0%
North Yorkshire Brayton and Barlow
0%
City of London Bread Street
0%
Forest of Dean Bream
0%
Erewash Breaston
0%
Wyre Breck
0%
Stockport Bredbury and Woodley
0%
Stockport Bredbury Green and Romiley
0%
Rother Brede and Udimore
0%
Wychavon Bredon
0%
Wychavon Bredon Hill
0%
Bolton Breightmet
0%
Cannock Chase Brereton and Ravenhill
0%
Cheshire East Brereton Rural
0%
South Norfolk Bressingham and Burston
0%
Wychavon Bretforton and Offenham
0%
Peterborough Bretton
0%
Babergh Brett Vale
0%
Bedford Brickhill
0%
Mansfield Brick Kiln
0%
Kingston-upon-Hull Bricknell
0%
West Devon Bridestowe
0%
Gosport Bridgemary
0%
Halton Bridgewater
0%
Shropshire Bridgnorth Castle
0%
Shropshire Bridgnorth East
0%
Shropshire Bridgnorth South and Alveley
0%
Shropshire Bridgnorth West and Tasley
0%
Somerset Bridgwater East and Bawdrip
0%
Somerset Bridgwater North and Central
0%
Somerset Bridgwater South
0%
Somerset Bridgwater West
0%
Dorset Bridport
0%
Burnley Briercliffe
0%
Pendle Brierfield East and Clover Hill
0%
Pendle Brierfield West and Reedley
0%
Dudley Brierley Hill and Wordsley South
0%
Isle of Wight Brighstone, Calbourne and Shalfleet
0%
Basingstoke and Deane Brighton Hill
0%
Chesterfield Brimington North
0%
Chesterfield Brimington South
0%
Enfield Brimsdown
0%
Darlington Brinkburn and Faverdale
0%
Wiltshire Brinkworth
0%
Broxtowe Brinsley
0%
Rotherham Brinsworth
0%
City of Bristol Brislington East
0%
City of Bristol Brislington West
0%
Sandwell Bristnall
0%
North Norfolk Briston
0%
Rossendale Britannia and Lee Mill
0%
Slough Britwell
0%
West Northamptonshire Brixworth
0%
West Oxfordshire Brize Norton and Shilton
0%
Brentwood Brizes, Stondon Massey and South Weald
0%
East Staffordshire Brizlincote
0%
Horsham Broadbridge Heath
0%
East Devon Broadclyst
0%
Croydon Broad Green
0%
Liverpool Broadgreen
0%
Malvern Hills | Torridge | Trafford Broadheath
0%
Folkestone and Hythe Broadmead
0%
South Ribble Broad Oak
0%
Uttlesford Broad Oak and the Hallingburys
0%
Bournemouth, Christchurch and Poole Broadstone
0%
City of London Broad Street
0%
Worthing Broadwater
0%
Wyre Forest Broadwaters
0%
Wychavon Broadway, Sedgeberrow and Childswickham
0%
New Forest Brockenhurst and Denny Lodge
0%
Ribble Valley Brockhall and Dinckley
0%
Gosport Brockhurst and Privett
0%
Lewisham Brockley
0%
Dudley Brockmoor and Pensnett
0%
Chesterfield Brockwell
0%
Wyre Brock with Catterall
0%
Tewkesbury Brockworth East
0%
Tewkesbury Brockworth West
0%
Wirral Bromborough
0%
Birmingham Bromford and Hodge Hill
0%
Bedford Bromham
0%
Wiltshire Bromham, Rowde and Roundway
0%
Bolton Bromley Cross
0%
Herefordshire Bromyard Bringsty
0%
Herefordshire Bromyard West
0%
Brent Brondesbury Park
0%
South Norfolk Brooke
0%
Arun | Preston Brookfield
0%
Hammersmith and Fulham Brook Green
0%
Manchester | Trafford Brooklands
0%
Welwyn Hatfield Brookmans Park and Little Heath
0%
Telford and Wrekin Brookside
0%
Basingstoke and Deane Brookvale and Kings Furlong
0%
Sheffield Broomhill and Sharrow Vale
0%
North West Leicestershire Broom Leys
0%
Shropshire Broseley
0%
Redcar and Cleveland Brotton
0%
Harborough Broughton Astley South and Leire
0%
Shropshire Brown Clee
0%
Staffordshire Moorlands Brown Edge and Endon
0%
Walsall Brownhills
0%
Liverpool Brownlow Hill
0%
Hackney Brownswood
0%
Broxbourne Broxbourne and Hoddesdon South
0%
Haringey Bruce Castle
0%
North Lincolnshire Brumby
0%
Broadland Brundall
0%
Burnley Brunshaw
0%
Blackpool Brunswick
0%
Brighton and Hove Brunswick and Adelaide
0%
Barnet Brunswick Park
0%
Somerset Brympton
0%
Huntingdonshire Buckden
0%
Epping Forest Buckhurst Hill East and Whitebridge
0%
Epping Forest Buckhurst Hill West
0%
West Berkshire Bucklebury
0%
Stoke-on-Trent Bucknall and Eaton Park
0%
South Ribble Buckshaw and Worden
0%
Warwick Budbrooke
0%
Plymouth Budshead
0%
Lancaster Bulk
0%
Nuneaton and Bedworth Bulkington
0%
Bracknell Forest Bullbrook
0%
Enfield Bullsmoor
0%
Wokingham Bulmershe and Coronation
0%
Nottingham Bulwell
0%
Nottingham Bulwell Forest
0%
Braintree Bumpstead
0%
Cheshire East Bunbury
0%
East Suffolk Bungay and Wainford
0%
Islington Bunhill
0%
Rushcliffe Bunny
0%
East Hertfordshire Buntingford
0%
South Norfolk Bunwell
0%
High Peak Burbage
0%
Hinckley and Bosworth Burbage Sketchley and Stretton
0%
Hinckley and Bosworth Burbage St Catherines and Lash Hill
0%
Babergh Bures St Mary and Nayland
0%
Mid Sussex Burgess Hill Dunstall
0%
Mid Sussex Burgess Hill Franklands
0%
Mid Sussex Burgess Hill Leylands
0%
Mid Sussex Burgess Hill Meeds and Hammonds
0%
Mid Sussex Burgess Hill St Andrews
0%
Mid Sussex Burgess Hill Victoria
0%
West Berkshire Burghfield and Mortimer
0%
East Hampshire Buriton and East Meon
0%
Broadland Burlingham
0%
Leeds Burmantofts and Richmond Hill
0%
Manchester Burnage
0%
Shropshire Burnell
0%
Sheffield Burngreave
0%
King's Lynn and West Norfolk Burnham Market and Docking
0%
Barnet Burnt Oak
0%
Hartlepool Burn Valley
0%
Guildford Burpham
0%
West Devon Burrator
0%
North Lincolnshire Burringham and Gunness
0%
Tendring Burrsville
0%
West Lancashire Burscough Town
0%
Eastleigh Bursledon and Hound North
0%
Stoke-on-Trent Burslem
0%
Stoke-on-Trent Burslem Park
0%
Basildon Burstead
0%
Rother Burwash and the Weald
0%
East Cambridgeshire Burwell
0%
Wolverhampton Bushbury North
0%
Wolverhampton Bushbury South and Low Hill
0%
Teignbridge Bushell
0%
Harlow Bush Fair
0%
Enfield Bush Hill Park
0%
Warrington Buttonwood and Winwick
0%
Wealden Buxted
0%
Ashford Bybrook
0%
Wiltshire By Brook
0%
Woking Byfleet and West Byfleet
0%
Newcastle-upon-Tyne Byker
0%
Mid Devon Cadbury
0%
Central Bedfordshire Caddington
0%
Salford Cadishead and Lower Irlam
0%
Preston Cadley
0%
North Hertfordshire Cadwell
0%
Tonbridge and Malling Cage Green and Angel
0%
Stroud Cainscross
0%
Great Yarmouth Caister North
0%
Great Yarmouth Caister South
0%
West Lindsey Caistor and Yarborough
0%
Calderdale Calde
0%
South Cambridgeshire Caldecote
0%
Wyre Calder
0%
Liverpool Calderstones
0%
Islington Caledonian
0%
Newcastle-upon-Tyne Callerton and Throckley
0%
Cornwall Callington and St Dominic
0%
Watford Callowland
0%
Cornwall Calstock
0%
Derbyshire Dales Calver and Longstone
0%
Leeds Calverley and Farsley
0%
Gedling Calverton
0%
Southwark Camberwell Green
0%
Sefton Cambridge
0%
Milton Keynes Campbell Park and Old Woughton
0%
North Tyneside Camperdown
0%
Nuneaton and Bedworth Camp Hill
0%
West Northamptonshire Campion
0%
Woking Canalside
0%
Kingston-upon-Thames Canbury Gardens
0%
City of London Candlewick
0%
Bournemouth, Christchurch and Poole Canford Cliffs
0%
Bournemouth, Christchurch and Poole Canford Heath
0%
Tendring | Waltham Forest Cann Hall
0%
Liverpool Canning
0%
Somerset Cannington
0%
Newham Canning Town North
0%
Newham Canning Town South
0%
Merton Cannon Hill
0%
Islington Canonbury
0%
Harrow Canons
0%
Mid Devon Canonsleigh
0%
Castle Point Canvey Island Central
0%
Castle Point Canvey Island East
0%
Castle Point Canvey Island North
0%
Castle Point Canvey Island South
0%
Castle Point Canvey Island Winter Gardens
0%
Lincoln Carholme
0%
Wyre Carleton
0%
East Suffolk Carlford and Fynn Valley
0%
East Suffolk Carlton Colville
0%
Fylde Carnegie
0%
Lancaster Carnforth and Millhead
0%
Three Rivers Carpenders Park
0%
Mansfield Carr Bank
0%
Ashfield Carsic
0%
Enfield Carterhatch
0%
West Oxfordshire Carterton North East
0%
West Oxfordshire Carterton North West
0%
West Oxfordshire Carterton South
0%
South Kesteven Casewick
0%
City of London Castle Baynard
0%
Solihull Castle Bromwich
0%
Basildon Castledon and Crouch
0%
North West Leicestershire Castle Donington Castle
0%
North West Leicestershire Castle Donington Central
0%
North West Leicestershire Castle Donington Park
0%
County Durham Castle Eden and Passfield
0%
Buckinghamshire Castlefield and Oakridge
0%
Shropshire Castlefields and Ditherington
0%
Ipswich Castle Hill
0%
North West Leicestershire Castle Rock
0%
Birmingham Castle Vale
0%
Lewisham Catford South
0%
Waltham Forest Cathall
0%
Rother Catsfield and Crowhurst
0%
Bromsgrove Catshill North
0%
Bromsgrove Catshill South
0%
Norwich Catton Grove
0%
Bedford Cauldwell
0%
Gedling Cavendish
0%
Reading Caversham
0%
Reading Caversham Heights
0%
Staffordshire Moorlands Caverswall
0%
North Yorkshire Cawood and Escrick
0%
South Cambridgeshire Caxton and Papworth
0%
North Yorkshire Cayton
0%
Hackney Cazenove
0%
Staffordshire Moorlands Cellarhead
0%
Harrow Centenary
0%
Winchester Central Meon Valley
0%
Portsmouth Central Southsea
0%
Hastings Central St Leonards
0%
Babergh Chadacre
0%
Oldham Chadderton Central
0%
Oldham Chadderton North
0%
Oldham Chadderton South
0%
West Oxfordshire Chadlington and Churchill
0%
Lichfield Chadsmead
0%
Cannock Chase Chadsmoor
0%
Redbridge Chadwell
0%
Barking and Dagenham Chadwell Heath
0%
Thurrock Chadwell St Mary
0%
Thurrock Chafford and North Stifford
0%
West Devon Chagford
0%
Lewes Chailey, Barcombe and Hamsey
0%
Tandridge Chaldon
0%
Isle of Wight Chale, Nilton and Shorwell
0%
Buckinghamshire Chalfont St Giles and Little Chalfont
0%
Buckinghamshire Chalfont St Peter
0%
Stroud Chalford
0%
South Oxfordshire Chalgrove
0%
Gravesham Chalk
0%
Dorset Chalk Valleys
0%
Southend-on-Sea | Swale Chalkwell
0%
Luton Challney
0%
Slough Chalvey
0%
Southwark Champion Hill
0%
Eastleigh Chandler's Ford
0%
Leeds Chapel Allerton
0%
Waltham Forest Chapel End
0%
Warrington Chapelford and Old Hall
0%
South Gloucestershire Charfield
0%
Bromsgrove Charford
0%
Ashford Charing
0%
West Oxfordshire Charlbury and Finstock
0%
Sandwell Charlemont with Grove Vale
0%
Dorset Charminster St Mary's
0%
South Ribble Charnock
0%
South Hams Charterlands
0%
Canterbury Chartham and Stone Street
0%
Hillingdon Charville
0%
Lichfield Chase Terrace
0%
Lichfield Chasetown
0%
Ribble Valley Chatburn
0%
Southwark Chaucer
0%
Dacorum Chaulden and Warners End
0%
Sutton Cheam
0%
City of London Cheap
0%
Staffordshire Moorlands Checkley
0%
West Suffolk Chedburgh and Chevington
0%
Staffordshire Moorlands Cheddleton
0%
Cotswold Chedworth and Churn Valley
0%
Manchester Cheetham
0%
Cheshire East Chelford
0%
Stevenage Chells
0%
Chelmsford Chelmer Village and Beaulieu Park
0%
Chelmsford Chelmsford Rural West
0%
Solihull Chelmsley Wood
0%
Bromley Chelsfield
0%
Folkestone and Hythe Cheriton
0%
Knowsley Cherryfield
0%
Cambridge Cherry Hinton
0%
West Lindsey Cherry Willingham
0%
Rushmoor Cherrywood
0%
Dorset Chesil Bank
0%
South Staffordshire Cheslyn Hay Village
0%
Canterbury Chestfield
0%
Shropshire Cheswardine
0%
Bath and North East Somerset Chew Valley
0%
Coventry Cheylesmore
0%
Dorset Chickerell
0%
Wealden Chiddingly, East Hoathly and Waldron
0%
West Berkshire Chieveley and Cold Ash
0%
Barnet Childs Hill
0%
Liverpool Childwall
0%
Buckinghamshire Chiltern Villages
0%
Nuneaton and Bedworth Chilvers Coton
0%
Broxtowe Chilwell West
0%
Test Valley Chilworth, Nursling and Rownhams
0%
Basingstoke and Deane Chineham
0%
Waltham Forest Chingford Green
0%
South Oxfordshire Chinnor
0%
Reigate and Banstead Chipstead, Kingswood and Woodmansterne
0%
Shropshire Chirbury and Worthen
0%
North Tyneside Chirton and Percy Main
0%
Swindon Chiseldon and Lawn
0%
Bromley Chislehurst
0%
North Devon Chittlehampton
0%
South Oxfordshire Cholsey
0%
Northumberland Choppington and Hepscott
0%
Gateshead Chopwell and Rowlands Gill
0%
Manchester Chorlton
0%
Manchester Chorlton Park
0%
Gateshead Chowdene
0%
Tewkesbury Churchdown Brookfield with Hucclecote
0%
Tewkesbury Churchdown St John's
0%
Redbridge Churchfields
0%
South Derbyshire Church Gresley
0%
Adur | Oxford Churchill
0%
Harlow Church Langley North and Newhall
0%
Harlow Church Langley South and Potter Street
0%
City of Westminster Church Street
0%
Staffordshire Moorlands Churnet
0%
Torbay Churston with Galmpton
0%
Forest of Dean Cinderford East
0%
Forest of Dean Cinderford West
0%
Worcester Claines
0%
Guildford Clandon and Horsley
0%
East Hampshire Clanfield
0%
Mid Devon Clare and Shuttern
0%
West Suffolk Clare, Hundon and Kedington
0%
Blackpool | Salford Claremont
0%
St Albans Clarence
0%
Wirral Clatterbridge
0%
Wirral Claughton
0%
Stratford-on-Avon Claverdon and Snitterfield
0%
Shropshire Claverley and Worfield
0%
North East Derbyshire Clay Cross North
0%
North East Derbyshire Clay Cross South
0%
Great Yarmouth Claydon
0%
Mid Suffolk Claydon and Barham
0%
Elmbridge Claygate
0%
Redbridge Clayhall
0%
Newcastle-under-Lyme Clayton
0%
Bradford Clayton and Fairweather Green
0%
Manchester Clayton and Openshaw
0%
Chorley Clayton East, Brindle and Hoghton
0%
Ribble Valley Clayton-le-Dale and Salesbury
0%
Hyndburn Clayton-le-Moors
0%
Chorley Clayton West and Cuerden
0%
Bassetlaw Clayworth
0%
South Tyneside Cleadon Park
0%
Kirklees Cleckheaton
0%
Tewkesbury Cleeve Grange
0%
Tewkesbury Cleeve Hill
0%
Tewkesbury Cleeve St Michael's
0%
Tewkesbury Cleeve West
0%
Redbridge Clementswood
0%
King's Lynn and West Norfolk Clenchwarton
0%
Shropshire Cleobury Mortimer
0%
Islington Clerkenwell
0%
Wyre Cleveleys Park
0%
Windsor and Maidenhead Clewer and Dedworth East
0%
Windsor and Maidenhead Clewer and Dedworth West
0%
Windsor and Maidenhead Clewer East
0%
Thanet Cliffsend and Pegwell
0%
Thanet Cliftonville East
0%
Thanet Cliftonville West
0%
Hackney Clissold
0%
Burnley Cliviger with Worsthorne
0%
Bromley Clock House
0%
Liverpool Clubmoor East
0%
Liverpool Clubmoor West
0%
Bath and North East Somerset Clutton and Farmborough
0%
East Devon Clyst Valley
0%
Burnley Coal Clough with Deerplay
0%
Redcar and Cleveland Coatham
0%
Elmbridge Cobham and Downside
0%
Darlington Cockerton
0%
Enfield Cockfosters
0%
Torbay Cockington with Chelston
0%
North Hertfordshire Codicote and Kimpton
0%
Amber Valley Codnor, Langley Mill and Aldercar
0%
South Staffordshire Codsall
0%
Bromsgrove Cofton
0%
Braintree Coggeshall
0%
Adur Cokeham
0%
Somerset Coker
0%
Brighton and Hove Coldean and Stanmer
0%
Gravesham Coldharbour and Perry Street
0%
Oldham Coldhurst
0%
Forest of Dean Coleford
0%
City of London Coleman Street
0%
Cambridge Coleridge
0%
North Warwickshire Coleshill North
0%
North Warwickshire Coleshill South
0%
Reading Coley
0%
Horsham Colgate and Rusper
0%
Barnet Colindale North
0%
Barnet Colindale South
0%
Torbay Collaton St Mary
0%
Hammersmith and Fulham College Park and Old Oak
0%
Merton Colliers Wood
0%
Newark and Sherwood Collingham
0%
Slough Colnbrook and Poyle
0%
Kirklees Colne Valley
0%
St Albans Colney Heath
0%
Cotswold Coln Valley
0%
Broadland Coltishall
0%
Lichfield Colton and the Ridwares
0%
Kensington and Chelsea Colville
0%
Gedling Colwick
0%
East Devon Coly Valley
0%
Bath and North East Somerset Combe Down
0%
North Devon Combe Martin
0%
Mid Suffolk Combs Ford
0%
Somerset Comeytrowe and Trull
0%
Stafford Common
0%
Bournemouth, Christchurch and Poole Commons
0%
Rushcliffe Compton Acres
0%
Gloucester Coney Hill
0%
Cheshire East Congleton East
0%
Cheshire East Congleton West
0%
North Somerset Congresbury and Puxton
0%
Hammersmith and Fulham Coningham
0%
East Lindsey Coningsby and Mareham
0%
Doncaster Conisbrough
0%
Westmorland and Furness Coniston and Hawkshead
0%
Ashford Conningbrook and Little Burton Farm
0%
Hastings Conquest
0%
County Durham Consett North
0%
County Durham Consett South
0%
Babergh Copdock and Washbrook
0%
Portsmouth Copnor
0%
Gedling Coppice
0%
North Yorkshire Coppice Valley and Duchy
0%
Tendring Coppins
0%
Chorley Coppull
0%
Sunderland Copt Hill
0%
Shropshire Copthorne
0%
High Peak Corbar
0%
Northumberland Corbridge
0%
City of London Cordwainer
0%
Dorset Corfe Mullen
0%
City of London Cornhill
0%
Thurrock Corringham and Fobbing
0%
Wiltshire Corsham Ladbrook
0%
Wiltshire Corsham Pickwick
0%
Wiltshire Corsham Without
0%
Shropshire Corvedale
0%
Dudley Coseley
0%
Portsmouth Cosham
0%
High Peak Cote Heath
0%
Rushcliffe Cotgrave
0%
City of Bristol Cotham
0%
Erewash Cotmanhay
0%
South Cambridgeshire Cottenham
0%
Rutland Cottesmore
0%
East Riding of Yorkshire Cottingham North
0%
East Riding of Yorkshire Cottingham South
0%
Middlesbrough Coulby Newham
0%
Croydon Coulsdon Town
0%
Blaby Countesthorpe
0%
Liverpool County
0%
South Ribble Coupe Green and Gregson Lane
0%
Epsom and Ewell Court
0%
Kensington and Chelsea Courtfield
0%
Arun Courtwick with Toddington
0%
Swindon Covingham and Dorcan
0%
Sevenoaks Cowden and Hever
0%
Horsham Cowfold, Shermanbury and West Grinstead
0%
Northumberland Cowpen
0%
Havant Cowplain
0%
Southampton Coxford
0%
Windsor and Maidenhead Cox Green
0%
Maidstone Coxheath and Farleigh
0%
Newcastle-under-Lyme Crackley and Red Street
0%
Sandwell Cradley Heath and Old Hill
0%
Dudley Cradley North and Wollescote
0%
County Durham Craghead and South Moor
0%
Northumberland Cramlington East and Double Row
0%
Northumberland Cramlington Eastfield
0%
Northumberland Cramlington North
0%
Northumberland Cramlington North West
0%
Northumberland Cramlington South East
0%
Northumberland Cramlington South West
0%
Northumberland Cramlington Village
0%
Dorset Cranborne and Alderholt
0%
Dorset Cranborne Chase
0%
East Devon | Redbridge Cranbrook
0%
Tunbridge Wells Cranbrook, Sissinghurst and Frittenden
0%
Central Bedfordshire Cranfield and Marston Moretaine
0%
Hounslow Cranford
0%
Havering Cranham
0%
Waverley Cranleigh East
0%
Waverley Cranleigh West
0%
Rushcliffe Cranmer
0%
North Kesteven Cranwell, Leasingham and Wilsford
0%
Bradford Craven
0%
Shropshire Craven Arms
0%
Gateshead Crawcrook and Greenside
0%
Mid Sussex Crawley Down
0%
Bexley Crayford
0%
Herefordshire Credenhill
0%
Bournemouth, Christchurch and Poole Creekmoor
0%
Somerset Crewkerne
0%
Merton Cricket Green
0%
Wiltshire Cricklade and Latton
0%
Barnet Cricklewood
0%
Brent Cricklewood and Mapesbury
0%
South Norfolk Cringleford
0%
City of London Cripplegate
0%
Sevenoaks Crockenhill and Well Hill
0%
East Lindsey | Northumberland Croft
0%
North East Lincolnshire Croft Baker
0%
Lewisham Crofton Park
0%
Norwich Crome
0%
North Norfolk Cromer Town
0%
Oldham Crompton
0%
County Durham Crook
0%
Sheffield Crookes and Crosspool
0%
Hart Crookham East
0%
Hart Crookham West and Ewshot
0%
Bexley Crook Log
0%
Cherwell Cropredy, Sibfords and Wroxton
0%
Rushcliffe Cropwell
0%
Leeds Cross Gates and Whinmoor
0%
Newcastle-under-Lyme Cross Heath
0%
Dorset Crossways
0%
Chorley Croston, Mawdesley and Euxton South
0%
Haringey Crouch End
0%
Cornwall Crowan, Sithney and Wendron
0%
Wealden Crowborough Central
0%
Wealden Crowborough Jarvis Brook
0%
Wealden Crowborough North
0%
Wealden Crowborough South East
0%
Wealden Crowborough South West
0%
Wealden Crowborough St Johns
0%
South Holland Crowland and Deeping St Nicholas
0%
East Staffordshire Crown
0%
Bracknell Forest Crowthorne
0%
Melton Croxton Kerrial
0%
North Northamptonshire Croyland and Swanspool
0%
Manchester Crumpsall
0%
Bromley Crystal Palace and Anerley
0%
Mid Sussex Cuckfield, Bolney and Ansty
0%
Epsom and Ewell Cuddington
0%
Barnsley Cudworth
0%
Warrington Culcheth, Glazebury and Croft
0%
Tunbridge Wells Culverden
0%
Vale of White Horse Cumnor
0%
St Albans Cunningham
0%
Lichfield Curborough
0%
North Warwickshire Curdworth
0%
Cumberland Currock
0%
Newham Custom House
0%
Oxford Cutteslowe and Sunnymead
0%
North West Leicestershire Daleacre Hill
0%
Kensington and Chelsea Dalgarno
0%
West Northamptonshire Dallington Spencer
0%
Luton Dallow
0%
Hackney Dalston
0%
North Yorkshire Danby and Mulgrave
0%
Staffordshire Moorlands Dane
0%
Wealden Danehill and Fletching
0%
Burnley Daneshouse with Stoneyholme
0%
Cheshire East | Thanet Dane Valley
0%
Dartford Darenth
0%
Halton Daresbury, Moore and Sandymoor
0%
Barnsley Darfield
0%
Derbyshire Dales Darley Dale
0%
Sheffield Darnall
0%
South Hams Dartington and Staverton
0%
West Devon Dartmoor
0%
Barnsley Darton East
0%
Barnsley Darton West
0%
Bromley Darwin
0%
Windsor and Maidenhead Datchet, Horton and Wraysbury
0%
Cheshire West and Chester Davenham, Moulton and Kingsmead
0%
Stockport Davenport and Cale Green
0%
Trafford Davyhulme
0%
Gedling Daybrook
0%
West Northamptonshire Deanshanger and Paulerspury
0%
Barnsley Dearne North
0%
Barnsley Dearne South
0%
Uttlesford Debden and Wimbish
0%
Hackney De Beauvoir
0%
Hartlepool De Bruce
0%
Gateshead Deckham
0%
Cherwell Deddington
0%
Preston Deepdale
0%
South Kesteven Deeping St James
0%
County Durham Deerness
0%
County Durham Delves Lane
0%
Kirklees Denby Dale
0%
Newcastle-upon-Tyne Dene and South Gosforth
0%
Winchester Denmead
0%
Horsham Denne
0%
Gravesham Denton
0%
Newcastle-upon-Tyne Denton and Westerhope
0%
Cumberland Denton Holme
0%
Tameside Denton North East
0%
Tameside Denton South
0%
Tameside Denton West
0%
King's Lynn and West Norfolk Denver
0%
Bedford De Parys
0%
Lewisham Deptford
0%
Sefton Derby
0%
Ribble Valley Derby and Thornley
0%
Erewash Derby Road East
0%
Erewash Derby Road West
0%
Breckland Dereham Neatherd
0%
Breckland Dereham Toftwood
0%
Breckland Dereham Withburga
0%
Kingston-upon-Hull Derringham
0%
King's Lynn and West Norfolk Dersingham
0%
Wiltshire Devizes East
0%
Wiltshire Devizes North
0%
Wiltshire Devizes Rural West
0%
Wiltshire Devizes South
0%
Newark and Sherwood Devon
0%
Plymouth Devonport
0%
Eastbourne Devonshire
0%
New Forest Dibden and Dibden Purlieu
0%
Three Rivers Dickinsons
0%
South Oxfordshire Didcot North East
0%
South Oxfordshire Didcot South
0%
South Oxfordshire Didcot West
0%
Ribble Valley Dilworth
0%
Herefordshire Dinedor Hill
0%
Worcester Dines Green and Grove Farm
0%
Liverpool Dingle
0%
Rotherham Dinnington
0%
High Peak Dinting
0%
Charnwood Dishley, Hathern and Thorpe Acre
0%
Cheshire East Disley
0%
Buckinghamshire Disraeli
0%
South Norfolk Ditchingham and Earsham
0%
Lewes Ditchling and Westmeston
0%
Wychavon Dodderhill
0%
Fenland Doddington and Wimblington
0%
South Gloucestershire Dodington
0%
Barnsley Dodworth
0%
Peterborough Dogsthorpe
0%
South Kesteven Dole Wood
0%
Brent Dollis Hill
0%
Oxford | Telford and Wrekin Donnington
0%
North Warwickshire Dordon
0%
Sheffield Dore and Totley
0%
Tandridge Dormansland and Felbridge
0%
Redcar and Cleveland Dormanstown
0%
Ealing Dormers Wells
0%
Solihull Dorridge and Hockley Heath
0%
Newark and Sherwood Dover Beck
0%
Tendring Dovercourt All Saints
0%
Tendring Dovercourt Bay
0%
Tendring Dovercourt Tollgate
0%
Tendring Dovercourt Vines and Parkeston
0%
City of London Dowgate
0%
Rochford Downhall and Rawreth
0%
Mid Sussex Downland Villages
0%
Buckinghamshire Downley
0%
Ashford Downs North
0%
Ashford Downs West
0%
Sunderland Doxford
0%
Plymouth Drake
0%
Bromsgrove Drakes Cross
0%
Vale of White Horse Drayton
0%
Portsmouth Drayton and Farlington
0%
Broadland Drayton North
0%
Broadland Drayton South
0%
Stoke-on-Trent Dresden and Florence
0%
West Devon Drewsteignton
0%
York Dringhouses and Woodthorpe
0%
Tameside Droylsden East
0%
Tameside Droylsden West
0%
Birmingham Druids Heath and Monyhull
0%
Northumberland Druridge Bay
0%
Kingston-upon-Hull Drypool
0%
West Oxfordshire Ducklington
0%
Sefton Duke's
0%
Tameside Dukinfield
0%
Tameside Dukinfield Stalybridge
0%
Somerset Dulverton and Exmoor
0%
Southwark Dulwich Hill
0%
Southwark Dulwich Village
0%
Southwark Dulwich Wood
0%
Gedling Dumbles
0%
West Lindsey Dunholme and Welton
0%
East Devon Dunkeswell and Otterhead
0%
Rugby Dunsmore
0%
Somerset Dunster
0%
Chesterfield Dunston
0%
Gateshead Dunston and Teams
0%
Gateshead Dunston Hill and Whickham East
0%
Harborough Dunton
0%
Sevenoaks Dunton Green and Riverhead
0%
Three Rivers Durrants
0%
Wiltshire | Worthing Durrington
0%
Stroud Dursley
0%
West Northamptonshire Duston
0%
South Cambridgeshire Duxford
0%
Forest of Dean Dymock
0%
Stockton-on-Tees Eaglescliffe East
0%
Stockton-on-Tees Eaglescliffe West
0%
Mansfield Eakring
0%
Westmorland and Furness Eamont and Shap
0%
Pendle Earby and Coates
0%
Kensington and Chelsea Earl's Court
0%
Coventry Earlsdon
0%
Hinckley and Bosworth Earl Shilton
0%
Reigate and Banstead Earlswood and Whitebushes
0%
South Ribble Earnshaw Bridge
0%
Chichester Easebourne
0%
County Durham Easington and Shotton
0%
North Yorkshire Easingwold
0%
Ealing East Acton
0%
Tonbridge and Malling East and West Peckham, Mereworth and Wateringbury
0%
Babergh East Bergholt
0%
Nuneaton and Bedworth Eastboro
0%
Adur Eastbrook
0%
Barking and Dagenham Eastbrook and Rush Green
0%
Barking and Dagenham Eastbury
0%
Tendring | Thanet Eastcliff
0%
Bournemouth, Christchurch and Poole East Cliff and Springbourne
0%
Hillingdon Eastcote
0%
Swindon Eastcott
0%
Swale East Downs
0%
Sheffield East Ecclesfield
0%
Barnet East Finchley
0%
Great Yarmouth East Flegg
0%
Folkestone and Hythe East Folkestone
0%
Mid Sussex East Grinstead Ashplats
0%
Mid Sussex East Grinstead Baldwins
0%
Mid Sussex East Grinstead Herontye
0%
Mid Sussex East Grinstead Imberhorne
0%
Mid Sussex East Grinstead Town
0%
Bracknell Forest Easthampstead and Wildridings
0%
Rugby Eastlands
0%
Bassetlaw East Markham
0%
North East Lincolnshire East Marsh
0%
Rochdale East Middleton
0%
Arun East Preston
0%
Wandsworth East Putney
0%
Basingstoke and Deane Eastrop and Grove
0%
Dover Eastry Rural
0%
Richmond-upon-Thames East Sheen
0%
Bournemouth, Christchurch and Poole East Southbourne and Tuckton
0%
City of Bristol Eastville
0%
Bexley East Wickham
0%
Southend-on-Sea Eastwood Park
0%
Central Bedfordshire Eaton Bray
0%
Sheffield Ecclesall
0%
Bradford Eccleshill
0%
St Helens Eccleston
0%
Chorley Eccleston, Heskin and Charnock Richard
0%
Westmorland and Furness Eden and Lyvennet Vale
0%
Sevenoaks Edenbridge North and East
0%
Sevenoaks Edenbridge South and West
0%
Doncaster Edenthorpe and Kirk Sandall
0%
Birmingham Edgbaston
0%
Stockport Edgeley
0%
Telford and Wrekin Edgmond
0%
Barnet Edgwarebury
0%
Ribble Valley Edisford and Low Moor
0%
Doncaster Edlington and Warmsworth
0%
Enfield Edmonton Green
0%
Rushcliffe Edwalton
0%
Guildford Effingham
0%
Plymouth Efford and Lipson
0%
Dorset Eggardon
0%
Plymouth Eggbuckland
0%
Runnymede Egham Hythe
0%
Runnymede Egham Town
0%
Cumberland Egremont
0%
Cumberland Egremont North and St Bees
0%
Herefordshire Eign Hill
0%
Torbay Ellacombe
0%
Calderdale Elland
0%
Lancaster Ellel
0%
Slough Elliman
0%
North West Leicestershire Ellistown and Battleflat
0%
Gloucester Elmbridge
0%
Solihull Elmdon
0%
Havering Elm Park
0%
Mid Suffolk Elmswell and Woolpit
0%
Bolsover Elmton-with-Creswell
0%
Uttlesford Elsenham and Henham
0%
Waverley Elstead and Peper Harow
0%
Hertsmere Elstree
0%
Newcastle-upon-Tyne Elswick
0%
Greenwich Eltham Page
0%
Greenwich Eltham Park and Progress
0%
Greenwich Eltham Town and Avery Hill
0%
Bury Elton
0%
County Durham Elvet, Gilesgate and Shincliffe
0%
Havering Emerson Park
0%
South Gloucestershire Emersons Green
0%
Wokingham Emmbrook
0%
Reading Emmer Green
0%
King's Lynn and West Norfolk Emneth and Outwell
0%
Rushmoor Empress
0%
Blaby Enderby
0%
Waltham Forest Endlebury
0%
Runnymede Englefield Green East
0%
Runnymede Englefield Green West
0%
Telford and Wrekin Ercall
0%
Telford and Wrekin Ercall Magna
0%
Birmingham Erdington
0%
Bexley Erith
0%
Cotswold Ermin
0%
North Hertfordshire Ermine
0%
South Hams Ermington and Ugborough
0%
Gedling Ernehale
0%
North Norfolk Erpingham
0%
South Staffordshire Essington
0%
Redcar and Cleveland Eston
0%
Wiltshire Ethandune
0%
Stoke-on-Trent Etruria and Hanley
0%
Wolverhampton Ettingshall North
0%
Wolverhampton Ettingshall South and Spring Vale
0%
Chorley Euxton
0%
Lewisham Evelyn
0%
Wokingham Evendons
0%
County Durham Evenwood
0%
Bassetlaw Everton
0%
Liverpool Everton East
0%
Liverpool Everton North
0%
Liverpool Everton West
0%
Wychavon Evesham North
0%
Wychavon Evesham South
0%
Basingstoke and Deane Evingar
0%
Leicester Evington
0%
Waverley Ewhurst and Ellens Green
0%
Blackburn with Darwen Ewood
0%
West Devon Exbourne
0%
East Devon Exe Valley
0%
Nuneaton and Bedworth Exhall
0%
East Devon Exmouth Brixington
0%
East Devon Exmouth Halsdon
0%
East Devon Exmouth Littleham
0%
East Devon Exmouth Town
0%
East Devon Exmouth Withycombe Raleigh
0%
West Suffolk Exning
0%
Rutland Exton
0%
Exeter Exwick
0%
Broadland Eynesford
0%
Sevenoaks Eynsford
0%
West Oxfordshire Eynsham and Cassington
0%
Leicester Eyres Monsell
0%
Oldham Failsworth East
0%
Oldham Failsworth West
0%
Cotswold Fairford North
0%
Isle of Wight Fairlee and Whippingham
0%
Redbridge Fairlop
0%
Eastleigh Fair Oak and Horton Heath
0%
King's Lynn and West Norfolk Fairstead
0%
Wandsworth Falconbrook
0%
Wolverhampton Fallings Park
0%
Manchester Fallowfield
0%
Maidstone Fant and Oakwood
0%
Southwark Faraday
0%
Fareham Fareham Park
0%
Fareham Fareham Town
0%
Vale of White Horse Faringdon
0%
South Ribble Farington East
0%
South Ribble Farington West
0%
Luton Farley
0%
Bromley Farnborough and Crofton
0%
Cheshire West and Chester Farndon
0%
Newark and Sherwood Farndon and Fernwood
0%
Slough Farnham
0%
Waverley Farnham Bourne
0%
Waverley Farnham Castle
0%
Waverley Farnham Firgrove
0%
Waverley Farnham Heath End
0%
Waverley Farnham Moor Park
0%
Waverley Farnham North West
0%
Waverley Farnham Rowledge
0%
Buckinghamshire Farnhams and Stoke Poges
0%
Waverley Farnham Weybourne
0%
Sevenoaks Farningham, Horton Kirby and South Darenth
0%
Leeds Farnley and Wortley
0%
Newark and Sherwood Farnsfield
0%
Halton Farnworth
0%
Bolton Farnworth North
0%
Bolton Farnworth South
0%
City of London Farringdon Within
0%
City of London Farringdon Without
0%
Newcastle-upon-Tyne Fawdon and West Gosforth
0%
Liverpool Fazakerley East
0%
Liverpool Fazakerley North
0%
Liverpool Fazakerley West
0%
Lichfield Fazeley
0%
Wakefield Featherstone
0%
South Staffordshire Featherstone, Sharehill and Saredon
0%
South Tyneside Fellgate and Hedworth
0%
Arun Felpham East
0%
Arun Felpham West
0%
Uttlesford Felsted and Stebbing
0%
Hounslow Feltham North
0%
Hounslow Feltham West
0%
King's Lynn and West Norfolk Feltwell
0%
South Cambridgeshire Fen Ditton and Fulbourn
0%
East Devon Feniton
0%
Hartlepool Fens and Greatham
0%
Boston Fenside
0%
Huntingdonshire Fenstanton
0%
Stoke-on-Trent Fenton East
0%
Stoke-on-Trent Fenton West and Mount Pleasant
0%
Cornwall Feock and Kea
0%
Rushmoor Fernhill
0%
Chichester Fernhurst
0%
Arun Ferring
0%
North Lincolnshire Ferry
0%
County Durham Ferryhill
0%
Liverpool Festival Gardens
0%
Mole Valley Fetcham
0%
Merton Figge's Marsh
0%
North Warwickshire Fillongley
0%
South Gloucestershire Filton
0%
City of Bristol Filwood
0%
Wokingham Finchampstead
0%
Barnet Finchley Church End
0%
North Northamptonshire Finedon
0%
Doncaster Finningley
0%
Islington Finsbury Park
0%
Sheffield Firth Park
0%
Boston Fishtoft
0%
Preston Fishwick and Frenchwood
0%
Chichester Fittleworth
0%
Boston Five Villages
0%
Buckinghamshire Flackwell Heath and the Wooburns
0%
Wychavon Fladbury
0%
Broxbourne Flamstead End
0%
Harborough Fleckney
0%
Great Yarmouth Fleggburgh
0%
Peterborough Fletton and Stanground
0%
Peterborough Fletton and Woodston
0%
Trafford Flixton
0%
Hartlepool Foggy Furze
0%
Coventry Foleshill
0%
Wyre Forest Foley Park and Hoobrook
0%
Folkestone and Hythe Folkestone Central
0%
Folkestone and Hythe Folkestone Harbour
0%
Stoke-on-Trent Ford Green and Smallthorne
0%
Stafford Forebridge
0%
Charnwood Forest Bradgate
0%
Newham Forest Gate North
0%
Newham Forest Gate South
0%
North Tyneside Forest Hall
0%
Lewisham Forest Hill
0%
South Oxfordshire Forest Hill and Holton
0%
Wealden Forest Row
0%
South Norfolk Forncett
0%
Staffordshire Moorlands Forsbrook
0%
Fareham Fort Fareham
0%
Medway Fort Horsted
0%
Haringey Fortis Green
0%
Gosport Forton
0%
Medway Fort Pitt
0%
Worcester Fort Royal
0%
Camden Fortune Green
0%
Leicester Fosse
0%
Blaby Fosse Highcross
0%
Blaby Fosse Normanton
0%
Cotswold Fosseridge
0%
Blaby Fosse Stoney Cove
0%
Rochford Foulness and the Wakerings
0%
Cotswold Four Acres
0%
Cornwall Four Lanes, Beacon and Troon
0%
East Hampshire Four Marks and Medstead
0%
Wiltshire Fovant and Chalke Valley
0%
South Cambridgeshire Foxton
0%
Wealden Framfield and Cross-in-Hand
0%
East Suffolk Framlingham
0%
South Gloucestershire Frampton Cotterell
0%
County Durham Framwellgate and Newton Hall
0%
Wyre Forest Franche and Habberley North
0%
Birmingham Frankley Great Park
0%
Wealden Frant and Wadhurst
0%
Portsmouth Fratton
0%
Fylde Freckleton Village
0%
West Oxfordshire Freeland and Hanborough
0%
Southampton Freemantle
0%
North Devon Fremington
0%
South Gloucestershire Frenchay and Downend
0%
North East Lincolnshire Freshney
0%
Isle of Wight Freshwater South
0%
Mid Suffolk Fressingfield
0%
Sandwell Friar Park
0%
Barnet Friern Barnet
0%
Surrey Heath Frimley
0%
Surrey Heath Frimley Green
0%
Cherwell Fringford and Heyfords
0%
Melton Frisby-on-the-Wreake
0%
East Lindsey Friskney
0%
North Lincolnshire Frodingham
0%
Cheshire West and Chester Frodsham
0%
Camden Frognal
0%
City of Bristol Frome Vale
0%
East Hampshire Froxfield, Sheet and Steep
0%
Basildon Fryerns
0%
Redbridge Fullwell
0%
East Lindsey Fulstow
0%
Sunderland Fulwell
0%
Sheffield Fulwood
0%
Ashford Furley
0%
Crawley Furnace Green
0%
Wandsworth Furzedown
0%
Torbay Furzeham with Summercombe
0%
Windsor and Maidenhead Furze Platt
0%
Melton Gaddesby
0%
Dacorum Gadebridge
0%
Three Rivers Gade Valley
0%
Worthing Gaisford
0%
Nuneaton and Bedworth Galley Common
0%
Chelmsford Galleywood
0%
High Peak Gamesley
0%
South Cambridgeshire Gamlingay
0%
Rushcliffe Gamston
0%
Babergh Ganges
0%
Burnley Gannow
0%
Barnet Garden Suburb
0%
Leeds Garforth and Swillington
0%
Thanet Garlinge
0%
Birmingham Garretts Green
0%
Preston Garrison
0%
South Oxfordshire Garsington and Horspath
0%
Wyre Garstang
0%
Liverpool Garston
0%
Barking and Dagenham Gascoigne
0%
Liverpool Gateacre
0%
Cheshire East Gawsworth
0%
Burnley Gawthorpe
0%
Stratford-on-Avon Gaydon, Kineton and Upper Lighthorne
0%
King's Lynn and West Norfolk Gayton and Grimston
0%
King's Lynn and West Norfolk Gaywood Chase
0%
King's Lynn and West Norfolk Gaywood Clock
0%
King's Lynn and West Norfolk Gaywood North Bank
0%
North Northamptonshire Geddington and Stanion
0%
South Holland Gedney
0%
Hastings Gensing
0%
Ipswich Gipping
0%
Lambeth Gipsy Hill
0%
Leeds Gipton and Harehills
0%
South Cambridgeshire Girton
0%
Ribble Valley Gisburn and Rimington
0%
Mid Suffolk Gislingham
0%
Tamworth Glascote
0%
Sheffield Gleadless Valley
0%
Lincoln Glebe
0%
Birmingham Glebe Farm and Tile Cross
0%
Harborough | South Kesteven Glen
0%
Blaby Glenfield Ellis
0%
Blaby Glenfield Faire
0%
Blaby Glen Parva
0%
Peterborough Glinton and Castor
0%
Cornwall Gloweth, Malabar and Shortlanesend
0%
Stafford Gnosall and Woodseaves
0%
Chelmsford Goat Hall
0%
Ashford Goat Lees
0%
Ashford Godinton
0%
Tandridge Godstone
0%
Broxbourne Goffs Oak
0%
Kensington and Chelsea Golborne
0%
Wigan Golborne and Lowton West
0%
Kirklees Golcar
0%
Stoke-on-Trent Goldenhill and Sandyford
0%
Herefordshire Golden Valley North
0%
Herefordshire Golden Valley South
0%
Barnet Golders Green
0%
Bedford Goldington
0%
Brighton and Hove Goldsmid
0%
Woking Goldsworth Park
0%
Redbridge Goodmayes
0%
Torbay Goodrington with Roselands
0%
Rossendale Goodshaw and Cribden
0%
Chichester Goodwood
0%
Southwark Goose Green
0%
Havering Gooshays
0%
North Somerset Gordano Valley
0%
Barking and Dagenham Goresbrook
0%
South Oxfordshire | Worthing Goring
0%
Dudley Gornal
0%
Canterbury Gorrell
0%
Trafford Gorse Hill and Cornbrook
0%
Swindon Gorse Hill and Pinehurst
0%
Manchester Gorton and Abbey Hey
0%
Braintree Gosfield and Greenstead Green
0%
Cumberland | Newcastle-upon-Tyne Gosforth
0%
North East Derbyshire Gosforth Valley
0%
Camden Gospel Oak
0%
Rushcliffe Gotham
0%
Cheshire West and Chester Gowy Rural
0%
Wolverhampton Graiseley
0%
Gloucester | Halton Grange
0%
Gosport Grange and Alver Valley
0%
Westmorland and Furness Grange and Cartmel
0%
Mansfield Grange Farm
0%
Stockton-on-Tees Grangefield
0%
Epping Forest Grange Hill
0%
Enfield Grange Park
0%
Redcar and Cleveland Grangetown
0%
Warrington Grappenhall
0%
Liverpool Grassendale and Cressington
0%
North East Derbyshire Grassmoor
0%
North Hertfordshire Graveley, St Ippolyts and Wymondley
0%
Birmingham Gravelly Hill
0%
Merton Graveney
0%
Sheffield Graves Park
0%
East Hampshire Grayshott
0%
Thurrock Grays Riverside
0%
Thurrock Grays Thurrock
0%
Rotherham Greasbrough
0%
Wirral Greasby, Frankby and Irby
0%
Broxtowe Greasley
0%
North Hertfordshire Great Ashby
0%
North Yorkshire Great Ayton
0%
Chelmsford Great Baddow East
0%
Chelmsford Great Baddow West
0%
Bedford Great Barford
0%
Sandwell Great Bridge
0%
Babergh Great Cornard
0%
Bedford Great Denham
0%
Wyre Great Eccleston
0%
Bradford Great Horton
0%
Bolton Great Lever
0%
Braintree Great Notley and Black Notley
0%
Harlow Great Parndon
0%
Huntingdonshire Great Paxton
0%
Warrington Great Sankey North and Whittle Hall
0%
Warrington Great Sankey South
0%
Huntingdonshire Great Staughton
0%
Torridge Great Torrington
0%
Maldon Great Totham
0%
Broadland Great Witchingham
0%
South Staffordshire Great Wyrley Landywood
0%
South Staffordshire Great Wyrley Town
0%
Liverpool Greenbank Park
0%
Kirklees Greenhead
0%
Canterbury | Harrow | North West Leicestershire Greenhill
0%
Dartford Greenhithe and Knockhall
0%
Blackpool Greenlands
0%
Colchester Greenstead
0%
Newham Green Street East
0%
Newham Green Street West
0%
Ashfield Greenwood and Summit
0%
Rutland Greetham
0%
Calderdale Greetland and Stainland
0%
Sandwell Greets Green and Lyng
0%
Buckinghamshire Grendon Underwood and the Claydons
0%
North Norfolk Gresham
0%
North Northamptonshire Gretton and Weldon
0%
Bedford | Herefordshire | Preston Greyfriars
0%
Westmorland and Furness Greystoke and Ullswater
0%
East Lindsey Grimoldby
0%
Hinckley and Bosworth Groby
0%
Hammersmith and Fulham Grove
0%
Waltham Forest Grove Green
0%
Maidstone Grove Green and Vinters Park
0%
Dacorum Grovehill
0%
Vale of White Horse Grove North
0%
Lewisham Grove Park
0%
Cotswold Grumbolds Ash with Avening
0%
Breckland Guiltcross
0%
Peterborough Gunthorpe
0%
Sutton Hackbridge
0%
West Northamptonshire Hackleton and Roade
0%
Havering Hacton
0%
East Cambridgeshire Haddenham
0%
Telford and Wrekin Hadley and Leegomery
0%
Wealden Hadlow Down and Rotherfield
0%
Herefordshire Hagley
0%
Bromsgrove Hagley East
0%
Bromsgrove Hagley West
0%
East Lindsey Hagworthingham
0%
West Oxfordshire Hailey, Minster Lovell and Leafield
0%
Wealden Hailsham Central
0%
Wealden Hailsham East
0%
Wealden Hailsham North
0%
Wealden Hailsham North West
0%
Wealden Hailsham South
0%
Wealden Hailsham West
0%
Redbridge Hainault
0%
Mid Devon Halberton
0%
Welwyn Hatfield Haldens
0%
Waltham Forest Hale End and Highams Park South
0%
East Suffolk Halesworth and Blything
0%
Knowsley Halewood North
0%
Knowsley Halewood South
0%
Birmingham Hall Green North
0%
Birmingham Hall Green South
0%
Bolton Halliwell
0%
East Lindsey Halton Holegate
0%
Wyre Hambleton and Stalmine
0%
Eastbourne Hampden Park
0%
Staffordshire Moorlands Hamps Valley
0%
Peterborough Hampton Vale
0%
Bournemouth, Christchurch and Poole Hamworthy
0%
Cheshire West and Chester Handbridge Park
0%
Mid Sussex Handcross and Pease Pottage
0%
Welwyn Hatfield Handside
0%
Birmingham Handsworth
0%
Birmingham Handsworth Wood
0%
Stoke-on-Trent Hanford, Newstead and Trentham
0%
Ealing Hanger Hill
0%
Brighton and Hove Hangleton and Knoll
0%
South Gloucestershire Hanham
0%
Ealing Hanwell Broadway
0%
Bracknell Forest Hanworth
0%
Hounslow Hanworth Park
0%
Hounslow Hanworth Village
0%
North Norfolk Happisburgh
0%
Birmingham Harborne
0%
Chichester Harbour Villages
0%
Wyre Hardhorn with High Cross
0%
New Forest Hardley, Holbury and North Blackfield
0%
Gosport Hardway
0%
South Cambridgeshire Hardwick
0%
Stockton-on-Tees Hardwick and Salters Lane
0%
Stroud Hardwicke
0%
Southampton Harefield
0%
Hillingdon Harefield Village
0%
Rossendale Hareholme and Waterfoot
0%
Tandridge Harestone
0%
Leeds | Test Valley Harewood
0%
Peterborough Hargate and Hempsted
0%
Sefton Harington
0%
Shropshire Harlescott
0%
Brent Harlesden and Kensal Green
0%
South Norfolk Harleston
0%
Breckland Harling and Heathlands
0%
Bracknell Forest Harmans Water and Crown Wood
0%
Havering Harold Wood
0%
Bedford Harpur
0%
Manchester Harpurhey
0%
Cumberland Harraby North
0%
Cumberland Harraby South
0%
Maidstone Harrietsham, Lenham and North Downs
0%
Cumberland Harrington
0%
Bedford Harrold
0%
Darlington Harrowgate Hill
0%
City of Westminster Harrow Road
0%
South Cambridgeshire Harston and Comberton
0%
Stockton-on-Tees Hartburn
0%
City of Bristol Hartcliffe and Withywood
0%
Wealden Hartfield
0%
Chichester Harting
0%
Derbyshire Dales Hartington and Taddington
0%
Torridge Hartland
0%
Wychavon Hartlebury
0%
Northumberland Hartley
0%
Sevenoaks Hartley and Hodsoll Street
0%
Hart Hartley Wintney
0%
South Tyneside Harton
0%
Havant Hart Plain
0%
Forest of Dean Hartpury and Redmarley
0%
North Warwickshire Hartshill
0%
Lincoln Hartsholme
0%
Bassetlaw Harworth
0%
Enfield Haselbury
0%
South Oxfordshire Haseley Brook
0%
Chesterfield Hasland
0%
Rossendale Haslingden
0%
Cheshire East Haslington
0%
Mid Sussex Hassocks
0%
Harrow Hatch End
0%
Waltham Forest Hatch Lane and Highams Park North
0%
Basingstoke and Deane Hatch Warren and Beggarwood
0%
Sandwell Hateley Heath
0%
Uttlesford Hatfield Heath
0%
Braintree Hatfield Peverel and Terling
0%
West Devon Hatherleigh
0%
North Northamptonshire Hatton Park
0%
Mid Suffolk Haughley, Stowupland and Wetherden
0%
Camden Haverstock
0%
North East Lincolnshire Haverstoe
0%
Westmorland and Furness Hawcoat and Newbarns
0%
Blackpool Hawes Side
0%
Wokingham Hawkedon
0%
Cannock Chase Hawks Green with Rumer Hill
0%
Rochford Hawkwell East
0%
Rochford Hawkwell West
0%
St Helens Haydock
0%
Northumberland Haydon
0%
Swindon Haydon Wick
0%
Isle of Wight Haylands and Swanmore
0%
Dudley Hayley Green and Cradley South
0%
Slough Haymill
0%
Teignbridge Haytor
0%
Stockport Hazel Grove
0%
Buckinghamshire Hazlemere
0%
King's Lynn and West Norfolk Heacham
0%
Maidstone Headcorn and Sutton Valence
0%
Oxford Headington
0%
Oxford Headington Hill and Northway
0%
Redditch Headless Cross and Oakenshaw
0%
East Hampshire Headley
0%
Harrow Headstone
0%
Amber Valley Heage and Ambergate
0%
Stockport Heald Green
0%
Rochdale Healey
0%
North Devon Heanton Punchardon
0%
Birmingham Heartlands
0%
Surrey Heath Heatherside
0%
Cannock Chase Heath Hayes and Wimblebury
0%
Woking Heathlands
0%
Wolverhampton Heath Town
0%
Exeter Heavitree
0%
North Kesteven Heckington Rural
0%
Eastleigh Hedge End North
0%
Eastleigh Hedge End South
0%
Braintree Hedingham
0%
Cannock Chase Hednesford Green Heath
0%
Cannock Chase Hednesford Hills and Rawnsley
0%
Cannock Chase Hednesford Pye Green
0%
Worthing Heene
0%
Darlington Heighington and Coniscliffe
0%
North Kesteven Heighington and Washingborough
0%
Broadland Hellesdon North West
0%
Broadland Hellesdon South East
0%
Wealden Hellingly
0%
Rossendale Helmshore
0%
North Yorkshire Helmsley and Sinnington
0%
North Kesteven Helpringham and Osbournby
0%
Cheshire West and Chester Helsby
0%
Cornwall Helston North
0%
Cornwall Helston South and Meneage
0%
Middlesbrough Hemlington
0%
South Norfolk Hempnall
0%
West Lindsey Hemswell
0%
City of Bristol Henbury and Brentry
0%
Barnet | Sunderland Hendon
0%
Vale of White Horse Hendreds
0%
North East Lincolnshire Heneage
0%
Horsham Henfield
0%
City of Bristol Hengrove and Whitchurch Park
0%
Coventry Henley
0%
Stratford-on-Avon Henley-in-Arden
0%
South Oxfordshire Henley-on-Thames
0%
Breckland | North West Leicestershire Hermitage
0%
Lambeth Herne Hill and Loughborough Junction
0%
Canterbury Heron
0%
Brentwood Herongate, Ingrave and West Horndon
0%
Slough Herschel Park
0%
Elmbridge Hersham Village
0%
Wealden Herstmonceux and Pevensey Levels
0%
Westmorland and Furness Hesket and Lazonby
0%
Cheltenham Hesters Way
0%
Hounslow Heston Central
0%
Hounslow Heston East
0%
Hounslow Heston West
0%
South Norfolk Hethersett
0%
Broadland Hevingham
0%
Sevenoaks Hextable
0%
Doncaster Hexthorpe and Balby North
0%
Maldon Heybridge East
0%
Maldon Heybridge West
0%
Fylde Heyhouses
0%
North Norfolk Hickling
0%
Waltham Forest Higham Hill
0%
Barnet High Barnet
0%
Tunbridge Wells High Brooms
0%
Islington Highbury
0%
Bournemouth, Christchurch and Poole Highcliffe and Walkford
0%
Uttlesford High Easter and the Rodings
0%
Manchester Higher Blackley
0%
Salford Higher Irlam and Peel Green
0%
Gateshead High Fell
0%
Ashford | Blackpool | Dacorum | +3 others Highfield
0%
Stafford Highfields and Western Downs
0%
Westmorland and Furness High Furness
0%
Camden | Haringey Highgate
0%
Cheshire East High Legh
0%
Shropshire Highley
0%
Bath and North East Somerset High Littleton
0%
Tewkesbury Highnam with Haw Bridge
0%
Birmingham Highter's Heath
0%
Luton High Town
0%
Colchester Highwoods
0%
Tonbridge and Malling Hildenborough
0%
Cumberland Hillcrest and Hensingham
0%
St Albans Hill End
0%
City of Bristol Hillfields
0%
Dorset Hill Forts and Upper Tarrants
0%
Fareham Hill Head
0%
Hillingdon Hillingdon East
0%
Hillingdon Hillingdon West
0%
Rugby Hillmorton
0%
Islington Hillrise
0%
Bromsgrove Hill Top
0%
Wiltshire Hilperton
0%
Portsmouth Hilsea
0%
Eastleigh Hiltingbury
0%
Elmbridge Hinchley Wood and Weston Green
0%
Hinckley and Bosworth Hinckley Castle
0%
Hinckley and Bosworth Hinckley Clarendon
0%
Hinckley and Bosworth Hinckley De Montfort
0%
Hinckley and Bosworth Hinckley Trinity
0%
Waverley Hindhead and Beacon Hill
0%
Wigan Hindley
0%
Wigan Hindley Green
0%
Oxford Hinksey Park
0%
Herefordshire Hinton and Hunderton
0%
Calderdale Hipperholme and Lightcliffe
0%
North Yorkshire Hipswell and Colburn
0%
Northumberland Hirst
0%
South Cambridgeshire Histon and Impington
0%
North Hertfordshire Hitchwood
0%
Lewisham Hither Green
0%
Broxbourne Hoddesdon North
0%
Broxbourne Hoddesdon Town and Rye Park
0%
Shropshire Hodnet
0%
Waltham Forest Hoe Street
0%
Woking Hoe Valley
0%
South Holland Holbeach Hurn
0%
South Holland Holbeach Town
0%
Camden Holborn and Covent Garden
0%
Kingston-upon-Hull Holderness
0%
Brighton and Hove Hollingdean and Fiveways
0%
Hastings Hollington
0%
Oldham Hollinwood
0%
Stoke-on-Trent | Welwyn Hatfield Hollybush
0%
North West Leicestershire Holly Hayes
0%
Bromsgrove Hollywood
0%
Stafford Holmcroft
0%
Herefordshire Holmer
0%
Kirklees Holme Valley North
0%
Kirklees Holme Valley South
0%
Torridge Holsworthy
0%
East Lindsey Holton-le-Clay and North Thoresby
0%
Birmingham Holyhead
0%
Bury Holyrood
0%
Tendring Homelands
0%
Hackney Homerton
0%
Swale Homewood
0%
Wychavon Honeybourne, Pebworth and the Littletons
0%
Plymouth Honicknowle
0%
Rotherham Hoober
0%
Hart Hook
0%
Fareham Hook-with-Warsash
0%
South Ribble Hoole
0%
Reigate and Banstead Hooley, Merstham and Netherne
0%
Medway Hoo St Werburgh and High Halstow
0%
Herefordshire Hope End
0%
High Peak Hope Valley
0%
Rochdale Hopwood Hall
0%
Wealden Horam and Punnetts Town
0%
Wakefield Horbury and South Ossett
0%
County Durham Horden and Dene House
0%
City of Bristol Horfield
0%
Reigate and Banstead Horley Central and South
0%
Reigate and Banstead Horley West and Sidlow
0%
Mansfield Hornby
0%
East Hampshire Horndean Catherington
0%
East Hampshire Horndean Downs
0%
East Hampshire Horndean Kings and Blendworth
0%
East Hampshire Horndean Murray
0%
East Staffordshire Horninglow and Outwoods
0%
West Suffolk Horringer
0%
Telford and Wrekin Horsehay and Lightmoor
0%
Woking Horsell
0%
Broadland Horsford and Felthorpe
0%
Leeds Horsforth
0%
South Tyneside Horsley Hill
0%
Epsom and Ewell | Staffordshire Moorlands Horton
0%
Bolton Horwich North
0%
Bolton Horwich South and Blackrod
0%
Buckinghamshire Horwood
0%
Arun Hotham
0%
Halton Hough Green
0%
Central Bedfordshire Houghton Conquest and Haynes
0%
Central Bedfordshire Houghton Regis East
0%
Central Bedfordshire Houghton Regis West
0%
Hounslow Hounslow Central
0%
Hounslow Hounslow East
0%
Hounslow Hounslow Heath
0%
Hounslow Hounslow South
0%
Hounslow Hounslow West
0%
North Norfolk Hoveton and Tunstead
0%
High Peak Howard Town
0%
East Riding of Yorkshire Howdenshire
0%
North Tyneside Howdon
0%
Cumberland Howgate
0%
South Ribble Howick and Priory
0%
Welwyn Hatfield Howlands
0%
Mid Suffolk Hoxne and Worlingworth
0%
Hackney Hoxton West
0%
Barnsley Hoyland Milton
0%
North Yorkshire Huby and Tollerton
0%
Gloucester Hucclecote
0%
North West Leicestershire Hugglescote St John's
0%
North West Leicestershire Hugglescote St Mary's
0%
Bolton Hulton
0%
Leicester Humberstone and Hamilton
0%
Darlington Hummersknott
0%
Northumberland Humshaugh
0%
Hyndburn Huncoat
0%
West Berkshire Hungerford and Kintbury
0%
West Northamptonshire Hunsbury
0%
East Hertfordshire Hunsdon
0%
King's Lynn and West Norfolk Hunstanton
0%
Somerset Huntspill
0%
North Warwickshire Hurley and Wood End
0%
Rother Hurst Green and Ticehurst
0%
Ribble Valley Hurst Green and Whitewell
0%
Mid Sussex Hurstpierpoint
0%
Darlington Hurworth
0%
Ashfield Huthwaite and Brierley
0%
Redcar and Cleveland Hutton
0%
North Somerset Hutton and Locking
0%
Brentwood Hutton East
0%
Brentwood Hutton North
0%
North Yorkshire Hutton Rudby and Osmotherley
0%
Brentwood Hutton South
0%
North Kesteven Hykeham Central
0%
North Kesteven Hykeham Fosse
0%
North Kesteven Hykeham Memorial
0%
Havering Hylands and Harrow Lodge
0%
North West Leicestershire Ibstock East
0%
North West Leicestershire Ibstock West
0%
Hillingdon Ickenham and South Harefield
0%
Bradford Idle and Thackley
0%
Crawley Ifield
0%
Redbridge Ilford Town
0%
Calderdale Illingworth and Mixenden
0%
Cornwall Illogan and Portreath
0%
Hyndburn Immanuel
0%
Wigan Ince
0%
Brentwood Ingatestone, Fryerning and Mountnessing
0%
Preston Ingol and Cottam
0%
East Lindsey Ingoldmells
0%
Kingston-upon-Hull Ings
0%
Blackpool Ingthorpe
0%
Wychavon Inkberrow
0%
Tewkesbury Innsworth
0%
North Devon Instow
0%
Teignbridge Ipplepen
0%
Staffordshire Moorlands Ipstones
0%
North Northamptonshire Irchester
0%
Telford and Wrekin Ironbridge Gorge
0%
Northumberland Isabella
0%
Tewkesbury Isbourne
0%
North Northamptonshire Ise
0%
Tower Hamlets Island Gardens
0%
Hounslow Isleworth
0%
Gravesham Istead Rise, Cobham and Luddesdown
0%
Horsham Itchingfield, Slinfold and Warnham
0%
Buckinghamshire Ivinghoe
0%
South Hams Ivybridge East
0%
South Hams Ivybridge West
0%
West Suffolk Ixworth
0%
Lancaster John O'Gaunt
0%
Dartford Joyden's Wood
0%
Enfield | Wyre Jubilee
0%
Tonbridge and Malling Judd
0%
Islington Junction
0%
Middlesbrough Kader
0%
Reading Katesgrove
0%
Bolton Kearsley
0%
Newcastle-under-Lyme Keele
0%
Bradford Keighley Central
0%
Bradford Keighley East
0%
Bradford Keighley West
0%
Cumberland Kells and Sandwith
0%
East Suffolk Kelsale and Yoxford
0%
Bromley Kelsey and Eden Park
0%
West Lindsey Kelsey Wold
0%
Braintree Kelvedon and Feering
0%
Cotswold Kemble
0%
Malvern Hills Kempsey
0%
Basingstoke and Deane Kempshott and Buckskin
0%
Bedford Kempston Central and East
0%
Bedford Kempston North
0%
Bedford Kempston South
0%
Bedford Kempston West
0%
Brighton and Hove Kemptown
0%
Sevenoaks Kemsing
0%
Swale Kemsley
0%
Westmorland and Furness Kendal Castle
0%
Westmorland and Furness Kendal Highgate
0%
Westmorland and Furness Kendal Nether
0%
Westmorland and Furness Kendal South
0%
Westmorland and Furness Kendal Strickland and Fell
0%
Croydon Kenley
0%
Teignbridge Kenn Valley
0%
West Suffolk Kentford and Moulton
0%
Brent | Newcastle-upon-Tyne Kenton
0%
Teignbridge Kenton and Starcross
0%
Harrow Kenton East
0%
Harrow Kenton West
0%
Reading Kentwood
0%
Rotherham Keppel
0%
Herefordshire Kerne Bridge
0%
East Suffolk Kesgrave
0%
East Suffolk Kessingland
0%
Cumberland Keswick
0%
Telford and Wrekin Ketley
0%
Richmond-upon-Thames | Sefton Kew
0%
Rushcliffe Keyworth and the Wolds
0%
Harborough Kibworths
0%
Greenwich Kidbrooke Park
0%
Greenwich Kidbrooke Village and Sutcliffe
0%
Cherwell Kidlington East
0%
Cherwell Kidlington West
0%
Fylde Kilgrimol
0%
North East Derbyshire Killamarsh East
0%
North East Derbyshire Killamarsh West
0%
Leeds Killingbeck and Seacroft
0%
North Yorkshire Killinghall, Hampsthwaite and Saltergate
0%
North Tyneside Killingworth
0%
Fylde Kilnhouse
0%
Somerset King Alfred
0%
Kingston-upon-Thames King George's and Sunray
0%
West Oxfordshire Kingham, Rollright and Enstone
0%
Herefordshire Kings Acre
0%
Torbay King's Ash
0%
South Hams Kingsbridge
0%
Bedford Kingsbrook
0%
Cambridge King's Hedges
0%
Tonbridge and Malling Kings Hill
0%
Gloucester Kingsholm and Wotton
0%
Dacorum Kings Langley
0%
West Northamptonshire Kingsley and Semilong
0%
Bath and North East Somerset Kingsmead
0%
Ashford Kingsnorth Village and Bridgefield
0%
Birmingham King's Norton North
0%
Birmingham King's Norton South
0%
Birmingham Kingstanding
0%
West Northamptonshire Kingsthorpe North
0%
West Northamptonshire Kingsthorpe South
0%
Vale of White Horse Kingston Bagpuize
0%
Barnsley Kingstone
0%
Newcastle-upon-Tyne Kingston Park South and Newbiggin Hall
0%
Mansfield Kings Walk
0%
Kingston-upon-Hull | North Northamptonshire | South Gloucestershire | Stroud Kingswood
0%
Herefordshire | Wiltshire Kington
0%
Bournemouth, Christchurch and Poole Kinson
0%
South Staffordshire Kinver and Enville
0%
Stratford-on-Avon Kinwarton
0%
Leeds Kippax and Methley
0%
Blaby Kirby Muxloe
0%
Kirklees Kirkburton
0%
Ashfield Kirkby Cross and Portland
0%
Liverpool Kirkdale East
0%
Liverpool Kirkdale West
0%
Fylde Kirkham
0%
Redcar and Cleveland Kirkleatham
0%
East Suffolk Kirkley and Pakefield
0%
Leeds Kirkstall
0%
Boston Kirton and Frampton
0%
Woking Knaphill
0%
North Hertfordshire Knebworth
0%
Rushmoor Knellwood
0%
Leicester Knighton
0%
City of Westminster Knightsbridge and Belgravia
0%
Lambeth Knight's Hill
0%
Wakefield Knottingley
0%
Liverpool Knotty Ash and Dovecot Park
0%
City of Bristol | Solihull Knowle
0%
Cheshire East Knutsford
0%
Newcastle-under-Lyme Knutton
0%
Southend-on-Sea Kursaal
0%
Cheshire West and Chester Lache
0%
Middlesbrough Ladgate
0%
Rushcliffe Lady Bay
0%
Ealing Lady Margaret
0%
Lewisham Ladywell
0%
Birmingham Ladywood
0%
Basildon Laindon Park
0%
Norwich Lakenham
0%
West Suffolk Lakenheath
0%
Spelthorne Laleham and Shepperton Green
0%
West Berkshire Lambourn
0%
Bath and North East Somerset Lambridge
0%
Gateshead Lamesley
0%
City of Westminster Lancaster Gate
0%
County Durham Lanchester and Burnhope
0%
North Devon Landkey
0%
Burnley Lanehead
0%
City of London Langbourn
0%
Basildon Langdon Hills
0%
Crawley Langley Green and Tushmore
0%
Eastbourne Langney
0%
Bassetlaw Langold
0%
Cornwall Lanivet, Blisland and Bodmin St Lawrence
0%
Cornwall Lanner, Stithians and Gwennap
0%
Tower Hamlets Lansbury
0%
Bath and North East Somerset | Cheltenham Lansdown
0%
South Staffordshire Lapley, Stretton and Wheaton Aston
0%
Tonbridge and Malling Larkfield
0%
Erewash Larklands
0%
Waltham Forest Larkswood
0%
Ashfield Larwood
0%
Warrington Latchford East
0%
Warrington Latchford West
0%
Harlow Latton Bush and Stewards
0%
Cornwall Launceston South
0%
Breckland Launditch
0%
Cherwell Launton and Otmoor
0%
Chichester Lavant
0%
Wandsworth Lavender
0%
Merton Lavender Fields
0%
Babergh Lavenham
0%
Wiltshire Laverstock
0%
Tendring Lawford, Manningtree and Mistley
0%
Telford and Wrekin Lawley
0%
City of Bristol Lawrence Hill
0%
Islington Laycock
0%
Blackpool Layton
0%
Hackney | Waltham Forest Lea Bridge
0%
Luton Leagrave
0%
Rushcliffe Leake
0%
Rugby Leam Valley
0%
Mole Valley Leatherhead North
0%
Mole Valley Leatherhead South
0%
Three Rivers Leavesden
0%
Cotswold Lechlade, Kempsford and Fairford South
0%
Cheltenham Leckhampton
0%
Cheshire West and Chester Ledsham and Manor
0%
Basildon Lee Chapel North
0%
Lewisham Lee Green
0%
Nottingham Leen Valley
0%
East Lindsey Legbourne
0%
Watford Leggatts
0%
Blaby Leicester Forest and Lubbesthorpe
0%
Havant Leigh Park Central and West Leigh
0%
Havant Leigh Park Hermitage
0%
Newcastle-upon-Tyne Lemington
0%
Nottingham Lenton and Wollaton East
0%
Lichfield Leomansley
0%
Worcester Leopard Hill
0%
Westmorland and Furness Levens and Crooklands
0%
Manchester Levenshulme
0%
Dacorum Leverstock Green
0%
Lewes Lewes Bridge
0%
Lewes Lewes Castle
0%
Lewes Lewes Priory
0%
Luton Lewsey
0%
Colchester Lexden and Braiswick
0%
South Ribble Leyland Central
0%
Bromsgrove Lickey Hills
0%
Wyre Forest Lickhill
0%
Surrey Heath Lightwater
0%
Stoke-on-Trent Lightwood North and Normacot
0%
Hammersmith and Fulham Lillie
0%
Tower Hamlets Limehouse
0%
High Peak Limestone Peak
0%
City of London Lime Street
0%
Tandridge Limpsfield
0%
Chesterfield | Sefton Linacre
0%
South Kesteven Lincrest
0%
Mid Sussex Lindfield
0%
Mid Sussex Lindfield Rural and High Weald
0%
East Hampshire Lindford
0%
Mansfield Lindhurst
0%
Kirklees Lindley
0%
Malvern Hills Lindridge
0%
Tandridge Lingfield, Crowhurst and Tandridge
0%
Mansfield Ling Forest
0%
Malvern Hills Link
0%
Middlesbrough Linthorpe
0%
South Cambridgeshire | South Derbyshire Linton
0%
Wirral Liscard
0%
East Hampshire Liss
0%
Sefton Litherland
0%
Lichfield Little Aston and Stonnall
0%
Chelmsford Little Baddow, Danbury and Sandon
0%
Bournemouth, Christchurch and Poole Littledown and Iford
0%
East Hertfordshire Little Hadham and the Pelhams
0%
Blackburn with Darwen Little Harwood and Whitebirk
0%
Bradford Little Horton
0%
Salford Little Hulton
0%
Newham Little Ilford
0%
Bolton Little Lever and Darcy Lever
0%
Leeds Little London and Woodhouse
0%
Ribble Valley Littlemoor
0%
Dorset Littlemoor and Preston
0%
Oxford Littlemore
0%
Cheshire West and Chester Little Neston
0%
East Cambridgeshire Littleport
0%
Canterbury Little Stour and Adisham
0%
Dover Little Stour and Ashstone
0%
Thurrock Little Thurrock Blackshots
0%
Thurrock Little Thurrock Rectory
0%
City of Westminster Little Venice
0%
Stafford Littleworth
0%
Kirklees Liversedge and Gomersal
0%
Blackburn with Darwen Livesey with Pleasington
0%
Herefordshire Llangarron
0%
Shropshire Llanymynech
0%
City of Bristol Lockleaze
0%
Fareham Locks Heath
0%
Redcar and Cleveland Lockwood
0%
South Hams Loddiswell and Aveton Gifford
0%
Wokingham Loddon
0%
South Norfolk Loddon and Chedgrave
0%
Rochford Lodge
0%
Redcar and Cleveland Loftus
0%
Newcastle-under-Lyme Loggerheads
0%
St Albans London Colney
0%
North Somerset Long Ashton
0%
Redcar and Cleveland Longbeck
0%
North Tyneside Longbenton and Benton
0%
Barking and Dagenham Longbridge
0%
Birmingham Longbridge and West Heath
0%
West Northamptonshire Long Buckby
0%
Melton Long Clawson and Stathern
0%
Buckinghamshire Long Crendon
0%
Shropshire Longden
0%
Tameside Longdendale
0%
Elmbridge Long Ditton
0%
Coventry | Trafford Longford
0%
Northumberland Longhirst
0%
Rossendale Longholme
0%
Northumberland Longhorsley
0%
Northumberland Longhoughton
0%
Bexley Longlands
0%
Middlesbrough Longlands and Beechwood
0%
Gloucester Longlevens
0%
Stratford-on-Avon Long Marston
0%
Stevenage Longmeadow
0%
Babergh Long Melford
0%
Manchester Longsight
0%
South Cambridgeshire Longstanton
0%
Merton Longthornton
0%
South Gloucestershire Longwell Green
0%
North West Leicestershire Long Whatton and Diseworth
0%
Maidstone Loose and Linton
0%
Medway Lordswood and Walderslade
0%
South Ribble Lostock Hall
0%
East Suffolk | Great Yarmouth Lothingland
0%
Shropshire Loton
0%
Charnwood Loughborough Ashby
0%
Charnwood Loughborough East
0%
Charnwood Loughborough Nanpantan
0%
Charnwood Loughborough Outwoods and Shelthorpe
0%
Charnwood Loughborough Southfields
0%
Charnwood Loughborough Storer
0%
Charnwood Loughborough Woodthorpe
0%
Milton Keynes Loughton and Shenley
0%
Epping Forest Loughton Fairmead
0%
Epping Forest Loughton Forest
0%
Epping Forest Loughton Roding
0%
Epping Forest Loughton St John's
0%
South Kesteven Loveden Heath
0%
Newark and Sherwood Lowdham
0%
Mid Devon Lower Culm
0%
Enfield Lower Edmonton
0%
Lancaster Lower Lune Valley
0%
Merton Lower Morden
0%
Worcester Lower Wick and Pitmaston
0%
Wealden Lower Willingdon
0%
Bromsgrove Lowes Hill
0%
Gateshead Low Fell
0%
Westmorland and Furness Low Furness
0%
Wigan Lowton East
0%
Redbridge Loxford
0%
Chichester Loxwood
0%
Birmingham Lozells
0%
Harborough Lubenham
0%
Calderdale Luddendenfoot
0%
Wiltshire Ludgershall North and Rural
0%
Cornwall Ludgvan, Madron, Gulval and Heamoor
0%
Shropshire Ludlow East
0%
Shropshire Ludlow North
0%
Shropshire Ludlow South
0%
County Durham Lumley and West Rainton
0%
Rushcliffe Lutterell
0%
Forest of Dean Lydbrook
0%
Rutland Lyddington
0%
Somerset Lydeard
0%
Swindon Lydiard and Freshbrook
0%
Oxford Lye Valley
0%
Warrington Lymm North and Thelwall
0%
Warrington Lymm South
0%
New Forest Lyndhurst and Minstead
0%
Solihull Lyndon
0%
Wiltshire Lyneham
0%
Northumberland Lynemouth
0%
Cornwall Lynher
0%
North Devon Lynton and Lynmouth
0%
Newcastle-under-Lyme Maer and Whitmore
0%
Great Yarmouth Magdalen
0%
City of Westminster Maida Vale
0%
Crawley Maidenbower
0%
Wokingham Maiden Erlegh and Whitegates
0%
Wiltshire Malmesbury
0%
Norwich Mancroft
0%
Staffordshire Moorlands Manifold
0%
Bradford Manningham
0%
Adur | Mansfield | Sefton | +5 others Manor
0%
Sheffield Manor Castle
0%
Hartlepool Manor House
0%
Newcastle-upon-Tyne | Newham | Rushmoor Manor Park
0%
Cheshire West and Chester Marbury
0%
Vale of White Horse Marcham
0%
New Forest Marchwood and Eling
0%
Chelmsford Marconi
0%
Maidstone Marden and Yalding
0%
Kingston-upon-Hull Marfleet
0%
Adur | Arun | Worthing Marine
0%
Cambridge Market
0%
South Kesteven Market and West Deeping
0%
Shropshire Market Drayton East and Rural
0%
Shropshire Market Drayton North
0%
Shropshire Market Drayton South
0%
Harborough Market Harborough-Great Bowden and Arden
0%
Harborough Market Harborough-Little Bowden
0%
Harborough Market Harborough-Logan
0%
Harborough Market Harborough-Welland
0%
West Lindsey Market Rasen
0%
Mansfield Market Warsop
0%
Harlow Mark Hall
0%
Waltham Forest Markhouse
0%
Colchester Marks Tey and Layer
0%
Bromsgrove Marlbrook
0%
South Hams Marldon and Littlehempston
0%
Stockport Marple North
0%
Stockport Marple South and High Lane
0%
Lancaster Marsh
0%
Havering Marshalls and Rise Park
0%
St Albans Marshalswick East and Jersey Farm
0%
St Albans Marshalswick West
0%
Buckinghamshire Marsh and Micklefield
0%
Broadland Marshes
0%
Wyre Marsh Mill
0%
Dorset Marshwood Vale
0%
Oxford Marston
0%
Stevenage Martins Wood
0%
East Suffolk Martlesham and Purdis Farm
0%
Malvern Hills Martley
0%
Somerset Martock
0%
North Devon Marwood
0%
Newham Maryland
0%
West Devon Mary Tavy
0%
Adur Mash Barn
0%
King's Lynn and West Norfolk Massingham with Castle Acre
0%
Redditch Matchborough and Woodrow
0%
Gloucester Matson, Robinswood and White City
0%
Breckland Mattishall
0%
Havering Mawneys
0%
Dover Maxton and Elms Vale
0%
Newcastle-under-Lyme May Bank
0%
Barking and Dagenham Mayesbrook
0%
Maldon Mayland
0%
Dartford Maypole and Leyton Cross
0%
Hastings Maze Hill
0%
Nottingham Meadows
0%
Eastbourne Meads
0%
Lichfield Mease Valley
0%
North West Leicestershire Measham North
0%
North West Leicestershire Measham South
0%
Mansfield Meden
0%
Fylde Medlar-with-Wesham
0%
Oldham Medlock Vale
0%
Stoke-on-Trent Meir Hay North, Parkhall and Weston Coyney
0%
Stoke-on-Trent Meir North
0%
Stoke-on-Trent Meir Park
0%
Stoke-on-Trent Meir South
0%
Dorset Melcombe Regis
0%
Wiltshire Melksham East
0%
Wiltshire Melksham Forest
0%
Wiltshire Melksham South
0%
Wiltshire Melksham Without North and Shurnhold
0%
Wiltshire Melksham Without West and Rural
0%
Ribble Valley Mellor
0%
East Suffolk Melton
0%
Melton Melton Craven
0%
Melton Melton Dorian
0%
Melton Melton Egerton
0%
Melton Melton Newport
0%
Melton Melton Sysonby
0%
Melton Melton Warwick
0%
Mid Suffolk Mendlesham
0%
Shropshire Meole
0%
Sefton Meols
0%
Central Bedfordshire Meppershall and Shillington
0%
Tamworth Mercian
0%
Guildford Merrow
0%
Wolverhampton Merry Hill
0%
Colchester Mersea and Pyefleet
0%
Ashford Mersham, Sevington South with Finberry
0%
Merton Merton Park
0%
North Lincolnshire Messingham
0%
North Kesteven Metheringham Rural
0%
King's Lynn and West Norfolk Methwold
0%
Cornwall Mevagissey and St Austell Bay
0%
Mole Valley Mickleham, Westcott and Okewood
0%
North Yorkshire Mid Craven
0%
South Ribble Middleforth
0%
Greenwich Middle Park and Horn Park
0%
West Northamptonshire Middleton Cheney
0%
Arun Middleton-on-Sea
0%
Leeds Middleton Park
0%
East Riding of Yorkshire Mid Holderness
0%
Bath and North East Somerset Midsomer Norton North
0%
Bath and North East Somerset Midsomer Norton Redfield
0%
South Derbyshire Midway
0%
Nuneaton and Bedworth Milby
0%
West Suffolk Mildenhall Great Heath
0%
West Suffolk Mildenhall Kingsway and Market
0%
West Suffolk Mildenhall Queensway
0%
Islington Mildmay
0%
Norwich Mile Cross
0%
Manchester Miles Platting and Newton Heath
0%
Rochdale Milkstone and Deeplish
0%
Southampton Millbrook
0%
Sunderland Millfield
0%
Barnet | Dover Mill Hill
0%
Blackburn with Darwen Mill Hill and Moorgate
0%
Mansfield Mill Lane
0%
Rochdale Milnrow and Newhey
0%
Hyndburn Milnshaw
0%
West Devon Milton Ford
0%
Stafford Milwich
0%
Stroud Minchinhampton
0%
Exeter Mincinglake and Whipton
0%
West Suffolk Minden
0%
Wiltshire Minety
0%
Swale Minster Cliffs
0%
Cumberland Mirehouse
0%
Bassetlaw | Harborough Misterton
0%
Forest of Dean Mitcheldean, Ruardean and Drybrook
0%
Wyre Forest Mitton
0%
Cheshire East Mobberley
0%
Elmbridge Molesey East
0%
Elmbridge Molesey West
0%
Sefton Molyneux
0%
Barnsley Monk Bretton
0%
North Yorkshire Monk Fryston and South Milford
0%
Redbridge Monkhams
0%
Torridge Monkleigh and Putford
0%
Shropshire Monkmoor
0%
North Tyneside Monkseaton
0%
Milton Keynes Monkston
0%
South Tyneside Monkton
0%
Somerset Monkton and North Curry
0%
Newcastle-upon-Tyne Monument
0%
Stoke-on-Trent Moorcroft and Sneyd Green
0%
Bournemouth, Christchurch and Poole Moordown
0%
Lincoln Moorland
0%
Bath and North East Somerset Moorlands
0%
Three Rivers Moor Park and Eastbury
0%
Leeds Moortown
0%
Plymouth Moor View
0%
Gloucester Moreland
0%
West Suffolk Moreton Hall
0%
North Devon Mortehoe
0%
Herefordshire Mortimer
0%
Sheffield Mosborough
0%
Birmingham Moseley
0%
St Helens Moss Bank
0%
Cumberland Moss Bay and Moorclose
0%
Liverpool Mossley Hill
0%
Manchester Moston
0%
Bromley Mottingham
0%
Greenwich Mottingham, Coldharbour and New Eltham
0%
Brighton and Hove Moulsecoomb and Bevendean
0%
Chelmsford Moulsham Lodge
0%
West Northamptonshire Moulton
0%
Wyre Mount
0%
Woking Mount Hermon
0%
Isle of Wight Mountjoy and Shide
0%
Charnwood Mountsorrel
0%
Darlington Mowden
0%
East Hertfordshire Much Hadham
0%
Shropshire Much Wenlock
0%
Liverpool Much Woolton and Hunts Cross
0%
Bournemouth, Christchurch and Poole Mudeford, Stanpit and West Highcliffe
0%
Cornwall Mullion and St Keverne
0%
North Norfolk Mundesley
0%
Hammersmith and Fulham Munster
0%
Swale Murston
0%
Bournemouth, Christchurch and Poole Muscliff and Strouden Park
0%
Newark and Sherwood Muskham
0%
Rushcliffe Musters
0%
Haringey Muswell Hill
0%
Telford and Wrekin Muxton
0%
Lambeth Myatt's Fields
0%
Cornwall Mylor, Perranarworthal and Ponsanooth
0%
Surrey Heath Mytchett and Deepcut
0%
Wiltshire Nadder Valley
0%
Canterbury Nailbourne
0%
North Somerset Nailsea Golden Valley
0%
North Somerset Nailsea West End
0%
North Somerset Nailsea Yeo
0%
North Somerset Nailsea Youngwood
0%
Stroud Nailsworth
0%
Blaby Narborough and Littlethorpe
0%
Breckland Nar Valley
0%
Watford Nascot
0%
Dacorum Nash Mills
0%
North Kesteven Navenby and Brant Broughton
0%
Birmingham Nechells
0%
Breckland Necton
0%
West Northamptonshire Nene Valley
0%
Cheshire West and Chester Neston
0%
Thanet Nethercourt
0%
Sheffield Nether Edge and Sharrow
0%
Gedling | Mansfield Netherfield
0%
Basildon Nethermayne
0%
Cheshire West and Chester Netherpool
0%
Sefton Netherton and Orrell
0%
Harlow Netteswell
0%
West Lindsey Nettleham
0%
Croydon New Addington North
0%
Croydon New Addington South
0%
Bath and North East Somerset Newbridge
0%
East Devon Newbridges
0%
North Yorkshire Newby
0%
Newcastle-under-Lyme Newchapel and Mow Cop
0%
South Gloucestershire New Cheltenham
0%
Isle of Wight Newchurch, Havenstreet and Ashey
0%
Redcar and Cleveland Newcomen
0%
South Norfolk New Costessey
0%
Lewisham New Cross Gate
0%
Runnymede New Haw
0%
Lewes Newick
0%
Forest of Dean Newland and Sling
0%
Cotswold New Mills
0%
High Peak New Mills East
0%
High Peak New Mills West
0%
Milton Keynes Newport Pagnell North and Hanslope
0%
Milton Keynes Newport Pagnell South
0%
Northumberland Newsham
0%
Kirklees Newsome
0%
Gedling Newstead Abbey
0%
Herefordshire Newton Farm
0%
South Norfolk Newton Flotman
0%
Buckinghamshire Newton Longville
0%
East Devon Newton Poppleford and Harpford
0%
North Warwickshire Newton Regis and Warton
0%
Wandsworth Nine Elms
0%
Haringey Noel Park
0%
Epsom and Ewell Nonsuch
0%
Blackpool Norbreck
0%
Derbyshire Dales Norbury
0%
Croydon Norbury and Pollards Hill
0%
Stockport Norbury and Woodsmoor
0%
Croydon Norbury Park
0%
Reading Norcot
0%
Basingstoke and Deane | Rochdale Norden
0%
Reigate and Banstead Nork
0%
Kensington and Chelsea Norland
0%
Redcar and Cleveland Normanby
0%
Guildford Normandy and Pirbright
0%
Wokingham Norreys
0%
Liverpool Norris Green
0%
Ealing North Acton
0%
North Yorkshire Northallerton South
0%
Welwyn Hatfield Northaw and Cuffley
0%
Slough Northborough and Lynch Hill Valley
0%
Worthing Northbrook
0%
Barking and Dagenham Northbury
0%
Kingston-upon-Hull North Carr
0%
Sutton North Cheam
0%
Dacorum Northchurch
0%
Wychavon North Claines and Salwarpe
0%
Wandsworth Northcote
0%
Folkestone and Hythe North Downs East
0%
Folkestone and Hythe North Downs West
0%
Birmingham North Edgbaston
0%
Manchester Northenden
0%
Stockton-on-Tees Northern Parishes
0%
Leicester North Evington
0%
Oxford Northfield Brook
0%
Ealing North Hanwell
0%
Rochdale North Heywood
0%
East Riding of Yorkshire North Holderness
0%
East Lindsey North Holme
0%
Central Bedfordshire Northill
0%
Cotswold Northleach
0%
County Durham North Lodge
0%
King's Lynn and West Norfolk North Lynn
0%
Bury North Manor
0%
West Lancashire North Meols and Hesketh Bank
0%
Rochdale North Middleton
0%
Chichester North Mundham and Tangmere
0%
Ealing Northolt Mandeville
0%
Ealing Northolt West End
0%
Middlesbrough North Ormesby
0%
Calderdale Northowram and Shelf
0%
Somerset North Petherton
0%
Richmond-upon-Thames North Richmond
0%
North Yorkshire North Richmondshire
0%
Darlington North Road
0%
North Yorkshire Northstead
0%
Rushmoor North Town
0%
Bexley Northumberland Heath
0%
Southwark North Walworth
0%
Tewkesbury Northway
0%
Epping Forest North Weald Bassett
0%
Luton Northwell
0%
Babergh North West Cosford
0%
Blaby North Whetstone
0%
Brent Northwick Park
0%
Cannock Chase Norton Canes
0%
Kensington and Chelsea Notting Dale
0%
Erewash Nottingham Road
0%
Southwark Nunhead and Queen's Road
0%
Middlesbrough Nunthorpe
0%
Broxtowe Nuthall East and Strelley
0%
Horsham Nuthurst and Lower Beeding
0%
Bournemouth, Christchurch and Poole Oakdale
0%
Telford and Wrekin Oakengates and Ketley Bank
0%
North West Leicestershire Oakthorpe and Donisthorpe
0%
Derby | Enfield Oakwood
0%
Elmbridge Oatlands and Burwood Park
0%
North Yorkshire Oatlands and Pannal
0%
Bath and North East Somerset Odd Down
0%
Cheshire East Odd Rode
0%
Hart Odiham
0%
North Hertfordshire Offa
0%
Stockport Offerton
0%
Worthing Offington
0%
Wyre Forest Offmore and Comberton
0%
West Devon Okehampton North
0%
West Devon Okehampton South
0%
Sandwell Oldbury
0%
Broadland Old Catton and Sprowston West
0%
South Norfolk Old Costessey
0%
Croydon Old Coulsdon
0%
Melton Old Dalby
0%
Surrey Heath Old Dean
0%
Windsor and Maidenhead Oldfield
0%
Bath and North East Somerset Oldfield Park
0%
Herefordshire Old Gore
0%
Southwark Old Kent Road
0%
Boston Old Leake and Wrangle
0%
Manchester Old Moat
0%
West Lancashire Old Skelmersdale
0%
Liverpool Old Swan East
0%
Liverpool Old Swan West
0%
Barnsley | Eastbourne | Stevenage | Swindon Old Town
0%
Sandwell Old Warley
0%
Newark and Sherwood Ollerton
0%
Solihull Olton
0%
Wychavon Ombersley
0%
Mid Suffolk Onehouse
0%
Epping Forest Ongar
0%
Guildford Onslow
0%
Arun Orchard
0%
Kingston-upon-Hull Orchard Park
0%
Salford Ordsall
0%
Hastings Ore
0%
Great Yarmouth | Redcar and Cleveland Ormesby
0%
Westmorland and Furness Ormsgill and Parkside
0%
West Lancashire Ormskirk East
0%
West Lancashire Ormskirk West
0%
Bromley Orpington
0%
Wigan Orrell
0%
Liverpool Orrell Park
0%
Thurrock Orsett
0%
Peterborough Orton Longueville
0%
Peterborough Orton Waterville
0%
Babergh Orwell
0%
Isle of Wight Osborne
0%
Birmingham Oscott
0%
North Yorkshire Osgoldcross
0%
Wakefield Ossett
0%
Hounslow Osterley and Spring Grove
0%
Shropshire Oteley and Reabrook
0%
Runnymede Ottershaw
0%
East Suffolk Oulton Broad
0%
North Northamptonshire Oundle
0%
Lewes Ouse Valley and Ringmer
0%
Lambeth Oval
0%
Calderdale Ovenden
0%
Bracknell Forest Owlsmoor and College Town
0%
Watford Oxhey
0%
Wolverhampton Oxley
0%
Elmbridge Oxshott and Stoke d'Abernon
0%
Wirral Oxton
0%
Walsall Paddock
0%
Tunbridge Wells Paddock Wood
0%
Rugby Paddox
0%
High Peak Padfield
0%
Knowsley Page Moss
0%
Arun Pagham
0%
Gravesham Painters Ash
0%
West Suffolk Pakenham and Troston
0%
Hammersmith and Fulham Palace and Hurlingham
0%
Maidstone Palace Wood
0%
Walsall Palfrey
0%
Mid Suffolk Palgrave
0%
Sunderland Pallion
0%
Enfield Palmers Green
0%
Welwyn Hatfield Panshanger
0%
Tunbridge Wells Pantiles
0%
Middlesbrough Park End and Beckfield
0%
Ashford Park Farm North
0%
Ashford Park Farm South
0%
Cheshire West and Chester Parkgate
0%
Fareham Park Gate
0%
Mansfield Park Hall
0%
Croydon Park Hill and Whitgift
0%
Isle of Wight Parkhurst and Hunnyhill
0%
Newcastle-upon-Tyne | West Northamptonshire Parklands
0%
Surrey Heath Parkside
0%
Bournemouth, Christchurch and Poole Parkstone
0%
St Albans Park Street
0%
South Gloucestershire Parkwall and Warmley
0%
Maidstone Park Wood and Mangravet
0%
St Helens Parr
0%
Barking and Dagenham Parsloes
0%
Hammersmith and Fulham Parsons Green and Sandford
0%
Harlow Passmores
0%
Brighton and Hove Patcham and Hollingbury
0%
Chelmsford Patching Hall
0%
South Staffordshire Pattingham, Trysull, Bobbington and Lower Penn
0%
Portsmouth Paulsgrove
0%
Bath and North East Somerset Paulton
0%
South Kesteven Peascliffe and Ridgeway
0%
Bath and North East Somerset Peasedown
0%
St Helens Peasley Cross and Fingerpost
0%
Southwark Peckham
0%
Southwark Peckham Rye
0%
Northumberland Pegswood
0%
Gravesham Pelham
0%
Walsall Pelsall
0%
County Durham Pelton
0%
North Northamptonshire | Wigan Pemberton
0%
Kensington and Chelsea Pembridge
0%
Maidstone Penenden Heath
0%
Bromley Penge and Cator
0%
Warrington Penketh and Cuerdley
0%
Stafford Penkside
0%
Wolverhampton Penn
0%
Three Rivers Penn and Mill End
0%
Bournemouth, Christchurch and Poole Penn Hill
0%
Mansfield Penniment
0%
New Forest Pennington
0%
Exeter Pennsylvania
0%
Buckinghamshire Penn, Tylers Green and Loudwater
0%
Liverpool Penny Lane
0%
Westmorland and Furness Penrith North
0%
Westmorland and Furness Penrith South
0%
Wirral Pensby and Thingwall
0%
Sevenoaks Penshurst, Fordcombe and Chiddingstone
0%
Cornwall Penwithick and Boscoppa
0%
Herefordshire Penyard
0%
Ealing Perivale
0%
Cornwall Perranporth
0%
Birmingham Perry Barr
0%
Birmingham Perry Common
0%
Bromsgrove Perryfields
0%
Lewisham Perry Vale
0%
Wychavon Pershore
0%
South Staffordshire Perton East
0%
South Staffordshire Perton Lakeside
0%
South Staffordshire Perton Wrottesley
0%
Bromley Petts Wood and Knoll
0%
Chichester Petworth
0%
Adur Peverel
0%
Plymouth Peverell
0%
Wiltshire Pewsey
0%
Wiltshire Pewsey Vale East
0%
Wiltshire Pewsey Vale West
0%
Wyre Pharos
0%
Wyre Pheasant's Wood
0%
Walsall Pheasey Park Farm
0%
Gedling Phoenix
0%
Manchester Piccadilly
0%
Malvern Hills Pickersleigh
0%
Tendring Pier
0%
Darlington Pierremont
0%
Guildford Pilgrims
0%
Brentwood Pilgrims Hatch
0%
Tonbridge and Malling Pilgrims with Ightham
0%
Bury Pilkington Park
0%
Wyre Pilling
0%
Forest of Dean Pillowell
0%
South Gloucestershire Pilning and Severn Beach
0%
South Holland Pinchbeck and Surfleet
0%
Exeter Pinhoe
0%
Windsor and Maidenhead Pinkneys Green
0%
Hillingdon Pinkwell
0%
Harrow Pinner
0%
Harrow Pinner South
0%
Wychavon Pinvin
0%
Bolsover Pinxton
0%
North Northamptonshire Pipers Hill
0%
Basildon Pitsea North West
0%
Basildon Pitsea South East
0%
Ealing Pitshanger
0%
Cheltenham Pittville
0%
Gedling Plains
0%
Bromley Plaistow
0%
Newham Plaistow North
0%
Newham Plaistow South
0%
Newham Plaistow West and Canning Town East
0%
Newham Plashet
0%
Mansfield Pleasley
0%
Walsall Pleck
0%
Northumberland Plessey
0%
Broadland Plumstead
0%
Greenwich Plumstead and Glyndon
0%
Greenwich Plumstead Common
0%
Preston Plungington
0%
Plymouth Plymstock Dunstone
0%
Plymouth Plymstock Radford
0%
Gloucester Podsmead
0%
Luton Poets
0%
North Warwickshire Polesworth East
0%
North Warwickshire Polesworth West
0%
Merton Pollards Hill
0%
Enfield Ponders End
0%
Nuneaton and Bedworth | Tower Hamlets Poplar
0%
Basingstoke and Deane Popley
0%
North Norfolk Poppyland
0%
Gedling Porchester
0%
South Norfolk Poringland, Framinghams and Trowse
0%
Fareham Portchester Castle
0%
Fareham Portchester Wicor
0%
Shropshire Porthill
0%
Cornwall Porthleven, Breage and Germoe
0%
Dorset Portland
0%
City of London Portsoken
0%
Southampton Portswood
0%
Central Bedfordshire Potton
0%
Crawley Pound Hill North and Forge Wood
0%
Cornwall Poundstock
0%
Malvern Hills Powick and the Hanleys
0%
Cheshire East Poynton East and Pott Shrigley
0%
Cheshire East Poynton West and Adlington
0%
Shropshire Prees
0%
Wyre Preesall
0%
Wirral Prenton
0%
Knowsley Prescot North
0%
Knowsley Prescot South
0%
Cheltenham | Cheshire East Prestbury
0%
Brent | Torbay Preston
0%
Brighton and Hove Preston Park
0%
Preston Preston Rural East
0%
Preston Preston Rural North
0%
North Tyneside Preston with Preston Grange
0%
Colchester Prettygate
0%
Bracknell Forest Priestwood and Garth
0%
Ribble Valley | South Tyneside Primrose
0%
Camden Primrose Hill
0%
Dartford Princes
0%
Sandwell Princes End
0%
Liverpool | Medway Princes Park
0%
Telford and Wrekin Priorslee
0%
Exeter | North Norfolk | Swale Priory
0%
Ipswich Priory Heath
0%
Swindon Priory Vale
0%
Southend-on-Sea Prittlewell
0%
Cornwall Probus and St Erme
0%
Northumberland Prudhoe North and Wylam
0%
Northumberland Prudhoe South
0%
Northumberland Prudhoe West and Mickley
0%
Leeds Pudsey
0%
Havant Purbrook
0%
Maldon Purleigh
0%
Croydon Purley and Woodcote
0%
Croydon Purley Oaks and Riddlesdown
0%
Wiltshire Purton
0%
Bedford Putnoe
0%
Birmingham Pype Hayes
0%
Woking Pyrford
0%
Buckinghamshire Quainton
0%
Shropshire Quarry and Coton Hill
0%
Oxford Quarry and Risinghurst
0%
Dudley Quarry Bank and Dudley Wood
0%
Cambridge Queen Edith's
0%
City of London Queenhithe
0%
Herefordshire Queenswood
0%
Mansfield Racecourse
0%
Shropshire Radbrook
0%
Bury Radcliffe East
0%
Bury Radcliffe North and Ainsworth
0%
Rushcliffe Radcliffe-on-Trent
0%
Bury Radcliffe West
0%
Coventry | Nottingham Radford
0%
Warwick Radford Semele
0%
Dorset Radipole
0%
Bath and North East Somerset Radstock
0%
Worcester Rainbow Hill
0%
St Helens Rainford
0%
Havering Rainham and Wennington
0%
Medway Rainham North
0%
Medway Rainham South East
0%
Medway Rainham South West
0%
St Helens Rainhill
0%
Newark and Sherwood Rainworth South and Blidworth
0%
Bassetlaw Rampton
0%
Bury Ramsbottom
0%
Stroud Randwick, Whiteshill and Ruscombe
0%
Bassetlaw Ranskill
0%
Calderdale Rastrick
0%
Mid Suffolk Rattlesden
0%
Eastbourne Ratton
0%
Sefton Ravenmeols
0%
Merton Ravensbury
0%
Hammersmith and Fulham Ravenscourt
0%
Peterborough Ravensthorpe
0%
North West Leicestershire Ravenstone and Packington
0%
Rotherham Rawmarsh East
0%
Rotherham Rawmarsh West
0%
Braintree Rayne
0%
Harrow Rayners Lane
0%
Merton Raynes Park
0%
Shropshire Rea Valley
0%
Canterbury Reculver
0%
St Albans Redbourn
0%
Southampton Redbridge
0%
Kensington and Chelsea Redcliffe
0%
Stockport Reddish North
0%
Stockport Reddish South
0%
Darlington Red Hall and Lingfield
0%
City of Bristol Redland
0%
Reading Redlands
0%
Wiltshire Redlynch and Landford
0%
Bury Redvales
0%
Brighton and Hove Regency
0%
Bedford Renhold and Ravensden
0%
Ashford | South Derbyshire Repton
0%
Chelmsford Rettendon and Runwell
0%
Rugby Revel and Binley Woods
0%
Preston Ribbleton
0%
North Yorkshire | Sheffield Richmond
0%
Mid Suffolk Rickinghall
0%
Three Rivers Rickmansworth Town
0%
North Lincolnshire Ridge
0%
Enfield | Swindon | Vale of White Horse | West Berkshire Ridgeway
0%
North East Derbyshire Ridgeway and Marsh Lane
0%
Buckinghamshire Ridgeway East
0%
Buckinghamshire Ridgeway West
0%
Maidstone Ringlestone
0%
New Forest Ringwood North and Ellingham
0%
New Forest Ringwood South
0%
West Suffolk Risby
0%
Westmorland and Furness Risedale and Roosecote
0%
Bedford Riseley
0%
Hyndburn Rishton
0%
Bedford Riverfield
0%
Gravesham Riverview Park
0%
Warrington Rixton and Woolston
0%
Rother Robertsbridge
0%
Knowsley Roby
0%
Cornwall Roche and Bugle
0%
Rochford Roche North and Rural
0%
Rochford Roche South
0%
Medway Rochester East and Warren Wood
0%
Medway Rochester West and Borstal
0%
Wirral Rock Ferry
0%
Bromsgrove | Mansfield Rock Hill
0%
Barnsley Rockingham
0%
South Norfolk Rockland
0%
Stroud Rodborough
0%
Swindon Rodbourne Cheney
0%
Dorset Rodwell and Wyke
0%
Stevenage Roebuck
0%
Wandsworth Roehampton
0%
Blackburn with Darwen Roe Lee
0%
Horsham Roffey North
0%
Horsham Roffey South
0%
Rugby Rokeby and Overslade
0%
Ashford Rolvenden and Tenterden West
0%
Ashford | Swale Roman
0%
North Yorkshire Romanby
0%
Doncaster Roman Ridge
0%
East Hampshire Ropley, Hawkley and Hangers
0%
Stockton-on-Tees Ropner
0%
Broxbourne Rosedale and Bury Green
0%
Burnley Rosegrove with Lowerhouse
0%
Oxford Rose Hill and Iffley
0%
Stockton-on-Tees Roseworth
0%
Gravesham Rosherville
0%
Wyre Rossall
0%
Herefordshire Ross East
0%
Hartlepool Rossmere
0%
Herefordshire Ross North
0%
Herefordshire Ross West
0%
Northumberland Rothbury
0%
Rotherham Rother Vale
0%
Charnwood Rothley Brook
0%
Leeds Rothwell
0%
North Northamptonshire Rothwell and Mawsley
0%
Brighton and Hove Rottingdean and West Saltdean
0%
West Suffolk Rougham
0%
East Lindsey | North Norfolk Roughton
0%
Luton Round Green
0%
Leeds Roundhay
0%
Brighton and Hove Round Hill
0%
North Devon Roundswell
0%
Brent Roundwood
0%
Somerset Rowbarton and Staplegrove
0%
Rushmoor Rowhill
0%
East Hampshire Rowlands Castle
0%
Harrow Roxbourne
0%
Harrow Roxeth
0%
Kensington and Chelsea Royal Hospital
0%
Bradford Royds
0%
Barnsley Royston
0%
North Hertfordshire Royston Heath
0%
North Hertfordshire Royston Meridian
0%
North Hertfordshire Royston Palace
0%
Oldham Royton North
0%
Oldham Royton South
0%
Birmingham Rubery and Rednal
0%
Bromsgrove Rubery North
0%
Bromsgrove Rubery South
0%
Rushcliffe Ruddington
0%
Horsham Rudgwick
0%
Cheshire West and Chester Rudheath
0%
Bolton Rumworth
0%
Tunbridge Wells Rural Tunbridge Wells
0%
Walsall Rushall-Shelfield
0%
North Northamptonshire Rushden Lakes
0%
North Northamptonshire Rushden South
0%
Lewisham Rushey Green
0%
Leicester Rushey Mead
0%
Havering Rush Green and Crowlands
0%
Ipswich Rushmere
0%
East Suffolk Rushmere St Andrew
0%
Manchester Rusholme
0%
North Kesteven Ruskington
0%
Forest of Dean Ruspidge
0%
Tunbridge Wells Rusthall and Speldhurst
0%
Arun Rustington East
0%
Arun Rustington West
0%
Epsom and Ewell Ruxley
0%
Shropshire Ruyton and Baschurch
0%
Calderdale Ryburn
0%
Southwark Rye Lane
0%
Rutland Ryhall and Casterton
0%
Sunderland Ryhope
0%
Gateshead Ryton, Crookhill and Stella
0%
Ribble Valley Sabden
0%
County Durham Sacriston and Witton Gilbert
0%
Darlington Sadberge and Middleton St George
0%
Oldham Saddleworth North
0%
Oldham Saddleworth South
0%
Oldham Saddleworth West and Lees
0%
Breckland Saham Toney
0%
Luton Saints
0%
Trafford Sale Central
0%
Trafford Sale Moor
0%
Thanet Salmestone
0%
Bath and North East Somerset Saltford
0%
Ribble Valley Salthill
0%
Gateshead Saltwell
0%
Worthing Salvington
0%
Cheshire East Sandbach Elworth
0%
Cheshire East Sandbach Ettiley Heath and Wheelock
0%
Cheshire East Sandbach Heath and East
0%
Cheshire East Sandbach Town
0%
Bromsgrove Sanders Park
0%
Croydon Sanderstead
0%
Liverpool Sandfield Park
0%
Mid Devon Sandford and Creedy
0%
South Oxfordshire Sandford and the Wittenhams
0%
Stoke-on-Trent Sandford Hill
0%
Folkestone and Hythe Sandgate and West Folkestone
0%
Sunderland Sandhill
0%
Isle of Wight Sandown North
0%
Isle of Wight Sandown South
0%
Buckinghamshire Sands
0%
Hammersmith and Fulham Sands End
0%
Cheshire West and Chester Sandstone
0%
Cotswold Sandywell
0%
Cheshire West and Chester Saughall and Mollington
0%
Erewash Sawley
0%
South Cambridgeshire Sawston
0%
Huntingdonshire Sawtry
0%
West Lindsey Saxilby
0%
Herefordshire Saxon Gate
0%
Ashford Saxon Shore
0%
Lancaster Scale Hall
0%
West Lindsey Scampton
0%
North East Lincolnshire Scartho
0%
Lancaster Scotforth East
0%
Lancaster Scotforth West
0%
West Lindsey Scotter and Blyton
0%
Wirral Seacombe
0%
County Durham Seaham
0%
Sevenoaks Seal and Weald
0%
South Derbyshire Seales
0%
North Yorkshire Seamer
0%
Canterbury Seasalter
0%
Liverpool Sefton Park
0%
Northumberland Seghill with Seaton Delaval
0%
Stafford Seighford and Church Eaton
0%
Worthing Selden
0%
Croydon Selhurst
0%
Croydon Selsdon and Addington Village
0%
Croydon Selsdon Vale and Forestdale
0%
Ashfield Selston
0%
Maidstone Senacre
0%
North West Leicestershire Sence Valley
0%
Guildford Send and Lovelace
0%
Redbridge Seven Kings
0%
South Ribble Seven Stars
0%
South Gloucestershire Severn Vale
0%
Tewkesbury Severn Vale North
0%
Tewkesbury Severn Vale South
0%
Norwich Sewell
0%
Hackney Shacklewell
0%
Tower Hamlets Shadwell
0%
Dorset Shaftesbury Town
0%
Cheshire West and Chester Shakerley
0%
Teignbridge Shaldon and Stokeinteignhead
0%
Guildford Shalford
0%
Birmingham Shard End
0%
Bedford Sharnbrook
0%
Preston Sharoe Green
0%
Manchester Sharston
0%
Cheshire East Shavington
0%
Telford and Wrekin Shawbirch and Dothill
0%
Shropshire Shawbury
0%
Blackburn with Darwen Shear Brow and Corporation Park
0%
Birmingham Sheldon
0%
South Cambridgeshire Shelford
0%
Brentwood Shenfield
0%
Hertsmere Shenley
0%
Milton Keynes Shenley Brook End
0%
Lichfield Shenstone
0%
Stevenage Shephall
0%
Hammersmith and Fulham Shepherd's Bush Green
0%
Spelthorne Shepperton Town
0%
Charnwood Shepshed East
0%
Charnwood Shepshed West
0%
Maidstone Shepway
0%
Welwyn Hatfield Sherrards
0%
Wiltshire Sherston
0%
Mansfield | Nottingham | Tunbridge Wells Sherwood
0%
Knowsley Shevington
0%
Shropshire Shifnal North
0%
Shropshire Shifnal Rural
0%
Shropshire Shifnal South
0%
Northumberland Shilbottle
0%
County Durham Shildon and Dene Valley
0%
Sunderland Shiney Row
0%
Wokingham Shinfield
0%
Breckland Shipdham-with-Scarning
0%
Torbay Shiphay
0%
Sheffield Shiregreen and Brightside
0%
North Tyneside Shiremoor
0%
East Staffordshire Shobnall
0%
Southampton Sholing
0%
Greenwich Shooters Hill
0%
Walsall Short Heath
0%
Bedford Shortstown
0%
Colchester Shrub End
0%
Tewkesbury Shurdington
0%
East Lindsey Sibsey and Stickney
0%
Bexley Sidcup
0%
Cotswold Siddington and Cerney Rural
0%
Bromsgrove Sidemoor
0%
North East Lincolnshire Sidney Sussex
0%
Charnwood Sileby and Seagrave
0%
Solihull Silhill
0%
Sunderland Silksworth
0%
Lancaster | Newcastle-under-Lyme Silverdale
0%
Braintree Silver End and Cressing
0%
Hastings Silverhill
0%
Mid Devon Silverton
0%
High Peak Simmondley
0%
Ashford Singleton East
0%
Ashford Singleton West
0%
Gravesham Singlewell
0%
Thanet Sir Moses Montefiore
0%
Rotherham Sitwell
0%
Ashfield Skegby
0%
West Lancashire Skelmersdale North
0%
West Lancashire Skelmersdale South
0%
Redcar and Cleveland Skelton East
0%
Redcar and Cleveland Skelton West
0%
Lancaster Skerton
0%
North Yorkshire Skipton East and South
0%
North Yorkshire Skipton North and Embsay-with-Eastby
0%
North Yorkshire Skipton West and West Craven
0%
Boston Skirbeck
0%
Calderdale Skircoat
0%
Northumberland Sleekburn
0%
Bromsgrove Slideslow
0%
Rochdale Smallbridge and Firgrove
0%
Birmingham Small Heath
0%
Liverpool Smithdown
0%
Bolton Smithills
0%
Solihull Smith's Wood
0%
East Riding of Yorkshire Snaith, Airmyn, Rawcliffe and Marshland
0%
King's Lynn and West Norfolk Snettisham
0%
North West Leicestershire Snibston North
0%
North West Leicestershire Snibston South
0%
Tonbridge and Malling Snodland East and Ham Hill
0%
Tonbridge and Malling Snodland West and Holborough Lakes
0%
Rushcliffe Soar Valley
0%
Cumberland Solway Coast
0%
Melton Somerby
0%
Huntingdonshire Somersham
0%
South Oxfordshire Sonning Common
0%
St Albans Sopwell
0%
Ealing South Acton
0%
King's Lynn and West Norfolk South and West Lynn
0%
Wandsworth South Balham
0%
Redcar and Cleveland South Bank
0%
Sutton South Beddington and Roundshaw
0%
Chichester Southbourne
0%
Enfield Southbury
0%
Cotswold South Cerney Village
0%
Thurrock South Chafford
0%
Charnwood South Charnwood
0%
Southend-on-Sea Southchurch
0%
Kingston-upon-Hull Southcoates
0%
Reading Southcote
0%
Bath and North East Somerset Southdown
0%
Wealden South Downs
0%
Babergh South East Cosford
0%
East Riding of Yorkshire South East Holderness
0%
Dorset South East Purbeck
0%
Stockton-on-Tees Southern Villages
0%
Sheffield Southey
0%
Basingstoke and Deane South Ham
0%
Havering South Hornchurch
0%
East Riding of Yorkshire South Hunsley
0%
Wokingham South Lake
0%
Adur Southlands
0%
City of Bristol Southmead
0%
Rochdale South Middleton
0%
Bolsover South Normanton East
0%
Bolsover South Normanton West
0%
Three Rivers South Oxhey
0%
Somerset South Petherton and Islemoor
0%
Richmond-upon-Thames South Richmond
0%
West Devon South Tawton
0%
Great Yarmouth Southtown and Cobholm
0%
City of Bristol Southville
0%
Horsham Southwater North
0%
Plymouth Southway
0%
East Riding of Yorkshire South West Holderness
0%
East Suffolk Southwold
0%
Eastbourne Sovereign
0%
Birmingham Sparkbrook and Balsall Heath East
0%
Birmingham Sparkhill
0%
Liverpool Speke
0%
East Lindsey Spilsby
0%
Leicester Spinney Hills
0%
Chesterfield Spire
0%
Broadland Spixworth with St Faiths
0%
Rochdale Spotland and Fallinge
0%
Cheltenham Springbank
0%
Hyndburn Spring Hill
0%
King's Lynn and West Norfolk | Liverpool Springwood
0%
Ipswich Sprites
0%
Doncaster Sprotbrough
0%
Babergh Sproughton and Pinewood
0%
Broadland Sprowston Central
0%
Broadland Sprowston East
0%
Blackpool Squires Gate
0%
Spelthorne Staines
0%
Spelthorne Staines South
0%
Doncaster Stainforth and Barnby Dun
0%
Fylde Staining
0%
Stockton-on-Tees Stainsby Hill
0%
Barnsley Stairfoot
0%
Northumberland Stakeford
0%
Havant Stakes
0%
Dorset Stalbridge and Marnhull
0%
North Norfolk Stalham
0%
Solihull St Alphege
0%
South Ribble St Ambrose
0%
Hackney Stamford Hill West
0%
Wyre Stanah
0%
Watford Stanborough
0%
Peterborough Stanground South
0%
Boston Staniland
0%
Harrow Stanmore
0%
Sheffield Stannington
0%
Eastbourne St Anthony's
0%
Milton Keynes Stantonbury
0%
Ashfield Stanton Hill and Teversal
0%
Colchester Stanway
0%
Spelthorne Stanwell North
0%
Cumberland Stanwix Urban
0%
East Staffordshire Stapenhill
0%
Broxtowe Stapleford North
0%
Broxtowe Stapleford South East
0%
Broxtowe Stapleford South West
0%
South Gloucestershire Staple Hill and Mangotsfield
0%
Maidstone Staplehurst
0%
Boston Station
0%
Cornwall St Austell Bethel and Holmbush
0%
Cornwall St Austell Central and Gover
0%
Cornwall St Austell Poltair and Mount Charles
0%
Chesterfield Staveley Central
0%
Chesterfield Staveley North
0%
Chesterfield Staveley South
0%
Winchester St Barnabas
0%
Winchester St Bartholomew
0%
Tendring St Bartholomew's
0%
North Norfolk St Benet's
0%
Forest of Dean St Briavels
0%
Plymouth St Budeaux
0%
Cornwall St Cleer and Menheniot
0%
Worcester St Clement
0%
East Lindsey | Oxford St Clement's
0%
Cornwall St Columb Major, St Mawgan and St Wenn
0%
Cornwall St Columb Minor and Colan
0%
Cornwall St Dennis and St Enoder
0%
Tower Hamlets St Dunstan's
0%
Havering St Edward's
0%
South Derbyshire Stenson
0%
Darlington Stephenson
0%
Vale of White Horse Steventon and the Hanneys
0%
Horsham Steyning and Ashurst
0%
Cornwall St Goran, Tregony and the Roseland
0%
North Norfolk Stibbard
0%
Thurrock Stifford Clays
0%
Huntingdonshire Stilton, Folksworth and Washingley
0%
Birmingham Stirchley
0%
Portsmouth St Jude
0%
Tower Hamlets St Katharine's and Wapping
0%
Exeter St Loyes
0%
Torbay St Marychurch
0%
Bromley St Mary Cray
0%
Cornwall St Mewan and Grampound
0%
Nuneaton and Bedworth Stockingford East
0%
Nuneaton and Bedworth Stockingford West
0%
Birmingham Stockland Green
0%
Northumberland Stocksfield and Bywell
0%
Warrington Stockton Heath
0%
Lambeth Stockwell East
0%
Lambeth Stockwell West and Larkhall
0%
City of Bristol Stockwood
0%
North Norfolk Stody
0%
City of Bristol Stoke Bishop
0%
South Gloucestershire Stoke Gifford
0%
South Hams Stokenham
0%
Ipswich Stoke Park
0%
South Gloucestershire Stoke Park and Cheswick
0%
North Yorkshire Stokesley
0%
West Suffolk St Olaves
0%
High Peak Stone Bench
0%
Brent Stonebridge
0%
Sutton Stonecot
0%
Wealden Stone Cross
0%
Stroud Stonehouse
0%
Epsom and Ewell Stoneleigh
0%
West Oxfordshire Stonesfield and Tackley
0%
Liverpool Stoneycroft
0%
Leicester Stoneygate
0%
Herefordshire Stoney Street
0%
Mid Suffolk Stonham
0%
Tamworth Stonydelph
0%
Luton Stopsley
0%
Horsham Storrington and Washington
0%
Uttlesford Stort Valley
0%
Sefton | Shropshire St Oswald
0%
Hyndburn St Oswald's
0%
Tendring St Osyth
0%
Shropshire Stottesdon, Kinlet and Hopton Wafers
0%
Guildford Stoughton North
0%
Guildford Stoughton South
0%
Tendring Stour Valley
0%
Braintree Stour Valley North
0%
Braintree Stour Valley South
0%
Lichfield Stowe
0%
Mid Suffolk Stow Thorney
0%
Bromley St Paul's Cray
0%
Mid Suffolk Stradbroke and Laxfield
0%
Dover St Radigunds
0%
East Staffordshire Stramshall and Weaver
0%
Cheshire West and Chester Strawberry
0%
Lambeth Streatham Common and Vale
0%
Lambeth Streatham Hill East
0%
Lambeth Streatham Hill West and Thornton
0%
Lambeth Streatham St Leonard's
0%
Lambeth Streatham Wells
0%
Somerset Street
0%
Walsall Streetly
0%
York Strensall
0%
East Cambridgeshire Stretham
0%
East Staffordshire Stretton
0%
Haringey Stroud Green
0%
Fareham Stubbington
0%
Stratford-on-Avon Studley North
0%
Stratford-on-Avon Studley South
0%
Dorset Sturminster Newton
0%
Canterbury Sturry
0%
Bassetlaw Sturton
0%
West Lindsey Sudbrooke
0%
Sefton Sudell
0%
North Norfolk Suffield Park
0%
Lichfield Summerfield and All Saints
0%
Oxford Summertown
0%
Harlow Sumners and Kingsmoor
0%
Luton Sundon Park
0%
Shropshire Sundorne and Old Heath
0%
Windsor and Maidenhead Sunningdale and Cheapside
0%
Southwark Surrey Docks
0%
South Holland Sutton Bridge
0%
Herefordshire Sutton Walls
0%
Canterbury Swalecliffe
0%
Knowsley Swanside
0%
Amber Valley Swanwick
0%
South Cambridgeshire Swavesey
0%
New Forest Sway
0%
Southampton Swaythling
0%
Rochford Sweyne Park and Grange
0%
Boston Swineshead and Holland Fen
0%
Bracknell Forest Swinley Forest
0%
Stafford Swynnerton and Oulton
0%
Lewisham Sydenham
0%
Stevenage Symonds Green
0%
Charnwood Syston
0%
Basingstoke and Deane Tadley and Pamber
0%
Basingstoke and Deane Tadley North, Kingsclere and Baughurst
0%
Uttlesford Takeley
0%
West Northamptonshire Talavera
0%
Blackpool Talbot
0%
Bournemouth, Christchurch and Poole Talbot and Branksome Woods
0%
East Devon Tale Vale
0%
Newcastle-under-Lyme Talke and Butt Lane
0%
West Devon Tamarside
0%
West Lancashire Tanhouse and Skelmersdale Town Centre
0%
Canterbury Tankerton
0%
Bromsgrove Tardebigge
0%
West Lancashire Tarleton Village
0%
Cheshire West and Chester Tarporley
0%
Castle Point Tarpots
0%
Worthing Tarring
0%
Cheshire West and Chester Tarvin and Kelsall
0%
Tandridge Tatsfield and Titsey
0%
Cheshire West and Chester Tattenhall
0%
Reigate and Banstead Tattenham Corner and Preston
0%
Milton Keynes Tattenhoe
0%
Broadland Taverham North
0%
Broadland Taverham South
0%
Mid Devon Taw Vale
0%
Redcar and Cleveland Teesville
0%
Teignbridge Teign Valley
0%
Lewisham Telegraph Hill
0%
High Peak Temple
0%
Dartford Temple Hill
0%
Leeds Temple Newsam
0%
Malvern Hills Tenbury
0%
Ashford Tenterden North
0%
Ashford Tenterden South
0%
Ashford Tenterden St Michael's
0%
Shropshire Tern
0%
Buckinghamshire Terriers and Amersham Hill
0%
King's Lynn and West Norfolk Terrington
0%
Cotswold Tetbury East and Rural
0%
Cotswold Tetbury Town
0%
East Lindsey Tetford and Donington
0%
East Lindsey Tetney
0%
Wolverhampton Tettenhall Regis
0%
Wolverhampton Tettenhall Wightwick
0%
Tewkesbury Tewkesbury East
0%
Tewkesbury Tewkesbury North and Twyning
0%
Tewkesbury Tewkesbury South
0%
Swale Teynham and Lynsted
0%
Elmbridge Thames Ditton
0%
Wandsworth Thamesfield
0%
Barking and Dagenham Thames View
0%
Thanet Thanet Villages
0%
St Helens Thatto Heath
0%
West Berkshire Theale
0%
Cotswold The Beeches
0%
Breckland The Buckenhams and Banham
0%
Braintree The Colnes
0%
West Suffolk The Fornhams and Great Barton
0%
Thurrock The Homesteads
0%
Wiltshire The Lavingtons
0%
Chelmsford The Lawns
0%
Swale The Meads
0%
Buckinghamshire The Missendens
0%
South Cambridgeshire The Mordens
0%
East Hertfordshire The Mundens
0%
Telford and Wrekin The Nedge
0%
North Norfolk The Raynhams
0%
Cotswold The Rissingtons
0%
West Suffolk The Rows
0%
South Holland The Saints
0%
Uttlesford The Sampfords
0%
Shropshire The Strettons
0%
Huntingdonshire The Stukeleys
0%
Chichester The Witterings
0%
Charnwood The Wolds
0%
Sutton The Wrythe
0%
Epping Forest Theydon Bois with Passingford
0%
Newcastle-under-Lyme Thistleberry
0%
Mansfield Thompsons
0%
South Gloucestershire Thornbury
0%
Southampton Thornhill
0%
County Durham Thornley and Wheatley Hill
0%
Norwich Thorpe Hamlet
0%
North Yorkshire Thorpe Willoughby and Hambleton
0%
North Northamptonshire Thrapston
0%
Crawley Three Bridges
0%
Herefordshire Three Crosses
0%
Braintree Three Fields
0%
North West Leicestershire Thringstone
0%
Hartlepool Throston
0%
Stroud Thrupp
0%
Rotherham Thurcroft and Wickersley South
0%
South Norfolk Thurlton
0%
Charnwood Thurmaston
0%
Leicester Thurncourt
0%
Cumberland Thursby
0%
Mid Suffolk Thurston
0%
Bolsover Tibshelf
0%
Doncaster Tickhill and Wadsworth
0%
Forest of Dean Tidenham
0%
Wiltshire Tidworth East and Ludgershall South
0%
Wiltshire Tidworth North and West
0%
Reading Tilehurst
0%
West Berkshire Tilehurst and Purley
0%
West Berkshire Tilehurst Birch Copse
0%
West Berkshire Tilehurst South and Holybrook
0%
Crawley Tilgate
0%
Guildford Tillingbourne
0%
Maldon Tillingham
0%
Wiltshire Till Valley
0%
King's Lynn and West Norfolk Tilney, Mershe Lande and Wiggenhall
0%
Trafford Timperley Central
0%
Trafford Timperley North
0%
Bath and North East Somerset Timsbury
0%
High Peak Tintwistle
0%
Colchester Tiptree
0%
Wiltshire Tisbury
0%
Fareham Titchfield
0%
Fareham Titchfield Common
0%
Wyre Tithebarn
0%
Sandwell Tividale
0%
Central Bedfordshire Toddington
0%
Brent Tokyngton
0%
Bradford | South Kesteven Toller
0%
Rushcliffe Tollerton
0%
Maldon Tollesbury
0%
West Suffolk Tollgate
0%
Islington Tollington
0%
Kingston-upon-Thames Tolworth
0%
Bradford Tong
0%
Bolton Tonge with the Haulgh
0%
Wandsworth Tooting Bec
0%
Wandsworth Tooting Broadway
0%
Exeter Topsham
0%
Torbay Tormohun
0%
Lancaster Torrisholme
0%
Isle of Wight Totland and Colwell
0%
Broxtowe Toton and Chilwell Meadows
0%
Buckinghamshire Totteridge and Bowerdean
0%
Barnet Totteridge and Woodside
0%
Bury Tottington
0%
New Forest Totton Central
0%
New Forest Totton North
0%
New Forest Totton South
0%
Maidstone Tovil
0%
West Northamptonshire Towcester
0%
Dover Tower Hamlets
0%
Norwich Town Close
0%
Horsham Trafalgar
0%
East Riding of Yorkshire Tranby
0%
Stratford-on-Avon Tredington
0%
Tonbridge and Malling Trench
0%
Rushcliffe Trent Bridge
0%
Stoke-on-Trent Trent Vale and Oak Hill
0%
Hastings Tressell
0%
Middlesbrough Trimdon
0%
County Durham Trimdon and Wingate
0%
Boston | Burnley | Chelmsford | +5 others Trinity
0%
Leicester Troon
0%
Wiltshire Trowbridge Adcroft
0%
Wiltshire Trowbridge Central
0%
Wiltshire Trowbridge Drynham
0%
Wiltshire Trowbridge Grove
0%
Wiltshire Trowbridge Lambrok
0%
Wiltshire Trowbridge Park
0%
Wiltshire Trowbridge Paxcroft
0%
Cambridge Trumpington
0%
North Norfolk Trunch
0%
Cornwall Truro Boscawen and Redannick
0%
Cornwall Truro Moresk and Trehaverne
0%
Cornwall Truro Tregolls
0%
County Durham Tudhoe
0%
Kingston-upon-Thames | Watford Tudor
0%
Liverpool Tuebrook Breckside Park
0%
Liverpool Tuebrook Larkhill
0%
Gloucester Tuffley
0%
Islington Tufnell Park
0%
Stoke-on-Trent Tunstall
0%
Herefordshire Tupsley
0%
North East Derbyshire Tupton
0%
Bath and North East Somerset Twerton and Whiteway
0%
Torridge Two Rivers and Three Moors
0%
Medway Twydall
0%
Blackpool Tyldesley
0%
Wigan Tyldesley and Mosley Common
0%
Birmingham Tyseley and Hay Mills
0%
Stratford-on-Avon Tysoe
0%
Harborough Ullesthorpe
0%
Shropshire Underdale
0%
Barnet Underhill
0%
Ashfield Underwood
0%
North East Derbyshire Unstone
0%
Bury Unsworth
0%
Cheltenham Up Hatherley
0%
West Lancashire Up Holland
0%
Fareham Uplands and Funtley
0%
Havering Upminster
0%
Cumberland Upperby
0%
Mid Devon Upper Culm
0%
Enfield Upper Edmonton
0%
Dudley Upper Gornal and Woodsetton
0%
Malvern Hills Upper Howsell
0%
Lancaster Upper Lune Valley
0%
Winchester Upper Meon Valley
0%
Eastbourne Upperton
0%
Somerset Upper Tone
0%
Ashford Upper Weald
0%
Breckland Upper Wensum
0%
Wealden Upper Willingdon
0%
Wychavon Upton Snodsbury
0%
King's Lynn and West Norfolk Upwell and Delph
0%
Dorset Upwey and Broadwey
0%
Wiltshire Urchfont and Bishops Cannings
0%
Trafford Urmston
0%
Barking and Dagenham Valence
0%
Redbridge Valentines
0%
North West Leicestershire | Tandridge | Waltham Forest Valley
0%
Test Valley Valley Park
0%
Lambeth | Liverpool | Luton | Tonbridge and Malling Vauxhall
0%
St Albans Verulam
0%
Watford Vicarage
0%
South Kesteven | Thanet Viking
0%
City of Westminster Vincent Square
0%
City of London Vintry
0%
Pendle Vivary Bridge
0%
Buckinghamshire Waddesdon
0%
Ribble Valley Waddington, Bashall Eaves and Mitton
0%
North Kesteven Waddington Rural
0%
Croydon Waddon
0%
Coventry Wainbody
0%
Mansfield Wainwright
0%
City of London Walbrook
0%
Bath and North East Somerset Walcot
0%
Tonbridge and Malling Walderslade
0%
Rotherham Wales
0%
Hammersmith and Fulham Walham Green
0%
Salford Walkden North
0%
Salford Walkden South
0%
Newcastle-upon-Tyne Walkergate
0%
Sheffield Walkley
0%
Folkestone and Hythe Walland and Denge Marsh
0%
Newham Wall End
0%
Bournemouth, Christchurch and Poole Wallisdown and Winton West
0%
Dover Walmer
0%
Westmorland and Furness Walney Island
0%
Ealing Walpole
0%
Oxford Walton Manor
0%
Merton | Wandsworth Wandle
0%
Wandsworth Wandsworth Common
0%
Wandsworth Wandsworth Town
0%
Redbridge Wanstead Park
0%
Redbridge Wanstead Village
0%
Vale of White Horse Wantage and Grove Brook
0%
Vale of White Horse Wantage Charlton
0%
Huntingdonshire Warboys
0%
Blackpool Warbreck
0%
Birmingham Ward End
0%
Cheltenham Warden Hill
0%
Gateshead Wardley and Leam Lane
0%
Dorset Wareham
0%
East Hertfordshire Ware Priory
0%
East Hertfordshire Ware Rural
0%
East Hertfordshire Ware St Mary's
0%
East Hertfordshire Ware Trinity
0%
Brentwood | Calderdale Warley
0%
Tandridge Warlingham East, Chelsham and Farleigh
0%
Tandridge Warlingham West
0%
Worcester Warndon and Elbury Park
0%
Wyre Warren
0%
Mansfield Warsop Carrs
0%
Fylde | Lancaster Warton
0%
North Yorkshire Washburn and Birstwith
0%
Ashford Washford
0%
Sunderland Washington Central
0%
Sunderland Washington East
0%
Sunderland Washington North
0%
Sunderland Washington South
0%
Sunderland Washington West
0%
Somerset Watchet and Stogursey
0%
Surrey Heath Watchetts
0%
Vale of White Horse Watchfield and Shrivenham
0%
Liverpool Waterfront North
0%
Liverpool Waterfront South
0%
Oldham Waterhead
0%
Chelmsford Waterhouse Farm
0%
Blackpool | Havant Waterloo
0%
Lambeth Waterloo and South Bank
0%
Cotswold Watermoor
0%
North Warwickshire Water Orton
0%
Pendle Waterside and Horsfield
0%
North Yorkshire Wathvale and Bishop Monkton
0%
Dacorum | Medway | Swale Watling
0%
King's Lynn and West Norfolk | South Oxfordshire Watlington
0%
Broxtowe Watnall and Nuthall West
0%
Liverpool Wavertree Garden Suburb
0%
Liverpool Wavertree Village
0%
Mid Devon Way
0%
Medway Wayfield and Weeds Wood
0%
Ashford Weald Central
0%
Ashford Weald North
0%
Ashford Weald South
0%
Harrow Wealdstone North
0%
Harrow Wealdstone South
0%
North Yorkshire Weaponness and Ramshill
0%
County Durham Weardale
0%
Salford Weaste and Seedley
0%
Cheshire West and Chester Weaver and Cuddington
0%
Tower Hamlets Weavers
0%
Redditch Webheath and Callow Hill
0%
Nuneaton and Bedworth Weddington
0%
Sandwell Wednesbury North
0%
Sandwell Wednesbury South
0%
Wolverhampton Wednesfield North
0%
Wolverhampton Wednesfield South
0%
Tendring Weeley and Tendring
0%
Stafford Weeping Cross and Wildwood
0%
North Tyneside Weetslade
0%
Leeds Weetwood
0%
Bassetlaw Welbeck
0%
Stratford-on-Avon Welford-on-Avon
0%
Stratford-on-Avon Wellesbourne East and Rural
0%
Stratford-on-Avon Wellesbourne North and Rural
0%
Stratford-on-Avon Wellesbourne South
0%
Torbay Wellswood
0%
Brent Welsh Harp
0%
Hammersmith and Fulham Wendell Park
0%
Blackburn with Darwen Wensley Fold
0%
Norwich Wensum
0%
Herefordshire Weobley
0%
Birmingham Weoley and Selly Oak
0%
Oldham Werneth
0%
Peterborough | Staffordshire Moorlands Werrington
0%
Wokingham Wescott
0%
County Durham West Auckland
0%
Mansfield West Bank
0%
Merton West Barnes
0%
Canterbury West Bay
0%
Guildford | Southend-on-Sea Westborough
0%
Chichester | City of Westminster Westbourne
0%
Brighton and Hove Westbourne and Poets' Corner
0%
Bournemouth, Christchurch and Poole Westbourne and West Cliff
0%
Ribble Valley West Bradford and Grindleton
0%
Sandwell West Bromwich Central
0%
Thanet | Warrington Westbrook
0%
Kingston-upon-Hull West Carr
0%
Horsham West Chiltington, Thakeham and Ashington
0%
Leicester Westcotes
0%
Gravesham Westcourt
0%
Swale West Downs
0%
Hillingdon West Drayton
0%
Lambeth West Dulwich
0%
Redcar and Cleveland West Dyke
0%
Sheffield West Ecclesfield
0%
Waverley Western Commons
0%
Cannock Chase Western Springs
0%
Newcastle-upon-Tyne West Fenham
0%
Barnet West Finchley
0%
Great Yarmouth West Flegg
0%
Haringey West Green
0%
Bexley | Rushmoor West Heath
0%
Barnet West Hendon
0%
Rochdale West Heywood
0%
Dartford | Wandsworth West Hill
0%
East Devon West Hill and Aylesbeare
0%
Brighton and Hove West Hill and North Laine
0%
Bolton Westhoughton North and Hunger Hill
0%
Bolton Westhoughton South
0%
Wirral West Kirby and Thurstaston
0%
Newcastle-under-Lyme Westlands
0%
North East Lincolnshire West Marsh
0%
Rochdale West Middleton
0%
Bath and North East Somerset Westmoreland
0%
South Tyneside Westoe
0%
Dorset West Parley
0%
Blackburn with Darwen West Pennine
0%
Dorset West Purbeck
0%
Wandsworth West Putney
0%
Bournemouth, Christchurch and Poole West Southbourne
0%
Hastings West St Leonards
0%
Thurrock West Thurrock and South Stifford
0%
Torridge Westward Ho!
0%
Tandridge Westway
0%
Bromley West Wickham
0%
King's Lynn and West Norfolk West Winch
0%
Buckinghamshire West Wycombe and Lane End
0%
Cumberland Wetheral
0%
Slough Wexham Court
0%
Barking and Dagenham Whalebone
0%
High Peak Whaley Bridge
0%
Ribble Valley Whalley and Painter Wood
0%
Ribble Valley Whalley Nethertown
0%
Manchester Whalley Range
0%
South Holland Whaplode and Holbeach St John's
0%
Redcar and Cleveland Wheatlands
0%
Rochford | South Oxfordshire Wheatley
0%
Doncaster Wheatley Hills and Intake
0%
West Suffolk Whepstead and Wickhambrook
0%
Barnet Whetstone
0%
Gateshead Whickham North
0%
Gateshead Whickham South and Sunniside
0%
East Devon Whimple and Rockbeare
0%
Darlington Whinfield
0%
Rutland Whissendine
0%
Knowsley Whiston and Cronton
0%
South Tyneside Whitburn and Marsden
0%
Tower Hamlets Whitechapel
0%
Hammersmith and Fulham White City
0%
Herefordshire Whitecross
0%
Bracknell Forest Whitegrove
0%
Haringey White Hart Lane
0%
Brighton and Hove Whitehawk and Marina
0%
Gravesham Whitehill and Windmill Hill
0%
East Hampshire Whitehill Chase
0%
East Hampshire Whitehill Hogmoor and Greatham
0%
East Hampshire Whitehill Pinewood
0%
Ipswich Whitehouse
0%
South Tyneside Whiteleas
0%
Winchester Whiteley and Shedfield
0%
Nuneaton and Bedworth Whitestone
0%
Enfield Whitewebbs
0%
Rossendale Whitewell and Stacksteads
0%
Dover | High Peak Whitfield
0%
Warwick Whitnash
0%
Chesterfield | Shropshire Whittington
0%
Lichfield Whittington and Streethay
0%
Chesterfield Whittington Moor
0%
Burnley Whittlefield with Ightenhill
0%
South Cambridgeshire Whittlesford
0%
Bolsover Whitwell
0%
Coventry Whoberley
0%
Tandridge Whyteleafe
0%
Bradford Wibsey
0%
Rotherham Wickersley North
0%
Basildon Wickford North
0%
Basildon Wickford Park
0%
East Suffolk Wickham Market
0%
South Norfolk Wicklewood
0%
Bath and North East Somerset Widcombe and Lyncombe
0%
Herefordshire Widemarsh
0%
Adur Widewater
0%
Wigan Wigan Central
0%
Wigan Wigan West
0%
Cheshire East Willaston and Rope
0%
Walsall Willenhall North
0%
Walsall Willenhall South
0%
East Riding of Yorkshire Willerby and Kirk Ella
0%
Ashford Willesborough
0%
Brent Willesden Green
0%
Waltham Forest William Morris
0%
East Lindsey Willoughby with Sloothby
0%
Cheshire East Wilmslow Dean Row
0%
Cheshire East Wilmslow East
0%
Cheshire East Wilmslow Lacey Green
0%
Tamworth Wilnecote
0%
Ribble Valley Wilpshire and Ramsgreave
0%
Erewash Wilsthorpe
0%
Somerset Wincanton and Bruton
0%
Tewkesbury Winchcombe
0%
Canterbury Wincheap
0%
Enfield Winchmore Hill
0%
Bradford Windhill and Wrose
0%
St Helens Windle
0%
Surrey Heath Windlesham and Chobham
0%
City of Bristol Windmill Hill
0%
Gateshead Windy Nook and Whitehills
0%
North Somerset Winford
0%
Newcastle-upon-Tyne Wingrove
0%
Bracknell Forest Winkfield and Warfield East
0%
Basingstoke and Deane Winklebury and Manydown
0%
Torridge Winkleigh
0%
Gateshead Winlaton and High Spen
0%
Wokingham Winnersh
0%
Cheshire West and Chester Winsford Dene
0%
Cheshire West and Chester Winsford Gravel
0%
Cheshire West and Chester Winsford Over and Verdin
0%
Cheshire West and Chester Winsford Swanlow
0%
Cheshire West and Chester Winsford Wharton
0%
East Staffordshire Winshill
0%
Buckinghamshire Winslow
0%
Wigan Winstanley
0%
Wiltshire Winterslow and Upper Bourne Valley
0%
East Lindsey Winthorpe
0%
Bournemouth, Christchurch and Poole Winton East
0%
Redditch Winyates
0%
Brighton and Hove Wish
0%
Hastings Wishing Tree
0%
King's Lynn and West Norfolk Wissey
0%
Cheshire East Wistaston
0%
North Devon Witheridge
0%
West Suffolk Withersfield
0%
Manchester Withington
0%
Wealden Withyham
0%
West Oxfordshire Witney Central
0%
West Oxfordshire Witney East
0%
West Oxfordshire Witney North
0%
West Oxfordshire Witney South
0%
West Oxfordshire Witney West
0%
Peterborough Wittering
0%
Lewes Wivelsfield
0%
Colchester Wivenhoe
0%
Bedford Wixams and Wilstead
0%
Tandridge Woldingham
0%
North East Lincolnshire Wolds
0%
East Riding of Yorkshire Wolds Weighton
0%
West Lindsey Wold View
0%
Nottingham Wollaton West
0%
Newcastle-under-Lyme Wolstanton
0%
Rugby Wolston and the Lawfords
0%
Oxford Wolvercote
0%
Cheshire West and Chester Wolverham
0%
Milton Keynes Wolverton
0%
Rugby Wolvey and Shilton
0%
South Staffordshire Wombourne North
0%
South Staffordshire Wombourne South
0%
Barnsley Wombwell
0%
Winchester Wonston and Micheldever
0%
Hackney Woodberry Down
0%
East Devon Woodbury and Lympstone
0%
Epsom and Ewell Woodcote and Langley Vale
0%
South Oxfordshire Woodcote and Rotherfield
0%
East Cambridgeshire Woodditton
0%
Hillingdon Wood End
0%
Stevenage Woodfield
0%
Dacorum Woodhall Farm
0%
East Lindsey Woodhall Spa
0%
Barnet | Sheffield Woodhouse
0%
Manchester Woodhouse Park
0%
Brighton and Hove Woodingdean
0%
Croydon | Haringey | Telford and Wrekin | Watford Woodside
0%
Waltham Forest Wood Street
0%
Gedling Woodthorpe
0%
South Derbyshire Woodville
0%
Northumberland Wooler
0%
Southampton Woolston
0%
Liverpool Woolton Village
0%
South Hams Woolwell
0%
Isle of Wight Wootton Bridge
0%
Stratford-on-Avon Wootton Wawen
0%
Dudley Wordsley North
0%
Hammersmith and Fulham Wormholt
0%
Broxbourne Wormley and Turnford
0%
Herefordshire Wormside
0%
Guildford Worplesdon
0%
Barnsley Worsbrough
0%
Salford Worsley and Westwood Park
0%
Wigan Worsley Mesnes
0%
North Norfolk Worstead
0%
North West Leicestershire Worthington and Breedon
0%
Bradford Worth Valley
0%
Stroud Wotton-under-Edge
0%
Milton Keynes Woughton and Fishermead
0%
East Lindsey Wragby
0%
Fylde Wrea Green with Westby
0%
Charnwood Wreake Valley
0%
Cheshire East Wrenbury
0%
East Suffolk Wrentham, Wangford and Westleton
0%
Wakefield Wrenthorpe and Outwood West
0%
Wyre Forest Wribbenhall and Arley
0%
North Somerset Wrington
0%
Chelmsford Writtle
0%
Telford and Wrekin Wrockwardine
0%
Telford and Wrekin Wrockwardine Wood and Trench
0%
Swindon Wroughton and Wichelstowe
0%
Broadland Wroxham
0%
Boston Wyberton
0%
Bedford Wyboston
0%
Cheshire East Wybunbury
0%
Leicester Wycliffe
0%
Ashford Wye with Hinxhill
0%
Bradford Wyke
0%
Coventry Wyken
0%
Wiltshire Wylye Valley
0%
Wyre Wyresdale
0%
Bromsgrove Wythall East
0%
Bromsgrove Wythall West
0%
North East Lincolnshire Yarborough
0%
East Devon Yarty
0%
North Somerset Yatton
0%
Huntingdonshire Yaxley
0%
Hillingdon Yeading
0%
Braintree Yeldham
0%
Mid Devon Yeo
0%
Mansfield Yeoman Hill
0%
Somerset Yeovil Central
0%
Somerset Yeovil East
0%
Somerset Yeovil South
0%
Somerset Yeovil West
0%
Dorset Yetminster
0%
Cumberland Yewdale
0%
Hillingdon Yiewsley
0%
Redcar and Cleveland Zetland
0%
No matching quizzes found
Score Distribution
Percent of People with Each Score
Percentile by Number Answered
Your Score History
You have not taken this quiz